{"text_format":"3","workbook":"xls","n_sheets":99,"sheets":["9.15","9.17","9.18","9.19","9.20","9.21","9.22","9.26","9.30","10.1","10.3","10.6","10.9","10.11","10.13","10.16","10.17","10.18","10.19","10.24","10.27","10.30","11.01","11.04","11.10","11.16","11.17","11.20","11.22","11.23","11.27","11.30","12.03","12.04","12.06","12.10","12.16","12.20","12.21","12.25","12.26","12.30","12.31","01.06","01.07","1.09","1.11","1.14","1.15","1.16","1.18","1.19","1.20","1.23","1.25","1.29","2.14","2.16","2.18","2.20","2.23","2.24","2.26","2.27","2.28","3.01","3.04","3.05","3.07","3.10","3.11","3.12","3.13","3.14","3.15","3.16","3.18","3.20","3.22","3.23","3.25","3.28","4.02","4.03","4.4","4.09","4.10","4.11","4.15","4.16","4.19","4.22","4.23","4.24","4.29","4.30","5.3","5.5","5.6"],"read":"whole","date_system":"1900","formulas":"cached_only"}

{"sheet":"9.15","index":0,"n_rows":22,"n_cols":12,"rows_kept":22,"merged":[[0,0,0,11],[1,0,1,11],[2,0,2,11]],"flags":["formulas_cached_only"]}
["五金收料统计日报表"]
["日期： 2018  年 09  月 15  日                             填表人： 吴艳苓"]
["单位：江苏大力神管桩有限公司巨野分公司"]
["入库单号","品名","规格","数量","单位","单价","金额","供应商名称","联系方式","采购员","检验员","备注"]
["WIN005802","黄漆",null,1,"桶",160,160,"巨野县亚美涂料",null,"张传鹏","甘星允"]
["WIN005803","热镀锌管","DN40",1,"根",105,105,"巨野县大型管材钢板批发中心",13561376863,"张传鹏","甘星允"]
[null,"热镀锌管","DN50",5,"根",140,700,"巨野县大型管材钢板批发中心",13561376863,"张传鹏","甘星允"]
["WIN005804","扎丝",null,16,"斤",3,48,"巨野县嘉盛五金机电",18753016988,"张传鹏","甘星允"]
["WIN005805","直接","Φ16",100,"个",2.5,250,"巨野县润润五金门市",15764010539,"张传鹏","甘星允"]
["WIN005806","内磨机",null,1,"个",150,150,"巨野县嘉盛五金机电",18753016988,"张传鹏","甘星允"]
["WIN005807","绝缘棒",null,3,"根",20,60,"济宁市任城区山泉强力磁铁经销处",null,"张传鹏","甘星允"]
[null,"密封圈",100,1,"套",350,350,"济宁市任城区山泉强力磁铁经销处",null,"张传鹏","甘星允"]
["WIN005808","磨光机",null,1,"台",150,150,"巨野县嘉盛五金机电",18753016988,"张传鹏","甘星允"]
["WIN005809","墩头机密封圈",null,2,"套",11.3,22.6,"巨野县派龙工程机械门市部",null,"张传鹏","甘星允"]
["WIN005810","铁锨头",null,10,"个",15,150,"巨野县嘉盛五金机电",18753016988,"张传鹏","甘星允"]
["WIN005811","轴承",30217,8,"个",59,472,"巨野县泗春五金机电门市部",13561346099,"张传鹏","甘星允"]
[null,"焊条","Φ3.2",2,"箱",102,204,"巨野县泗春五金机电门市部",13561346099,"张传鹏","甘星允"]
[null,"焊条","Φ4.0",1,"箱",102,102,"巨野县泗春五金机电门市部",13561346099,"张传鹏","甘星允"]
[null,"钢卷尺","5米",3,"个",5,15,"巨野县泗春五金机电门市部",13561346099,"张传鹏","甘星允"]
["WIN005812","小垃圾袋",null,20,"卷",1.5,30,"巨野县慧慧百货店",null,"张传鹏","甘星允"]
["WIN005814","电缆线","3*16+1",1,"盘",3450,3450,"邳州玲峰电器有限公司",null,"王成军","甘星允"]
["WIN005815","铜排","3000*80*10",6,"根",1226,7356,"苏州引流金属材料有限公司",null,"王成军","甘星允"]

{"sheet":"9.17","index":1,"n_rows":6,"n_cols":12,"rows_kept":6,"merged":[[0,0,0,11],[1,0,1,11],[2,0,2,11]],"flags":["formulas_cached_only"]}
["五金收料统计日报表"]
["日期： 2018  年 09  月 17  日                             填表人： 吴艳苓"]
["单位：江苏大力神管桩有限公司巨野分公司"]
["入库单号","品名","规格","数量","单位","单价","金额","供应商名称","联系方式","采购员","检验员","备注"]
["WIN005817","铜带","650*100",2,"桶",650,1300,"马鞍山顺昌机械科技有限公司",13952271884,"王成军","甘星允"]
["WIN005818","铜焊枪",null,1,"根",1600,1600,"江苏维骏工业设备有限公司",13952271884,"王成军","甘星允"]

{"sheet":"9.18","index":2,"n_rows":27,"n_cols":12,"rows_kept":27,"merged":[[0,0,0,11],[1,0,1,11],[2,0,2,11]],"flags":["formulas_cached_only"]}
["五金收料统计日报表"]
["日期： 2018  年 09  月 18  日                             填表人： 吴艳苓"]
["单位：江苏大力神管桩有限公司巨野分公司"]
["入库单号","品名","规格","数量","单位","单价","金额","供应商名称","联系方式","采购员","检验员","备注"]
["WIN005838","工业用盐","50KG",5000,"KG",0.48,2400,"山东省盐业集团菏泽有限公司巨野分公司","05308256194","张传鹏","甘星允"]
["WIN005839","轴承",30217,8,"套",59,472,"巨野县泗春五金机电门市部",13561346099,"张传鹏","甘星允"]
[null,"轴承","22224CA",4,"套",260,1040,"巨野县泗春五金机电门市部",13561346099,"张传鹏","甘星允"]
["WIN005840","大垃圾袋",null,4,"包",20,80,"巨野商业街",null,"张传鹏","甘星允"]
["WIN005842","导电套（加工件）","24*62",4,"件",20,80,"巨野县麒麟镇瑞麟机床加工件",18253062776,"张传鹏","甘星允"]
["WIN005843","PVC线管","Φ16",2,"根",3.5,7,"巨野县豪德五金机电批发部",18816075138,"张传鹏","甘星允"]
[null,"PVC线槽",null,10,"根",2.5,25,"巨野县豪德五金机电批发部",18816075138,"张传鹏","甘星允"]
[null,"护套线","2*1.5",1,"盘",175,175,"巨野县豪德五金机电批发部",18816075138,"张传鹏","甘星允"]
[null,"胀丝胀管",null,2,"包",2,4,"巨野县豪德五金机电批发部",18816075138,"张传鹏","甘星允"]
["WIN005844","空滤总成",null,4,"个",28,112,"上海布利斯托压缩机有限公司",18930829343,"张传鹏","甘星允"]
[null,"排气管",null,1,"套",205,205,"上海布利斯托压缩机有限公司",18930829343,"张传鹏","甘星允"]
[null,"活塞环",null,3,"付",18,54,"上海布利斯托压缩机有限公司",18930829343,"张传鹏","甘星允"]
[null,"活塞",null,2,"个",36,72,"上海布利斯托压缩机有限公司",18930829343,"张传鹏","甘星允"]
["WIN005845","连杆",null,2,"根",59,118,"上海布利斯托压缩机有限公司",18930829343,"张传鹏","甘星允"]
[null,"排气阀片",null,3,"套",20,60,"上海布利斯托压缩机有限公司",18930829343,"张传鹏","甘星允"]
[null,"进排气阀",null,1,"套",8,8,"上海布利斯托压缩机有限公司",18930829343,"张传鹏","甘星允"]
[null,"进排气阀板总成（含O型圈）",null,1,"个",65,65,"上海布利斯托压缩机有限公司",18930829343,"张传鹏","甘星允"]
["WIN005846","不锈钢焊条","Φ3.2",1,"把",60,60,"巨野县泗春五金机电门市部",13561346099,"张传鹏","甘星允"]
[null,"风炮套头","Φ30",30,"个",35,1050,"巨野县泗春五金机电门市部",13561346099,"张传鹏","甘星允"]
["WIN005847",{"$nulls":6},"江苏大力神",13952271884,"王成军","甘星允"]
[null,"江苏大力神",{"$nulls":5},"江苏大力神",13952271884,"王成军","甘星允"]
[null,"江苏大力神",{"$nulls":5},"江苏大力神",13952271884,"王成军","甘星允"]
[null,"江苏大力神",{"$nulls":5},"江苏大力神",13952271884,"王成军","甘星允"]

{"sheet":"9.19","index":3,"n_rows":13,"n_cols":12,"rows_kept":13,"merged":[[0,0,0,11],[1,0,1,11],[2,0,2,11]],"flags":["formulas_cached_only"]}
["五金收料统计日报表"]
["日期： 2018  年 09  月 19 日                             填表人： 吴艳苓"]
["单位：江苏大力神管桩有限公司巨野分公司"]
["入库单号","品名","规格","数量","单位","单价","金额","供应商名称","联系方式","采购员","检验员","备注"]
["WIN005855","南孚电池","5号",10,"节",2.5,25,"巨野县嘉盛五金机电",18753016988,"张传鹏","甘星允"]
["WIN005856","8.8级高强螺丝","16*70",50,"套",1.6,80,"巨野县泗春五金机电门市部",13561346099,"张传鹏","甘星允"]
[null,"8.8级高强螺丝","16*80",50,"套",1.65,82.5,"巨野县泗春五金机电门市部",13561346099,"张传鹏","甘星允"]
[null,"8.8级高强螺丝","16*90",50,"套",2.05,102.49999999999999,"巨野县泗春五金机电门市部",13561346099,"张传鹏","甘星允"]
["WIN005857","沉头螺丝","12*40",20,"套",0.66,13.200000000000001,"巨野县泗春五金机电门市部",13561346099,"张传鹏","甘星允"]
[null,"焊条","Φ4.0",2,"箱",105,210,"巨野县泗春五金机电门市部",13561346099,"张传鹏","甘星允"]
[null,"焊条",506,2,"箱",140,280,"巨野县泗春五金机电门市部",13561346099,"张传鹏","甘星允"]
["WIN005858","黄油","0号",6,"桶",200,1200,"张忠奎",18266402186,"张传鹏","甘星允"]
[null,"黄油","3号",3,"桶",200,600,"张忠奎",18266402186,"张传鹏","甘星允"]

{"sheet":"9.20","index":4,"n_rows":8,"n_cols":12,"rows_kept":8,"merged":[[0,0,0,11],[1,0,1,11],[2,0,2,11]],"flags":["formulas_cached_only"]}
["五金收料统计日报表"]
["日期： 2018  年 09  月 20 日                             填表人： 吴艳苓"]
["单位：江苏大力神管桩有限公司巨野分公司"]
["入库单号","品名","规格","数量","单位","单价","金额","供应商名称","联系方式","采购员","检验员","备注"]
["WIN005865","铜带","650*100*10",5,"个",650,3250,"马鞍山顺昌机械科技有限公司",18753016988,"王成军","甘星允"]
["WIN005866","洗衣粉",null,140,"袋",2.82857143,396,"周郢",18753016989,"王成军","甘星允"]
["WIN005867","氧气",null,10,"瓶",30,300,"巨野巨泰气体站",18765016777,"张传鹏","甘星允"]
[null,"乙炔",null,7,"瓶",65,455,"巨野巨泰气体站",18765016778,"张传鹏","甘星允"]

{"sheet":"9.21","index":5,"n_rows":5,"n_cols":12,"rows_kept":5,"merged":[[0,0,0,11],[1,0,1,11],[2,0,2,11]],"flags":["formulas_cached_only"]}
["五金收料统计日报表"]
["日期： 2018  年 09  月 21 日                             填表人： 吴艳苓"]
["单位：江苏大力神管桩有限公司巨野分公司"]
["入库单号","品名","规格","数量","单位","单价","金额","供应商名称","联系方式","采购员","检验员","备注"]
["WIN005873","风镐","G7",2,"台",533,1066,"山东安煤机械设备有限公司",15629968953,"张传鹏","甘星允"]

{"sheet":"9.22","index":6,"n_rows":5,"n_cols":12,"rows_kept":5,"merged":[[0,0,0,11],[1,0,1,11],[2,0,2,11]],"flags":["formulas_cached_only"]}
["五金收料统计日报表"]
["日期： 2018  年 09  月 21 日                             填表人： 吴艳苓"]
["单位：江苏大力神管桩有限公司巨野分公司"]
["入库单号","品名","规格","数量","单位","单价","金额","供应商名称","联系方式","采购员","检验员","备注"]
["WIN005873","风镐","G7",2,"台",533,1066,"山东安煤机械设备有限公司",15629968953,"张传鹏","甘星允"]

{"sheet":"9.26","index":7,"n_rows":6,"n_cols":12,"rows_kept":6,"merged":[[0,0,0,11],[1,0,1,11],[2,0,2,11]],"flags":["formulas_cached_only"]}
["五金收料统计日报表"]
["日期： 2018  年 09  月 26 日                             填表人： 吴艳苓"]
["单位：江苏大力神管桩有限公司巨野分公司"]
["入库单号","品名","规格","数量","单位","单价","金额","供应商名称","联系方式","采购员","检验员","备注"]
["WIN005929","胶塞","Φ500",20,"个",71,1420,"镇江协浩机电设备有限公司",18753016988,"王成军","甘星允"]
[null,"胶塞","Φ400",20,"个",58,1160,"镇江协浩机电设备有限公司",18753016988,"王成军","甘星允"]

{"sheet":"9.30","index":8,"n_rows":55,"n_cols":12,"rows_kept":55,"merged":[[0,0,0,11],[1,0,1,11],[2,0,2,11]],"flags":["formulas_cached_only"]}
["五金收料统计日报表"]
["日期： 2018  年 09  月 30 日                             填表人： 吴艳苓"]
["单位：江苏大力神管桩有限公司巨野分公司"]
["入库单号","品名","规格","数量","单位","单价","金额","供应商名称","联系方式","采购员","检验员","备注"]
["WIN005942","氧气",null,4,"瓶",30,120,"巨野县巨泰气体站二站",18765016777,"张传鹏","甘星允"]
[null,"乙炔",null,6,"瓶",65,390,"巨野县巨泰气体站二站",18765016777,"张传鹏","甘星允"]
["WIN005943","胶",801,6,"袋",15,90,"巨野县亚美涂料",18266402186,"张传鹏","甘星允"]
["WIN005944","本子",null,5,"本",2,10,"巨野县晨风文具商行",18653006669,"张传鹏","甘星允"]
["WIN005945","行程开关","ME5104",2,"个",20,40,"巨野县豪德五金机电批发部",18816075138,"张传鹏","甘星允"]
[null,"磁灯头",null,5,"个",2,10,"巨野县豪德五金机电批发部",18816075138,"张传鹏","甘星允"]
["WIN005946","空压机油","18升",1,"桶",230,230,"张中奎",18266402186,"张传鹏","甘星允"]
["WIN005947","无缝管","DN15",20.7,"米",12,248.39999999999998,"巨野县大型管材钢板批发中心",13561376863,"张传鹏","甘星允"]
["WIN005948","磨光机",null,1,"台",150,150,"巨野县嘉盛五金机电",18753016988,"张传鹏","甘星允"]
["WIN005949","轴承",21320,2,"套",360,720,"巨野县泗春五金机电门市部",13561346099,"张传鹏","甘星允"]
[null,"轴承",30217,8,"个",59,472,"巨野县泗春五金机电门市部",13561346099,"张传鹏","甘星允"]
[null,"轴承",6001,10,"个",2.6,26,"巨野县泗春五金机电门市部",13561346099,"张传鹏","甘星允"]
[null,"生胶带",null,20,"个",1,20,"巨野县泗春五金机电门市部",13561346099,"张传鹏","甘星允"]
[null,"铆钉",null,1,"包",20,20,"巨野县泗春五金机电门市部",13561346099,"张传鹏","甘星允"]
["WIN005950","导绳器","3T",3,"个",45,135,"济宁市任城区永胜机电",13953720656,"张传鹏","甘星允"]
["WIN005951","链条","16-1单排",2,"个",100,200,"巨野县兴强轴承销售中心",15163085678,"张传鹏","甘星允"]
["WIN005952","螺杆泵","ZGD",1,"台",200,200,"巨野县德重电器维修中心",13561346067,"张传鹏","甘星允"]
["WIN005953","电磁阀线圈","801-220V",10,"个",9,90,"巨野县兴强轴承销售中心",15163085678,"张传鹏","甘星允"]
["WIN005954","开口销",null,38,"斤",4.5,171,"巨野县兴强轴承销售中心",15163085678,"张传鹏","甘星允"]
["WIN005955","电磁阀线圈",null,10,"个",9,90,"巨野县润润五金门市",15764010539,"张传鹏","甘星允"]
[null,"密封胶",588,10,"个",4,40,"巨野县润润五金门市",15764010539,"张传鹏","甘星允"]
["WIN005956","热熔活节","Φ32",1,"个",3,3,"巨野县润润五金门市",15764010539,"张传鹏","甘星允"]
[null,"热熔外牙直接","Φ32",1,"个",4,4,"巨野县润润五金门市",15764010539,"张传鹏","甘星允"]
["WIN005957","齿轮油","18升",3,"桶",240,720,"张中奎",18266402186,"张传鹏","甘星允"]
["WIN005958","按钮","NP3-3",5,"个",55,275,"巨野县豪德五金机电批发部",18816075138,"张传鹏","甘星允"]
["WIN005959","轴承",22224,2,"个",260,520,"巨野县兴强轴承销售中心",15163085678,"张传鹏","甘星允"]
["WIN005960","电焊帽",null,5,"个",5,25,"巨野县润润五金门市",15764010539,"张传鹏","甘星允"]
["WIN005961","黄油嘴",null,10,"个",1,10,"张中奎",18266402186,"张传鹏","甘星允"]
["WIN005962","疏通器","好",1,"个",50,50,"巨野县润润五金门市",15764010539,"张传鹏","甘星允"]
["WIN005963","潜水泵","0.75KW",1,"台",300,300,"巨野县德重电器维修中心",13561346067,"张传鹏","甘星允"]
["WIN005964","接线轴",180,3,"个",10,30,"巨野县德重电器维修中心",13561346067,"张传鹏","甘星允"]
["WIN005965","镀锌管","DN25",4,"个",70,280,"巨野县大型管材钢板批发中心",13561376863,"张传鹏","甘星允"]
["WIN005966","气动蝶阀","Φ50",2,"套",150,300,"巨野县润润五金门市",15764010539,"张传鹏","甘星允"]
[null,"镀锌弯头","Φ25",4,"个",2.5,10,"巨野县润润五金门市",15764010539,"张传鹏","甘星允"]
["WIN005967","开口销",null,33,"斤",4.5,148.5,"巨野县兴强轴承销售中心",15163085678,"张传鹏","甘星允"]
["WIN005968","高温法兰球阀","DN15",5,"个",40,200,"巨野县润润五金门市",15764010539,"张传鹏","甘星允"]
[null,"快速接头","12--03",10,"个",3,30,"巨野县润润五金门市",15764010539,"张传鹏","甘星允"]
[null,"金属垫片","Φ15",10,"个",1,10,"巨野县润润五金门市",15764010539,"张传鹏","甘星允"]
["WIN005969","托辊",240,20,"个",27,540,"济宁市任城区瑞成轴承工具经销处",13953720656,"张传鹏","甘星允"]
["WIN006008","LED灯","100W",5,"个",150,750,"巨野县豪德五金机电批发部",18816075138,"张传鹏","甘星允"]
[null,"电表箱",null,2,"个",15,30,"巨野县豪德五金机电批发部",18816075138,"张传鹏","甘星允"]
[null,"单相电子式电能表","10-40",1,"个",40,40,"巨野县豪德五金机电批发部",18816075138,"张传鹏","甘星允"]
["WIN006009","减速机","WPO80-20",1,"台",450,450,"济宁市科力达机电设备有限公司",15020299171,"张传鹏","甘星允"]
["WIN006010","钢丝管","Φ50",8,"米",15,120,"巨野县德重电器维修中心",13561346067,"张传鹏","甘星允"]
["WIN006011","丝锥","Φ20",1,"付",15,15,"巨野县泗春五金机电门市部",13561346099,"张传鹏","甘星允"]
[null,"轴承",30217,8,"个",59,472,"巨野县泗春五金机电门市部",13561346099,"张传鹏","甘星允"]
[null,"百叶片",100,30,"个",1.5,45,"巨野县泗春五金机电门市部",13561346099,"张传鹏","甘星允"]
[null,"磨片",100,50,"个",1.65,82.5,"巨野县泗春五金机电门市部",13561346099,"张传鹏","甘星允"]
["WIN006012","8.8级内六角螺丝","8*50",50,"套",0.32,16,"巨野县泗春五金机电门市部",13561346099,"张传鹏","甘星允"]
[null,"8.8级高强螺丝","20*110",60,"套",3.4,204,"巨野县泗春五金机电门市部",13561346099,"张传鹏","甘星允"]
[null,"沉头螺丝","12*40",100,"套",0.68,68,"巨野县泗春五金机电门市部",13561346099,"张传鹏","甘星允"]

{"sheet":"10.1","index":9,"n_rows":14,"n_cols":12,"rows_kept":14,"merged":[[0,0,0,11],[1,0,1,11],[2,0,2,11]],"flags":["formulas_cached_only"]}
["五金收料统计日报表"]
["日期： 2018  年 10 月 01 日                             填表人： 吴艳苓"]
["单位：江苏大力神管桩有限公司巨野分公司"]
["入库单号","品名","规格","数量","单位","单价","金额","供应商名称","联系方式","采购员","检验员","备注"]
["WIN006013","交流接触器","CJX1-110A/380V",6,"个",380,2280,"邳州玲峰电器有限公司",null,"张传鹏","甘星允"]
["WIN006014","老冰棍",null,7,"箱",10,70,"巨野县孔磊土产门市部",null,"张传鹏","甘星允"]
["WIN006022","调压阀","AR2000-02",2,"个",25,50,"巨野县润润五金门市",15764010539,"张传鹏","甘星允"]
[null,"油气分离器",null,1,"个",150,150,"巨野县润润五金门市",15764010539,"张传鹏","甘星允"]
["WIN006023","档案袋",null,20,"个",1,20,"巨野县晨风文具商行",18653006669,"张传鹏","甘星允"]
[null,"印台",null,1,"个",15,15,"巨野县晨风文具商行",18653006669,"张传鹏","甘星允"]
[null,"印油",null,1,"个",5,5,"巨野县晨风文具商行",18653006669,"张传鹏","甘星允"]
["WIN006024","棉雨靴",null,2,"双",28,56,"许凤雪",null,"张传鹏","甘星允"]
["WIN006025","黄油","3号",1,"桶",200,200,"张中奎",null,"张传鹏","甘星允"]
[{"$nulls":6},0,null,null,"张传鹏","甘星允"]

{"sheet":"10.3","index":10,"n_rows":17,"n_cols":12,"rows_kept":17,"merged":[[0,0,0,11],[1,0,1,11],[2,0,2,11]],"flags":["formulas_cached_only"]}
["五金收料统计日报表"]
["日期： 2018  年 10 月 03 日                             填表人： 吴艳苓"]
["单位：江苏大力神管桩有限公司巨野分公司"]
["入库单号","品名","规格","数量","单位","单价","金额","供应商名称","联系方式","采购员","检验员","备注"]
["WIN006035","焊条","Φ3.2",2,"箱",105,210,"巨野县泗春五金机电门市部",13561346099,"张传鹏","甘星允"]
["WIN006036","铁锨杆",null,12,"把",10,120,"巨野县嘉盛五金机电",18753016988,"张传鹏","甘星允"]
[null,"头灯",null,2,"个",25,50,"巨野县嘉盛五金机电",18753016988,"张传鹏","甘星允"]
["WIN006037","气管","Φ16",1,"盘",450,450,"巨野县润润五金门市",15764010539,"张传鹏","甘星允"]
["WIN006038","卷尺","30米",1,"个",25,25,"巨野县嘉盛五金机电",18753016988,"张传鹏","甘星允"]
["WIN006039","篷布","4*50米",3,"件",200,600,"巨野县五龙武术体育器材商店",null,"张传鹏","甘星允"]
["WIN006040","直接","Φ16",100,"个",2.5,250,"巨野县润润五金门市",15764010539,"张传鹏","甘星允"]
["WIN006041","合模螺丝","20*125",4000,"套",3.9,15600,"靖江市百佳机械配件有限公司",null,"周彬","甘星允"]
[null,"张拉螺丝","27*60",30,"袋",350,10500,"靖江市百佳机械配件有限公司",null,"周彬","甘星允"]
[null,"销子","16*70",4000,"个",0.85,3400,"靖江市百佳机械配件有限公司",null,"周彬","甘星允"]
["WIN006042","皮手套",null,550,"双",3.5,1925,"临沂福伟劳保五金工具",null,"王成军","甘星允"]
[null,"线手套",null,90,"双",0.46,41.4,"临沂福伟劳保五金工具",null,"王成军","甘星允"]
[null,"口罩",null,100,"个",0.26,26,"临沂福伟劳保五金工具",null,"王成军","甘星允"]

{"sheet":"10.6","index":11,"n_rows":26,"n_cols":12,"rows_kept":26,"merged":[[0,0,0,11],[1,0,1,11],[2,0,2,11]],"flags":["formulas_cached_only"]}
["五金收料统计日报表"]
["日期： 2018  年 10 月 06 日                             填表人： 吴艳苓"]
["单位：江苏大力神管桩有限公司巨野分公司"]
["入库单号","品名","规格","数量","单位","单价","金额","供应商名称","联系方式","采购员","检验员","备注"]
["WIN006062","PVC活接","Φ63",1,"个",9,9,"嘉祥建材水暖城",null,"张传鹏","甘星允"]
["WIN006063","快速接头","12--02",30,"个",2.5,75,"巨野县润润五金门市",15764010539,"张传鹏","甘星允"]
[null,"毛刷",null,50,"个",3,150,"巨野县润润五金门市",15764010539,"张传鹏","甘星允"]
[null,"割咀","T-30",2,"盒",20,40,"巨野县润润五金门市",15764010539,"张传鹏","甘星允"]
[null,"气管","Φ12",1,"盘",240,240,"巨野县润润五金门市",15764010539,"张传鹏","甘星允"]
["WIN006064","绝缘板","2MM",1,"张",180,180,"巨野县豪德五金机电批发部",18816075138,"张传鹏","甘星允"]
["WIN006065","触头总成","KTJ6-100A",10,"个",36,360,"巨野县豪德五金机电批发部",18816075138,"张传鹏","甘星允"]
["WIN006066","轴承",30217,8,"个",59,472,"巨野县泗春五金机电门市部",13561346099,"张传鹏","甘星允"]
[null,"手用丝锥","Φ6",8,"个",4,32,"巨野县泗春五金机电门市部",13561346099,"张传鹏","甘星允"]
[null,"手用丝锥","Φ14",8,"个",14,112,"巨野县泗春五金机电门市部",13561346099,"张传鹏","甘星允"]
[null,"手用丝锥","Φ20",7,"个",15,105,"巨野县泗春五金机电门市部",13561346099,"张传鹏","甘星允"]
[null,"手用丝锥","Φ12",8,"个",9,72,"巨野县泗春五金机电门市部",13561346099,"张传鹏","甘星允"]
["WIN006067","电锤钻头","14MM",5,"个",17,85,"巨野县泗春五金机电门市部",13561346099,"张传鹏","甘星允"]
[null,"8.8级高强螺丝","20*120",60,"套",3.58,214.8,"巨野县泗春五金机电门市部",13561346099,"张传鹏","甘星允"]
[null,"8.8级高强螺丝","20*80",50,"套",2.85,142.5,"巨野县泗春五金机电门市部",13561346099,"张传鹏","甘星允"]
[null,"8.8级内六角螺丝","10*100",30,"套",1.6,48,"巨野县泗春五金机电门市部",13561346099,"张传鹏","甘星允"]
[null,"8.8级内六角螺丝","10*30",50,"套",0.45,22.5,"巨野县泗春五金机电门市部",13561346099,"张传鹏","甘星允"]
["WIN006068","8.8级内六角螺丝","6*60",50,"套",0.14,7.000000000000001,"巨野县泗春五金机电门市部",13561346099,"张传鹏","甘星允"]
[null,"不锈钢螺丝","16*80",50,"套",2.9,145,"巨野县泗春五金机电门市部",13561346099,"张传鹏","甘星允"]
[null,"不锈钢螺丝","16*60",50,"套",2.5,125,"巨野县泗春五金机电门市部",13561346099,"张传鹏","甘星允"]
[null,"轴承","22224AC",2,"套",260,520,"巨野县泗春五金机电门市部",13561346099,"张传鹏","甘星允"]
["WIN006069","碳刷","13*32*50",50,"个",27,1350,"江苏维骏工业设备有限公司",18052611717,"王成军","甘星允"]

{"sheet":"10.9","index":12,"n_rows":42,"n_cols":12,"rows_kept":42,"merged":[[0,0,0,11],[1,0,1,11],[2,0,2,11]],"flags":["formulas_cached_only"]}
["五金收料统计日报表"]
["日期： 2018  年 10 月 09 日                             填表人： 吴艳苓"]
["单位：江苏大力神管桩有限公司巨野分公司"]
["入库单号","品名","规格","数量","单位","单价","金额","供应商名称","联系方式","采购员","检验员","备注"]
["WIN006088","轴承",30217,8,"个",59,472,"巨野县兴强轴承销售中心",15163085678,"张传鹏","甘星允"]
["WIN006089","万能转换开关","LW5D-16",5,"个",30,150,"巨野县豪德五金机电批发部",18816075138,"张传鹏","甘星允"]
["WIN006090","不锈钢焊条","Φ3.2",1,"把",60,60,"巨野县泗春五金机电门市部",13561346099,"张传鹏","甘星允"]
["WIN006091","风炮套头","Φ30",30,"个",35,1050,"巨野县泗春五金机电门市部",13561346099,"张传鹏","甘星允"]
["WIN006092","电机风扇叶",null,4,"个",5,20,"巨野县德重电器维修中心",13561346067,"张传鹏","甘星允"]
["WIN006093","PVC球阀","Φ75",2,"个",28,56,"巨野县德春水暖五金门市部",null,"张传鹏","甘星允"]
["WIN006094","氧气",null,8,"瓶",30,240,"巨野县巨泰气体二站",18765016777,"张传鹏","甘星允"]
[null,"乙炔",null,6,"瓶",65,390,"巨野县巨泰气体二站",18765016777,"张传鹏","甘星允"]
["WIN006095","自黏胶带",null,10,"个",5,50,"巨野县德航五金电料门市部",null,"张传鹏","甘星允"]
[null,"电工胶带",null,50,"个",1.8,90,"巨野县德航五金电料门市部",null,"张传鹏","甘星允"]
["WIN006096","减速机齿轮",null,2,"套",650,1300,"济宁市任城区张福元建筑机械门市部",null,"张传鹏","甘星允"]
["WIN006097","前纸垫","TT826泰田",20,"张",2,40,"南京立泽机电设备有限公司",null,"王成军","甘星允"]
[null,"后纸垫","TT826泰田",20,"张",2,40,"南京立泽机电设备有限公司",null,"王成军","甘星允"]
[null,"主轴","400  8寸泰田",8,"根",160,1280,"南京立泽机电设备有限公司",null,"王成军","甘星允"]
[null,"打击块","400泰田",8,"个",75,600,"南京立泽机电设备有限公司",null,"王成军","甘星允"]
["WIN006098","氧气",null,9,"瓶",30,270,"巨野县巨泰气体二站",18765016777,"张传鹏","甘星允"]
[null,"乙炔",null,5,"瓶",65,325,"巨野县巨泰气体二站",18765016777,"张传鹏","甘星允"]
["WIN006099","防尘网",null,50,"捆",30,1500,"巨野邮政集团公司山东省巨野县分公司",null,"张传鹏","甘星允"]
["WIN006100","黑夹子",null,2,"盒",10,20,"巨野县晨风文具商行",18653006669,"张传鹏","甘星允"]
[null,"黑夹子（大）",null,1,"盒",18,18,"巨野县晨风文具商行",18653006669,"张传鹏","甘星允"]
["WIN006101","软化水罐封头",630,1,"个",650,650,"济宁市德水水处理设备有限公司",null,"张传鹏","甘星允"]
[null,"加药泵",null,1,"台",2600,2600,"济宁市德水水处理设备有限公司",null,"张传鹏","甘星允"]
["WIN006102","黄漆",null,2,"桶",160,320,"巨野县亚美涂料",null,"张传鹏","甘星允"]
["WIN006103","胶",801,4,"袋",15,60,"巨野县亚美涂料",null,"张传鹏","甘星允"]
["WIN006104","回形针",null,10,"盒",9,90,"巨野县晨风文具商行",18653006669,"张传鹏","甘星允"]
["WIN006105","大便延时阀",null,10,"个",25,250,"巨野县德春水暖五金门市部",null,"张传鹏","甘星允"]
["WIN006106","轴承",6206,10,"个",8.5,85,"巨野县泗春五金机电门市部",13561346099,"张传鹏","甘星允"]
[null,"轴承",30217,8,"个",59,472,"巨野县泗春五金机电门市部",13561346099,"张传鹏","甘星允"]
[null,"轴承","22224CA",2,"套",260,520,"巨野县泗春五金机电门市部",13561346099,"张传鹏","甘星允"]
[null,"生胶带",null,20,"个",1,20,"巨野县泗春五金机电门市部",13561346099,"张传鹏","甘星允"]
[null,"卡扣","Φ10",10,"个",1,10,"巨野县泗春五金机电门市部",13561346099,"张传鹏","甘星允"]
["WIN006107","塑料软管","Φ20",50,"米",3,150,"巨野县信誉综合商店",null,"张传鹏","甘星允"]
["WIN006108","行车操作台门（大）",null,13,"块",22,286,"巨野县冯建征彩钢瓦销售处",null,"张传鹏","甘星允"]
[null,"行车操作台门（小）",null,4,"块",16,64,"巨野县冯建征彩钢瓦销售处",null,"张传鹏","甘星允"]
["WIN006109","交流接触器","CJX2-1810",5,"个",37,185,"邳州玲峰电器有限公司",null,"王成军","甘星允"]
[null,"交流接触器","CJX2-9511",5,"个",259.5,1297.5,"邳州玲峰电器有限公司",null,"王成军","甘星允"]
[null,"交流接触器","CJX2-110A/380V",5,"个",380,1900,"邳州玲峰电器有限公司",null,"王成军","甘星允"]
["WIN006110","洗衣服",null,140,"袋",2.83,396,"周郢",null,"王成军","甘星允"]

{"sheet":"10.11","index":13,"n_rows":6,"n_cols":12,"rows_kept":6,"merged":[[0,0,0,11],[1,0,1,11],[2,0,2,11]],"flags":["formulas_cached_only"]}
["五金收料统计日报表"]
["日期： 2018  年 10 月 11 日                             填表人： 吴艳苓"]
["单位：江苏大力神管桩有限公司巨野分公司"]
["入库单号","品名","规格","数量","单位","单价","金额","供应商名称","联系方式","采购员","检验员","备注"]
["WIN006116","滑块（加工件）",null,1,"件",350,350,"巨野县麒麟镇瑞麟机床加工厂",18253062776,"张传鹏","甘星允"]
[null,"法兰盘（加工件）","Φ148*12",1,"件",50,50,"巨野县麒麟镇瑞麟机床加工厂",18253062776,"张传鹏","甘星允"]

{"sheet":"10.13","index":14,"n_rows":30,"n_cols":12,"rows_kept":30,"merged":[[0,0,0,11],[1,0,1,11],[2,0,2,11]],"flags":["formulas_cached_only"]}
["五金收料统计日报表"]
["日期： 2018  年 10 月 13 日                             填表人： 吴艳苓"]
["单位：江苏大力神管桩有限公司巨野分公司"]
["入库单号","品名","规格","数量","单位","单价","金额","供应商名称","联系方式","采购员","检验员","备注"]
["WIN006120","扁平线","7*2.5",35,"米",23,805,"巨野县豪德五金机电批发部",18816075138,"张传朋","甘星允"]
[null,"行程开关","TLXK1-111",10,"个",15,150,"巨野县豪德五金机电批发部",18816075138,"张传朋","甘星允"]
[null,"行程开关","TLXK1-311",10,"个",15,150,"巨野县豪德五金机电批发部",18816075138,"张传朋","甘星允"]
[null,"按钮开关","LAY7-11",20,"个",8,160,"巨野县豪德五金机电批发部",18816075138,"张传朋","甘星允"]
["WIN006121","钢丝管","Φ64",12,"米",19,228,"巨野县德重电器维修中心",13561346067,"张传朋","甘星允"]
["WIN006122","电机接线盒","Y200",4,"套",50,200,"巨野县德重电器维修中心",13561346067,"张传朋","甘星允"]
[null,"电机接线盒","Y160",4,"套",40,160,"巨野县德重电器维修中心",13561346067,"张传朋","甘星允"]
["WIN006123","白护套线","3*2.5",1,"盘",580,580,"巨野县嘉盛五金机电",18753016988,"张传朋","甘星允"]
["WIN006124","水泥试模","100三联",2,"个",215,430,"献县炫科实验仪器经销处",null,"张传朋","甘星允"]
["WIN006125","电磁阀线圈",null,10,"个",16.7,167,"乐清市翁垟顺福气动仪表经营部",null,"张传朋","甘星允"]
[{"$nulls":6},0]
[{"$nulls":6},0]
[{"$nulls":6},0]
[{"$nulls":6},0]
[{"$nulls":6},0]
[{"$nulls":6},0]
[{"$nulls":6},0]
[{"$nulls":6},0]
[{"$nulls":6},0]
[{"$nulls":6},0]
[{"$nulls":6},0]
[{"$nulls":6},0]
[{"$nulls":6},0]
[{"$nulls":6},0]
[{"$nulls":6},0]
[{"$nulls":6},0]

{"sheet":"10.16","index":15,"n_rows":50,"n_cols":12,"rows_kept":50,"merged":[[0,0,0,11],[1,0,1,11],[2,0,2,11]],"flags":["formulas_cached_only"]}
["五金收料统计日报表"]
["日期： 2018  年 10 月 16 日                             填表人： 吴艳苓"]
["单位：江苏大力神管桩有限公司巨野分公司"]
["入库单号","品名","规格","数量","单位","单价","金额","供应商名称","联系方式","采购员","检验员","备注"]
["WIN006134","小扫把",null,10,"把",5,50,"巨野县银河电料五金门市部",null,"张传朋","甘星允"]
[null,"拖把",null,1,"个",10,10,"巨野县银河电料五金门市部",null,"张传朋","甘星允"]
["WIN006135","快速接头","16—04",20,"个",5,100,"巨野县润润五金门市部",15764010539,"张传朋","甘星允"]
[null,"直接","Φ16",50,"个",2.5,125,"巨野县润润五金门市部",15764010539,"张传朋","甘星允"]
["WIN006136","轴承","22217",8,"个",125,1000,"巨野县泗春五金机电门市部",13561346099,"张传朋","甘星允"]
[null,"轴承","UCP309",5,"套",80,400,"巨野县泗春五金机电门市部",13561346099,"张传朋","甘星允"]
[null,"轴承","30217",8,"个",59,472,"巨野县泗春五金机电门市部",13561346099,"张传朋","甘星允"]
[null,"轴承","UCP207",2,"套",28,56,"巨野县泗春五金机电门市部",13561346099,"张传朋","甘星允"]
["WIN006137","大垃圾袋",null,1,"包",20,20,"巨野商业街批发部",null,"张传朋","甘星允"]
["WIN006138","切割片","100",50,"个",0.9,45,"巨野县润润五金门市部",15764010539,"张传朋","甘星允"]
[null,"磨片","100",25,"个",3.04,76,"巨野县润润五金门市部",15764010539,"张传朋","甘星允"]
[null,"螺丝松动剂",null,20,"个",7.5,150,"巨野县润润五金门市部",15764010539,"张传朋","甘星允"]
[null,"铜球阀","15",10,"个",8,80,"巨野县润润五金门市部",15764010539,"张传朋","甘星允"]
["WIN006139","Y型接头","100",10,"个",15,150,"巨野县润润五金门市部",15764010539,"张传朋","甘星允"]
[null,"密封胶","588",15,"个",5,75,"巨野县润润五金门市部",15764010539,"张传朋","甘星允"]
[null,"切割片","Φ400",25,"片",10,250,"巨野县润润五金门市部",15764010539,"张传朋","甘星允"]
[null,"电焊钳",null,4,"个",30,120,"巨野县润润五金门市部",15764010539,"张传朋","甘星允"]
["WIN006140","护套线","2*2.5",1,"盘",240,240,"巨野县豪德五金机电批发部",18816075138,"张传朋","甘星允"]
["WIN006141","焊条","Φ4.0",2,"箱",105,210,"巨野县泗春五金机电门市部",13561346099,"张传朋","甘星允"]
[null,"8.8级内六角螺丝","8*30",50,"套",0.28,14.000000000000002,"巨野县泗春五金机电门市部",13561346099,"张传朋","甘星允"]
[null,"卸扣","6.5T",6,"个",20,120,"巨野县泗春五金机电门市部",13561346099,"张传朋","甘星允"]
["WIN006142","PVC活接","75#",1,"个",18,18,"巨野县德春水暖五金门市部",null,"张传朋","甘星允"]
["WIN006143","安全帽",null,5,"个",18,90,"巨野县嘉盛五金机电",18753016988,"张传朋","甘星允"]
[null,"铁锨",null,12,"把",15,180,"巨野县嘉盛五金机电",18753016988,"张传朋","甘星允"]
[null,"挂锁",null,6,"个",8,48,"巨野县嘉盛五金机电",18753016988,"张传朋","甘星允"]
[null,"千斤顶","32T",1,"个",190,190,"巨野县嘉盛五金机电",18753016988,"张传朋","甘星允"]
["WIN006144","三角带","B-1050",2,"根",7,14,"巨野县嘉盛五金机电",18753016988,"张传朋","甘星允"]
["WIN006145","氧气",null,8,"瓶",30,240,"巨野县巨泰气体二站",18765016778,"张传朋","甘星允"]
[null,"乙炔",null,8,"瓶",65,520,"巨野县巨泰气体二站",18765016778,"张传朋","甘星允"]
["WIN006146","法兰盘","148*12",1,"件",50,50,"巨野县麒麟镇瑞麟机床加工厂",18253062776,"张传朋","甘星允"]
["WIN006147","稻草绳",null,609550,"米",0.036,21943.8,"江苏大力神管桩有限公司",null,"张传朋","甘星允"]
["WIN006148","镀锌管","3寸",2,"根",240,480,"巨野县大型管材钢板批发中心",null,"张传朋","甘星允"]
[null,"槽钢","14#",1,"根",340,340,"巨野县大型管材钢板批发中心",null,"张传朋","甘星允"]
["WIN006149","尼龙棒","Φ40",3.3,"KG",67.67,223.311,"山东王氏电气机械有限公司",null,"张传朋","甘星允"]
[null,"绝缘棒","35",3.5,"KG",32.81,114.83500000000001,"山东王氏电气机械有限公司",null,"张传朋","甘星允"]
["WIN006150","铁活接","80#",2,"个",40,80,"济宁市任城区景汇水暖经销处",null,"张传朋","甘星允"]
["WIN006151","T107铜焊条","Φ4.0",2,"箱",1300,2600,"天津市金桥焊材集团",null,"张传朋","甘星允"]
["WIN006156","工业用盐","50",5000,"KG",0.48,2400,"巨野县盐业公司",null,"张传朋","甘星允"]
["WIN006157","电动液压推动器","ED-50/6",2,"个",590,1180,"上海星辰气动液压有限公司",18753016988,"王成军","甘星允"]
["WIN006158","切刀","10.7",20,"个",145,2900,"马鞍山市家坤机械配件销售部",18753016988,"王成军","甘星允"]
[null,"切刀","9.0",30,"个",145,4350,"马鞍山市家坤机械配件销售部",18753016988,"王成军","甘星允"]
[null,"夹具","9.0",11,"套",360,3960,"马鞍山市家坤机械配件销售部",18753016988,"王成军","甘星允"]
[null,"夹具","7.1",4,"套",360,1440,"马鞍山市家坤机械配件销售部",18753016988,"王成军","甘星允"]
["WIN006159","离心机锥形套",null,6,"个",480,2880,"丹阳市木子机械厂",18753016988,"王成军","甘星允"]
[null,"离心机拖轮带挡边","外径590",1,"个",1900,1900,"丹阳市木子机械厂",18753016988,"王成军","甘星允"]
[null,"离心机托轮不带挡边","外径590",1,"个",1900,1900,"丹阳市木子机械厂",18753016988,"王成军","甘星允"]

{"sheet":"10.17","index":16,"n_rows":30,"n_cols":12,"rows_kept":30,"merged":[[0,0,0,11],[1,0,1,11],[2,0,2,11]],"flags":["formulas_cached_only"]}
["五金收料统计日报表"]
["日期： 2018  年 10 月 17 日                             填表人： 吴艳苓"]
["单位：江苏大力神管桩有限公司巨野分公司"]
["入库单号","品名","规格","数量","单位","单价","金额","供应商名称","联系方式","采购员","检验员","备注"]
["WIN006165","中性笔芯",null,1,"盒",15,15,"巨野县晨风文具商行",18653006669,"张传朋","甘星允"]
["WIN006166","皮带胶",32220,2,"件",90,180,"巨野县景波输送机配件经营部",null,"张传朋","甘星允"]
["WIN006167","扎丝",null,16.8,"斤",2.68,45.02400000000001,"巨野县前进五金交电批发部",null,"张传朋","甘星允"]
["WIN006168","头灯",null,1,"个",25,25,"巨野县嘉盛五金机电",18753016988,"张传朋","甘星允"]
["WIN006169","小扫把",null,1,"把",8,8,"巨野商业街批发部",null,"张传朋","甘星允"]
["WIN006170","订书钉",null,10,"盒",1.5,15,"巨野县晨风文具商行",18653006669,"张传朋","甘星允"]
[null,"打印纸","A4",1,"箱",130,130,"巨野县晨风文具商行",18653006669,"张传朋","甘星允"]
[null,"中性笔",null,1,"盒",10,10,"巨野县晨风文具商行",18653006669,"张传朋","甘星允"]
[null,"中性笔芯",null,1,"盒",10,10,"巨野县晨风文具商行",18653006669,"张传朋","甘星允"]
["WIN006171","灯泡","9W",4,"个",20,80,"巨野县方辉汽车电器维修门市部",null,"张传朋","甘星允"]
["WIN006173","焊条","Φ3.2",2,"箱",105,210,"巨野县润润五金门市部",15764010539,"张传朋","甘星允"]
["WIN006174","大垃圾袋",null,4,"包",15,60,"巨野县冉慧慧百货店",null,"张传朋","甘星允"]
["WIN006188","氧气管",null,1,"盘",140,140,"巨野县润润五金门市部",15764010539,"张传朋","甘星允"]
[null,"乙炔管",null,1,"盘",140,140,"巨野县润润五金门市部",15764010539,"张传朋","甘星允"]
[null,"压力式温度计","WTQ-280",7,"个",45,315,"巨野县润润五金门市部",15764010539,"张传朋","甘星允"]
["WIN006191","直接","Φ16",50,"个",2.5,15,"巨野县润润五金门市部",15764010539,"张传朋","甘星允"]
[null,"直接","Φ12",50,"个",1.5,75,"巨野县润润五金门市部",15764010539,"张传朋","甘星允"]
[null,"三通","Φ112",50,"个",2,100,"巨野县润润五金门市部",15764010539,"张传朋","甘星允"]
["WIN006192","护套线","2*2.5",1,"盘",24,24,"巨野县润润五金门市部",15764010539,"张传朋","甘星允","8米"]
["WIN006193","定滑轮","280*40",2,"件",280,560,"巨野县麒麟镇瑞麟机床加工厂",18253062776,"张传朋","甘星允"]
[null,"定滑轮轴","85*100",4,"件",50,200,"巨野县麒麟镇瑞麟机床加工厂",18253062776,"张传朋","甘星允"]
[null,"加工轴","50*205",3,"件",80,240,"巨野县麒麟镇瑞麟机床加工厂",18253062776,"张传朋","甘星允"]
[null,"张拉机连接轴","90*138",2,"个",150,300,"巨野县麒麟镇瑞麟机床加工厂",18253062776,"张传朋","甘星允"]
[{"$nulls":6},0]
[{"$nulls":6},0]
[{"$nulls":6},0]

{"sheet":"10.18","index":17,"n_rows":30,"n_cols":12,"rows_kept":30,"merged":[[0,0,0,11],[1,0,1,11],[2,0,2,11]],"flags":["formulas_cached_only"]}
["五金收料统计日报表"]
["日期： 2018  年 10 月 18 日                             填表人： 吴艳苓"]
["单位：江苏大力神管桩有限公司巨野分公司"]
["入库单号","品名","规格","数量","单位","单价","金额","供应商名称","联系方式","采购员","检验员","备注"]
["WIN006219","机油","18升",1,"桶",280,280,"张中奎",null,"张传朋","甘星允"]
["WIN006220","轴承",30217,8,"个",59,472,"巨野县泗春五金机电门市部",13561346099,"张传朋","甘星允"]
[null,"轴承",null,4,"个",46,184,"巨野县麒麟镇瑞麟机床加工厂",18253062776,"张传朋","甘星允"]
["WIN006221","传动轴","45*367",4,"个",140,560,"巨野县麒麟镇瑞麟机床加工厂",18253062776,"张传朋","甘星允"]
["WIN006222","风炮（泰田）","TT8260-8",10,"台",1100,11000,"南京立泽机电设备有限公司",18753016988,"王成军","甘星允"]
[{"$nulls":6},0]
[{"$nulls":6},0]
[{"$nulls":6},0]
[{"$nulls":6},0]
[{"$nulls":6},0]
[{"$nulls":6},0]
[{"$nulls":6},0]
[{"$nulls":6},0]
[{"$nulls":6},0]
[{"$nulls":6},0]
[{"$nulls":6},0]
[{"$nulls":6},0]
[{"$nulls":6},0]
[{"$nulls":6},0]
[{"$nulls":6},0]
[{"$nulls":6},0]
[{"$nulls":6},0]
[{"$nulls":6},0]
[{"$nulls":6},0]
[{"$nulls":6},0]
[{"$nulls":6},0]

{"sheet":"10.19","index":18,"n_rows":30,"n_cols":12,"rows_kept":30,"merged":[[0,0,0,11],[1,0,1,11],[2,0,2,11]],"flags":["formulas_cached_only"]}
["五金收料统计日报表"]
["日期： 2018  年 10 月 19 日                             填表人： 吴艳苓"]
["单位：江苏大力神管桩有限公司巨野分公司"]
["入库单号","品名","规格","数量","单位","单价","金额","供应商名称","联系方式","采购员","检验员","备注"]
["WIN006231","链条","8#排",2,"个",35,70,"巨野县纪豪轴承批发部",null,"张传朋","甘星允"]
["WIN006232","电池","9V",2,"个",5,10,"巨野县豪德五金机电批发部",18816075138,"张传朋","甘星允"]
["WIN006233","回形针",null,2,"盒",9,18,"巨野县国文办公用品门市部",null,"张传朋","甘星允"]
[null,"圆珠笔笔芯",null,2,"盒",1.5,3,"巨野县国文办公用品门市部",null,"张传朋","甘星允"]
["WIN006234","胶",801,4,"袋",15,60,"巨野县亚美涂料",null,"张传朋","甘星允"]
["WIN006235","氧气",null,5,"瓶",30,150,"巨野县巨泰气体二站",18765016777,"张传朋","甘星允"]
[null,"乙炔",null,5,"瓶",65,325,"巨野县巨泰气体二站",18765016777,"张传朋","甘星允"]
["WIN006237","砂纸",null,30,"张",0.5,15,"巨野县润润五金门市部",15764010539,"张传朋","甘星允"]
[null,"快速接头","12—03",50,"个",3,150,"巨野县润润五金门市部",15764010539,"张传朋","甘星允"]
[null,"快速接头","12—4",50,"个",3,150,"巨野县润润五金门市部",15764010539,"张传朋","甘星允"]
[null,"快速接头","12—4",10,"个",3.5,35,"巨野县润润五金门市部",15764010539,"张传朋","甘星允"]
[null,"手动蝶阀","300#",1,"个",750,750,"巨野县润润五金门市部",15764010539,"张传朋","甘星允"]
["WIN006238","无缝管","Φ89",45,"米",51.63,2323.35,"邳州市三鑫商贸有限公司",18753016988,"王成军","甘星允"]
["WIN006239","轴承",30217,8,"个",59,472,"巨野县泗春五金机电门市部",13561346099,"张传朋","甘星允"]
[null,"轴承",6214,10,"个",46,460,"巨野县泗春五金机电门市部",13561346099,"张传朋","甘星允"]
[null,"轴承",6208,10,"个",17,170,"巨野县泗春五金机电门市部",13561346099,"张传朋","甘星允"]
[null,"8.8高强螺丝","16*70",50,"套",1.6,80,"巨野县泗春五金机电门市部",13561346099,"张传朋","甘星允"]
[null,"8.8高强螺丝","16*80",50,"套",1.63,81.5,"巨野县泗春五金机电门市部",13561346099,"张传朋","甘星允"]
[{"$nulls":6},0]
[{"$nulls":6},0]
[{"$nulls":6},0]
[{"$nulls":6},0]
[{"$nulls":6},0]
[{"$nulls":6},0]
[{"$nulls":6},0]
[{"$nulls":6},0]

{"sheet":"10.24","index":19,"n_rows":30,"n_cols":12,"rows_kept":30,"merged":[[0,0,0,11],[1,0,1,11],[2,0,2,11]],"flags":["formulas_cached_only"]}
["五金收料统计日报表"]
["日期： 2018  年 10 月 24日                             填表人： 杨振华"]
["单位：江苏大力神管桩有限公司巨野分公司"]
["入库单号","品名","规格","数量","单位","单价","金额","供应商名称","联系方式","采购员","检验员","备注"]
["WIN006266","拉丝模",5.8,40,"个",60,2400,"武强县盛合硬质合金模具有限公司",null,"王成军","甘星允"]
[null,"拉丝模",5,20,"个",50,1000,"武强县盛合硬质合金模具有限公司",null,"王成军","甘星允"]
[null,"拉丝模",4.2,30,"个",50,1500,"武强县盛合硬质合金模具有限公司",null,"王成军","甘星允"]
["WIN006267","钢丝绳","Φ15",1,"捆",8600,8600,"徐州腾鸿物资贸易有限公司",null,"王成军","甘星允"]
[null,"钢丝绳","Φ22",1,"捆",16500,16500,"徐州腾鸿物资贸易有限公司",null,"王成军","甘星允"]
["WIN006268","联轴器","Φ115",8,"套",1600,12800,"丹阳市木子机械厂",null,"王成军","甘星允"]
["WIN006269","黄油","0号",6,"桶",200,1200,"张中奎",null,"张传朋","甘星允"]
["WIN006270","氧气",null,8,"瓶",30,240,"巨野县巨泰气体二站",18765016777,"张传朋","甘星允"]
[null,"乙炔",null,4,"瓶",65,260,"巨野县巨泰气体二站",18765016777,"张传朋","甘星允"]
[{"$nulls":6},0]
[{"$nulls":6},0]
[{"$nulls":6},0]
[{"$nulls":6},0]
[{"$nulls":6},0]
[{"$nulls":6},0]
[{"$nulls":6},0]
[{"$nulls":6},0]
[{"$nulls":6},0]
[{"$nulls":6},0]
[{"$nulls":6},0]
[{"$nulls":6},0]
[{"$nulls":6},0]
[{"$nulls":6},0]
[{"$nulls":6},0]
[{"$nulls":6},0]
[{"$nulls":6},0]

{"sheet":"10.27","index":20,"n_rows":50,"n_cols":12,"rows_kept":50,"merged":[[0,0,0,11],[1,0,1,11],[2,0,2,11]],"flags":["formulas_cached_only"]}
["五金收料统计日报表"]
["日期： 2018  年 10 月 27 日                             填表人： 吴艳苓"]
["单位：江苏大力神管桩有限公司巨野分公司"]
["入库单号","品名","规格","数量","单位","单价","金额","供应商名称","联系方式","采购员","检验员","备注"]
["WIN006275","风炮套头","Φ30",30,"个",35,1050,"巨野县嘉盛五金机电",18753016988,"张传朋","甘星允"]
["WIN006276","八角铁锤",null,1,"个",45,45,"巨野县银河电料五金门市部",null,"张传朋","甘星允"]
[null,"大锤把",null,10,"个",9,90,"巨野县银河电料五金门市部",null,"张传朋","甘星允"]
["WIN006277","减速机输入轴",null,1,"套",460,460,"上海高合机械有限公司",null,"王成军","甘星允"]
["WIN006278","梅花扳手",55,1,"支",60,60,"巨野县豪德五金机电批发部",18816075138,"张传朋","甘星允"]
["WIN006279","塑料外壳式断路器","D220C-160/3300 160A",1,"个",130,130,"巨野县豪德五金机电批发部",18816075138,"张传朋","甘星允"]
[null,"剩余电流动作断路器","D215EE-100/4901 100A",1,"个",120,120,"巨野县豪德五金机电批发部",18816075138,"张传朋","甘星允"]
["WIN006280","一次性口罩",null,10,"包",3,30,"巨野县存才酒店用品门市",null,"张传朋","甘星允"]
["WIN006281","8.8级高强螺丝","10*60",50,"套",0.55,27.500000000000004,"巨野县泗春五金机电门市部",13561346099,"张传朋","甘星允"]
[null,"8.8级高强螺丝","10*35",50,"套",0.48,24,"巨野县泗春五金机电门市部",13561346099,"张传朋","甘星允"]
[null,"8.8级高强螺丝","12*35",50,"套",0.6,30,"巨野县泗春五金机电门市部",13561346099,"张传朋","甘星允"]
[null,"8.8级高强螺丝","12*50",50,"套",0.7,35,"巨野县泗春五金机电门市部",13561346099,"张传朋","甘星允"]
[null,"8.8级高强螺丝","12*60",50,"套",0.8,40,"巨野县泗春五金机电门市部",13561346099,"张传朋","甘星允"]
[null,"8.8级高强螺丝","12*70",50,"套",0.85,42.5,"巨野县泗春五金机电门市部",13561346099,"张传朋","甘星允"]
[null,"8.8级内六角螺丝","8*30",50,"套",0.3,15,"巨野县泗春五金机电门市部",13561346099,"张传朋","甘星允"]
[null,"8.8级内六角螺丝","8*50",50,"套",0.4,20,"巨野县泗春五金机电门市部",13561346099,"张传朋","甘星允"]
[null,"8.8级高强螺丝","20*100",50,"套",3.4,170,"巨野县泗春五金机电门市部",13561346099,"张传朋","甘星允"]
[null,"8.8级高强螺丝","10*20",100,"套",0.42,42,"巨野县泗春五金机电门市部",13561346099,"张传朋","甘星允"]
[null,"8.8级内六角螺丝","10*30",100,"套",0.5,50,"巨野县泗春五金机电门市部",13561346099,"张传朋","甘星允"]
[null,"8.8级内六角螺丝","10*50",60,"套",0.6,36,"巨野县泗春五金机电门市部",13561346099,"张传朋","甘星允"]
[null,"轴承",30217,8,"个",59,472,"巨野县泗春五金机电门市部",13561346099,"张传朋","甘星允"]
[null,"506焊条","Φ40",1,"箱",140,140,"巨野县泗春五金机电门市部",13561346099,"张传朋","甘星允"]
[null,"钻头","10mm",10,"个",9.5,95,"巨野县泗春五金机电门市部",13561346099,"张传朋","甘星允"]
["WIN006284","直接","Φ16",50,"个",2.5,125,"巨野县润润五金门市部",15764010539,"张传朋","甘星允"]
[null,"电磁阀","4V410-15",8,"个",65,520,"巨野县润润五金门市部",15764010539,"张传朋","甘星允"]
[null,"电焊玻璃镜片白",null,72,"个",0.15,10.799999999999999,"巨野县润润五金门市部",15764010539,"张传朋","甘星允"]
[null,"电焊玻璃镜片黑",null,40,"个",0.5,20,"巨野县润润五金门市部",15764010539,"张传朋","甘星允"]
[null,"生胶带",null,50,"个",2,100,"巨野县润润五金门市部",15764010539,"张传朋","甘星允"]
["WIN006286","打印纸","A4",1,"箱",130,130,"巨野县晨风文具商行",18653006669,"张传朋","甘星允"]
[null,"本子",null,5,"本",2,10,"巨野县晨风文具商行",18653006669,"张传朋","甘星允"]
[null,"直尺",null,2,"个",3.5,7,"巨野县晨风文具商行",18653006669,"张传朋","甘星允"]
[null,"A4板夹","A4",1,"箱",3,3,"巨野县晨风文具商行",18653006669,"张传朋","甘星允"]
[null,"档案袋",null,20,"个",1.5,30,"巨野县晨风文具商行",18653006669,"张传朋","甘星允"]
["WIN006287","8.8级高强螺丝","20*80",200,"个",2.75,550,"巨野县泗春五金机电门市部",13561346099,"张传朋","甘星允"]
[null,"8.8级高强螺丝","20*100",100,"套",3.4,340,"巨野县泗春五金机电门市部",13561346099,"张传朋","甘星允"]
[null,"8.8级螺母","M36",50,"个",2.9,145,"巨野县泗春五金机电门市部",13561346099,"张传朋","甘星允"]
[null,"螺母平垫黄（8.8）",36,100,"套",0.53,53,"巨野县泗春五金机电门市部",13561346099,"张传朋","甘星允"]
[null,"8.8级螺母平垫",36,100,"个",0.25,25,"巨野县泗春五金机电门市部",13561346099,"张传朋","甘星允"]
["WIN006295","车套","60*100",4,"件",40,160,"巨野县麒麟镇瑞麟机床加工厂",18253062776,"张传朋","甘星允"]
["WIN006296","法兰盘","185*12",8,"件",50,400,"巨野县麒麟镇瑞麟机床加工厂",18253062776,"张传朋","甘星允"]
[null,"拉丝机压线轮","80*18",10,"件",30,300,"巨野县麒麟镇瑞麟机床加工厂",18253062776,"张传朋","甘星允"]
[{"$nulls":6},0]
[{"$nulls":6},0]
[{"$nulls":6},0]
[{"$nulls":6},0]
[{"$nulls":6},0]

{"sheet":"10.30","index":21,"n_rows":35,"n_cols":12,"rows_kept":35,"merged":[[0,0,0,11],[1,0,1,11],[2,0,2,11]],"flags":["formulas_cached_only"]}
["五金收料统计日报表"]
["日期： 2018  年 10 月 30日                             填表人： 杨振华"]
["单位：江苏大力神管桩有限公司巨野分公司"]
["入库单号","品名","规格","数量","单位","单价","金额","供应商名称","联系方式","采购员","检验员","备注"]
["WIN006314","联轴器",290,2,"套",900,1800,"徐州宏特起重设备有限公司",18753016988,"王成军","甘星允"]
["WIN006315","轮子",null,8,"套",28,224,"巨野县兴强轴承销售中心",null,"张传朋","甘星允"]
[null,"轴承",6309,2,"个",35,70,"巨野县兴强轴承销售中心",null,"张传朋","甘星允"]
["WIN006316","花兰丝","Φ8",4,"个",1.5,6,"巨野县兴强轴承销售中心",null,"张传朋","甘星允"]
[null,"轴承",30217,8,"个",59,472,"巨野县兴强轴承销售中心",null,"张传朋","甘星允"]
[null,"轴承",22214,4,"个",260,1040,"巨野县兴强轴承销售中心",null,"张传朋","甘星允"]
[null,"开口销","3*50",28,"斤",4.5,126,"巨野县兴强轴承销售中心",null,"张传朋","甘星允"]
["WIN006317","胶",801,4,"袋",15,60,"巨野县亚美涂料",null,"张传朋","甘星允"]
["WIN006318","石笔",null,5,"盒",7,35,"巨野县嘉盛五金机电",18753016988,"张传朋","甘星允"]
["WIN006321","铸钢法兰截止阀",80,1,"个",370,370,"巨野县润润五金门市部",15764010539,"张传朋","甘星允"]
[null,"法兰","DN80",2,"个",16,32,"巨野县润润五金门市部",15764010539,"张传朋","甘星允"]
[null,"弯头","DN80",2,"个",11,22,"巨野县润润五金门市部",15764010539,"张传朋","甘星允"]
[null,"金属垫片",80,2,"个",5,10,"巨野县润润五金门市部",15764010539,"张传朋","甘星允"]
["WIN006331","磨片",100,50,"个",1.6,80,"巨野县润润五金门市部",15764010539,"张传朋","甘星允"]
[null,"电焊钳",null,4,"个",30,120,"巨野县润润五金门市部",15764010539,"张传朋","甘星允"]
[null,"割嘴",30,10,"个",4,40,"巨野县润润五金门市部",15764010539,"张传朋","甘星允"]
[null,"割嘴","100#",10,"个",10,100,"巨野县润润五金门市部",15764010539,"张传朋","甘星允"]
["WIN006332","割枪","T-100",2,"个",60,120,"巨野县润润五金门市部",15764010539,"张传朋","甘星允"]
[null,"法兰铸钢截止阀",25,1,"台",140,140,"巨野县润润五金门市部",15764010539,"张传朋","甘星允"]
[null,"立卧止回阀",50,1,"个",235,235,"巨野县润润五金门市部",15764010539,"张传朋","甘星允"]
[null,"自喷漆",null,4,"瓶",7,28,"巨野县润润五金门市部",15764010539,"张传朋","甘星允"]
["WIN006333","电机风叶","Y160M",5,"个",8,40,"巨野县德重电器维修中心",null,"张传朋","甘星允"]
["WIN006334","平键","Φ32",4,"把",35,140,"巨野县泗春五金机电门市部",13561346099,"张传朋","甘星允"]
[null,"不锈钢焊条","Φ3.2",2,"把",105,210,"巨野县泗春五金机电门市部",13561346099,"张传朋","甘星允"]
["WIN006335","平拖把",60,3,"个",17,51,"巨野商业街批发街",null,"张传朋","甘星允"]
[{"$nulls":6},0]
[{"$nulls":6},0]
[{"$nulls":6},0]
[{"$nulls":6},0]
[{"$nulls":6},0]
[{"$nulls":6},0]

{"sheet":"11.01","index":22,"n_rows":30,"n_cols":12,"rows_kept":30,"merged":[[0,0,0,11],[1,0,1,11],[2,0,2,11]],"flags":["formulas_cached_only"]}
["五金收料统计日报表"]
["日期： 2018  年 11 月 1日                             填表人： 杨振华"]
["单位：江苏大力神管桩有限公司巨野分公司"]
["入库单号","品名","规格","数量","单位","单价","金额","供应商名称","联系方式","采购员","检验员","备注"]
["WIN006359","锯片","1.5M",1,"片",2500,2500,"泰安市青石机械有限公司",null,"张传朋","甘星允"]
["WIN006366","轴承",22224,2,"个",260,520,"巨野县泗春五金机电门市部",13561346099,"张传朋","甘星允"]
[null,"8.8级高强螺丝","20*80",51,"个",2.85,145.35,"巨野县泗春五金机电门市部",13561346099,"张传朋","甘星允"]
["WIN006367","钢尺","30cm",2,"个",5,10,"巨野县晨风文具商行",18653006669,"张传朋","甘星允"]
["WIN006368","黄漆","15KG",1,"桶",160,160,"巨野镇晨虹五金门市部",null,"张传朋","甘星允"]
["WIN006369","计算机","得力",1,"个",35,35,"巨野县晨风文具商行",18653006669,"张传朋","甘星允"]
["WIN006370","小型继电器","JZX-22F",20,"个",12,240,"巨野县乾兴机电",null,"张传朋","甘星允"]
[null,"行程开关","YBLY-ME",5,"个",25,125,"巨野县乾兴机电",null,"张传朋","甘星允"]
["WIN006371","长城齿轮油","16KG",2,"桶",330,660,"张中奎",null,"张传朋","甘星允"]
[null,"长城传动油","8# 16KG",2,"桶",330,660,"张中奎",null,"张传朋","甘星允"]
["WIN006372","抱钩齿轮","10+10",4,"套",580,2320,"镇江协浩机电设备有限公司",13327779377,"王成军","甘星允"]
["WIN006373","离心机轴","2.3M",4,"件",1456.5,5826,"邳州市三鑫商贸有限公司",18352216499,"王成军","甘星允"]
["WIN006374","套",null,8,"个",40,320,"巨野县麒麟镇瑞麟机床加工厂",18253062776,"张传朋","甘星允"]
[null,"套",null,8,"个",40,320,"巨野县麒麟镇瑞麟机床加工厂",18253062776,"张传朋","甘星允"]
[null,"二次布料轴（加工件）","65*230.6",1,"根",800,800,"巨野县麒麟镇瑞麟机床加工厂",18253062776,"张传朋","甘星允"]
[null,"皮带轮","77#",1,"个",60,60,"巨野县麒麟镇瑞麟机床加工厂",18253062776,"张传朋","甘星允"]
["WIN006375","皮手套",null,560,"双",3.5,1960,"周郢",null,"王成军","甘星允"]
[null,"口罩",null,140,"个",0.26,36.4,"周郢",null,"王成军","甘星允"]
[null,"线手套",null,90,"双",0.46,41.4,"周郢",null,"王成军","甘星允"]
[null,"洗衣粉",null,140,"袋",2.83,396.2,"周郢",null,"王成军","甘星允"]
[{"$nulls":6},0]
[{"$nulls":6},0]
[{"$nulls":6},0]
[{"$nulls":6},0]
[{"$nulls":6},0]
[{"$nulls":6},0]

{"sheet":"11.04","index":23,"n_rows":30,"n_cols":12,"rows_kept":30,"merged":[[0,0,0,11],[1,0,1,11],[2,0,2,11]],"flags":["formulas_cached_only"]}
["五金收料统计日报表"]
["日期： 2018  年 11 月 3日                             填表人： 杨振华"]
["单位：江苏大力神管桩有限公司巨野分公司"]
["入库单号","品名","规格","数量","单位","单价","金额","供应商名称","联系方式","采购员","检验员","备注"]
["WIN006383","接线轴",180,5,"个",40,200,"巨野县德重电器维修中心",null,"张传朋","甘星允"]
[null,"接线轴",200,5,"个",50,250,"巨野县德重电器维修中心",null,"张传朋","甘星允"]
["WIN006384","8.8级高强螺丝","24*80",100,"套",3.75,375,"巨野县泗春五金机电门市部",13561346099,"张传朋","甘星允"]
["WIN006385","水平管","10#",25,"米",1,25,"巨野县嘉盛五金机电",18753016988,"张传朋","甘星允"]
["WIN006386","气缸","80*50",4,"个",110,440,"巨野县润润五金门市部",15764010539,"张传朋","甘星允"]
[null,"气缸","100*200",4,"个",165,660,"巨野县润润五金门市部",15764010539,"张传朋","甘星允"]
[null,"直接","Φ16",40,"个",2.5,100,"巨野县润润五金门市部",15764010539,"张传朋","甘星允"]
[null,"毛刷",null,18,"个",2.5,45,"巨野县润润五金门市部",15764010539,"张传朋","甘星允"]
["WIN006388","万用表","N266",1,"把",120,120,"巨野县乾兴机电",null,"张传朋","甘星允"]
["WIN006389","大垃圾袋",null,4,"包",15,60,"巨野县冉慧慧百货店",null,"张传朋","甘星允"]
["WIN006390","灰盆",null,4,"个",5,20,"巨野县科峰五金电料门市",null,"张传朋","甘星允"]
["WIN006391","锯片","1.5M",1,"片",2500,2500,"泰安市青石机械有限公司",null,"张传朋","甘星允"]
["WIN006393","焊条","Φ40",2,"箱",105,210,"巨野县泗春五金机电门市部",13561346099,"张传朋","甘星允"]
[null,"8.78级高强螺丝","24*120",60,"套",5.5,330,"巨野县泗春五金机电门市部",13561346099,"张传朋","甘星允"]
[null,"8.8级内六角螺丝","8*50",60,"套",0.35,21,"巨野县泗春五金机电门市部",13561346099,"张传朋","甘星允"]
[null,"美工刀片",null,1,"盒",30,30,"巨野县泗春五金机电门市部",13561346099,"张传朋","甘星允"]
[null,"轴承",30217,8,"个",59,472,"巨野县泗春五金机电门市部",13561346099,"张传朋","甘星允"]
[{"$nulls":6},0]
[{"$nulls":6},0]
[{"$nulls":6},0]
[{"$nulls":6},0]
[{"$nulls":6},0]
[{"$nulls":6},0]
[{"$nulls":6},0]
[{"$nulls":6},0]
[{"$nulls":6},0]

{"sheet":"11.10","index":24,"n_rows":30,"n_cols":12,"rows_kept":30,"merged":[[0,0,0,11],[1,0,1,11],[2,0,2,11]],"flags":["formulas_cached_only"]}
["五金收料统计日报表"]
["日期： 2018  年 11 月 6日                             填表人： 杨振华"]
["单位：江苏大力神管桩有限公司巨野分公司"]
["入库单号","品名","规格","数量","单位","单价","金额","供应商名称","联系方式","采购员","检验员","备注"]
["WIN006420","输送带",600,42,"米",110,4620,"临沂彦君矿山输送设备有限公司",null,"王成军","甘星允"]
["WIN006421","黄油","3#高温",3,"桶",200,600,"张中奎",null,"张传朋","甘星允"]
["WIN006422","交流接触器","CJX2-9511",10,"个",245,2450,"邳州市电料总汇",null,"王成军","甘星允"]
[null,"交流接触器","CJX1-110A/380V",5,"个",368,1840,"邳州市电料总汇",null,"王成军","甘星允"]
["WIN006423","小扫把",null,10,"把",5,50,"巨野县银河电料五金门市部",null,"张传朋","甘星允"]
["WIN006424","铁锨头",null,12,"个",15,180,"巨野县嘉盛五金机电",18753016988,"张传朋","甘星允"]
[null,"铁锨杆",null,12,"把",10,120,"巨野县嘉盛五金机电",18753016988,"张传朋","甘星允"]
[null,"水平管","10#",30,"米",0.8,24,"巨野县嘉盛五金机电",18753016988,"张传朋","甘星允"]
["WIN006425","电焊帽",null,2,"个",5,10,"巨野县嘉盛五金机电",18753016988,"张传朋","甘星允"]
["WIN006426","轴承","2224CA",6,"套",260,1560,"巨野县泗春五金机电门市部",13561346099,"张传朋","甘星允"]
[null,"轴承",30217,8,"个",59,472,"巨野县泗春五金机电门市部",13561346099,"张传朋","甘星允"]
[null,"轴承",22217,4,"个",125,500,"巨野县泗春五金机电门市部",13561346099,"张传朋","甘星允"]
[null,"平键","Φ14",2,"根",6.5,13,"巨野县泗春五金机电门市部",13561346099,"张传朋","甘星允"]
[null,"平键","Φ16",2,"根",7.5,15,"巨野县泗春五金机电门市部",13561346099,"张传朋","甘星允"]
["WIN006427","自喷漆",238,10,"瓶",8,80,"巨野县泗春五金机电门市部",13561346099,"张传朋","甘星允"]
[null,"手用丝锥","M18",2,"个",16,32,"巨野县泗春五金机电门市部",13561346099,"张传朋","甘星允"]
[null,"钢卷尺","5米",1,"个",5,5,"巨野县泗春五金机电门市部",13561346099,"张传朋","甘星允"]
["WIN006428","手电筒",null,2,"个",25,50,"巨野县嘉盛五金机电",18753016988,"张传朋","甘星允"]
["WIN006454","留德牌工业白油","10# 200升",1,"桶",1900,1900,"张中奎",null,"张传朋","甘星允"]
["WIN006455","氧气",null,9,"瓶",30,270,"巨野县巨泰气体二站",18765016777,"张传朋","甘星允"]
[null,"乙炔",null,6,"瓶",65,390,"巨野县巨泰气体二站",18765016777,"张传朋","甘星允"]
["WIN006456","平车定滑轮轴","165*88加工件",4,"件",60,240,"巨野县麒麟镇瑞麟机床加工厂",18253062776,"张传朋","甘星允"]
[{"$nulls":6},0]
[{"$nulls":6},0]
[{"$nulls":6},0]
[{"$nulls":6},0]

{"sheet":"11.16","index":25,"n_rows":30,"n_cols":12,"rows_kept":30,"merged":[[0,0,0,11],[1,0,1,11],[2,0,2,11]],"flags":["formulas_cached_only"]}
["五金收料统计日报表"]
["日期： 2018  年 11 月 16日                             填表人： 杨振华"]
["单位：江苏大力神管桩有限公司巨野分公司"]
["入库单号","品名","规格","数量","单位","单价","金额","供应商名称","联系方式","采购员","检验员","备注"]
["WIN006485","液压油","170KG",1,"桶",2100,2100,"张中奎",null,"张传朋","甘星允"]
["WIN006486","触头总成","KTJ6-100A",30,"个",55,1650,"邳州市电料总汇",null,"王成军","甘星允"]
["WIN006502","弹簧管","PU16X12  12M",10,"条",100,1000,"上海星辰气动液压有限公司",null,"王成军","甘星允"]
["WIN006503","压盘（加工件）","Φ200*28",1,"件",150,150,"巨野县麒麟镇瑞麟机床加工厂",18253062776,"张传朋","甘星允"]
["WIN006527","电工胶布",null,50,"个",1.5,75,"巨野县豪德五金机电批发部",18816075138,"张传朋","甘星允"]
["WIN006528","档案袋",null,20,"个",20,400,"巨野县宏凯文体用品商行",null,"张传朋","甘星允"]
["WIN006529","墨汁",null,10,"瓶",6,60,"巨野县晨风文具商行",18653006669,"张传朋","甘星允"]
["WIN006530","风炮套头","Φ30",30,"个",35,1050,"巨野县嘉盛五金机电",18753016988,"张传朋","甘星允"]
["WIN006531","密封胶",588,25,"个",6,150,"巨野县泗春五金机电门市部",13561346099,"张传朋","甘星允"]
[null,"卸扣","6.5T",4,"个",20,80,"巨野县泗春五金机电门市部",13561346099,"张传朋","甘星允"]
[null,"506焊条","Φ4.0",1,"箱",140,140,"巨野县泗春五金机电门市部",13561346099,"张传朋","甘星允"]
["WIN006532","PVC胶",null,1,"件",12,12,"唯泽建材水暖城",null,"张传朋","甘星允"]
["WIN006533","气缸","63*50",4,"个",55,220,"巨野县润润五金门市部",15764010539,"张传朋","甘星允"]
["WIN006534","电磁阀","2W-40",1,"个",190,190,"巨野县润润五金门市部",15764010539,"张传朋","甘星允"]
["WIN006535","气缸","SC125*50",2,"个",155,310,"巨野县润润五金门市部",15764010540,"张传朋","甘星允"]
["WIN006536","T107铜焊条","Φ4.0",2,"箱",1300,2600,"临沂市金桥焊接器材有限公司",null,"王成军","甘星允"]
["WIN006537","小型断路器","2P-32A",10,"个",14,140,"邳州市电料总汇",null,"王成军","甘星允"]
[{"$nulls":6},0]
[{"$nulls":6},0]
[{"$nulls":6},0]
[{"$nulls":6},0]
[{"$nulls":6},0]
[{"$nulls":6},0]
[{"$nulls":6},0]
[{"$nulls":6},0]
[{"$nulls":6},0]

{"sheet":"11.17","index":26,"n_rows":30,"n_cols":12,"rows_kept":30,"merged":[[0,0,0,11],[1,0,1,11],[2,0,2,11]],"flags":["formulas_cached_only"]}
["五金收料统计日报表"]
["日期： 2018  年 11 月 17日                             填表人： 杨振华"]
["单位：江苏大力神管桩有限公司巨野分公司"]
["入库单号","品名","规格","数量","单位","单价","金额","供应商名称","联系方式","采购员","检验员","备注"]
["WIN006557","南孚电池",null,20,"个",2.5,50,"巨野县豪德五金机电批发部",18816075138,"张传朋","甘星允"]
["WIN006558","空调遥控器",null,1,"个",10,10,"巨野县一顺家电维修服务中心",15853088719,"张传朋","甘星允"]
["WIN006559","小型电磁继电器","JZX-22F",5,"个",18,90,"巨野县豪德五金机电批发部",18816075138,"张传朋","甘星允"]
[null,"毛刷",null,30,"个",4,120,"巨野县豪德五金机电批发部",18816075138,"张传朋","甘星允"]
[null,"防水灯头",null,10,"个",2,20,"巨野县豪德五金机电批发部",18816075138,"张传朋","甘星允"]
[null,"灯泡",null,10,"个",9,90,"巨野县豪德五金机电批发部",18816075138,"张传朋","甘星允"]
["WIN006560","时间继电器","JS14S",5,"个",60,300,"巨野县豪德五金机电批发部",18816075138,"张传朋","甘星允"]
[null,"交流接触器","CJX2-1810",10,"个",35,350,"巨野县豪德五金机电批发部",18816075138,"张传朋","甘星允"]
["WIN006561","手电筒",null,2,"个",15,30,"巨野县德航五金电料门市部",null,"张传朋","甘星允"]
["WIN006562","黄油枪",null,1,"个",75,75,"巨野县马英液压配件门市",null,"张传朋","甘星允"]
["WIN006563","胶",801,6,"袋",15,90,"巨野县亚美涂料",null,"张传朋","甘星允"]
[{"$nulls":6},0]
[{"$nulls":6},0]
[{"$nulls":6},0]
[{"$nulls":6},0]
[{"$nulls":6},0]
[{"$nulls":6},0]
[{"$nulls":6},0]
[{"$nulls":6},0]
[{"$nulls":6},0]
[{"$nulls":6},0]
[{"$nulls":6},0]
[{"$nulls":6},0]
[{"$nulls":6},0]
[{"$nulls":6},0]
[{"$nulls":6},0]

{"sheet":"11.20","index":27,"n_rows":40,"n_cols":12,"rows_kept":40,"merged":[[0,0,0,11],[1,0,1,11],[2,0,2,11]],"flags":["formulas_cached_only"]}
["五金收料统计日报表"]
["日期： 2018  年 11 月 20日                             填表人： 杨振华"]
["单位：江苏大力神管桩有限公司巨野分公司"]
["入库单号","品名","规格","数量","单位","单价","金额","供应商名称","联系方式","采购员","检验员","备注"]
["WIN006577","氧气",null,9,"瓶",30,270,"巨野县巨泰气体二站",null,"张传朋","甘星允"]
[null,"乙炔",null,7,"瓶",65,455,null,null,"张传朋","甘星允"]
["WIN006579","LED灯","100W",5,"个",150,750,"巨野县豪德五金机电批发部",18816075138,"张传朋","甘星允"]
["WIN006580","温控器","热水器专用",4,"个",28,112,"巨野县存才酒店用品门市",null,"张传朋","甘星允"]
["WIN006582","直接","Φ16",50,"个",2.5,125,"巨野县润润五金门市部",15764010540,"张传朋","甘星允"]
[null,"电磁阀","2W-25",1,"个",90,90,"巨野县润润五金门市部",15764010540,"张传朋","甘星允"]
[null,"铸钢法兰截止阀",80,1,"个",380,380,"巨野县润润五金门市部",15764010540,"张传朋","甘星允"]
[null,"铸钢法兰截止阀",100,1,"个",475,475,"巨野县润润五金门市部",15764010540,"张传朋","甘星允"]
["WIN006583","轴承",30217,8,"个",59,472,"巨野县泗春五金机电门市部",13561346099,"张传朋","甘星允"]
[null,"轴承",22217,8,"个",125,1000,"巨野县泗春五金机电门市部",13561346099,"张传朋","甘星允"]
[null,"轴承",32220,4,"个",128,512,"巨野县泗春五金机电门市部",13561346099,"张传朋","甘星允"]
[null,"轴卡","&25",6,"个",0.1,0.6000000000000001,"巨野县泗春五金机电门市部",13561346099,"张传朋","甘星允"]
["WIN006584","8.8级高强螺丝","16*70",70,"套",1.6,112,"巨野县泗春五金机电门市部",13561346099,"张传朋","甘星允"]
[null,"8.8级高强螺丝","12*40",100,"套",0.66,66,"巨野县泗春五金机电门市部",13561346099,"张传朋","甘星允"]
[null,"8.8级高强螺丝","14*70",30,"套",1.15,34.5,"巨野县泗春五金机电门市部",13561346099,"张传朋","甘星允"]
[null,"沉头螺丝","12*40",100,"套",0.35,35,"巨野县泗春五金机电门市部",13561346099,"张传朋","甘星允"]
[null,"焊条","Φ3.2",2,"套",102,204,"巨野县泗春五金机电门市部",13561346099,"张传朋","甘星允"]
["WIN006585","短大衣",null,12,"件",72,864,"巨野县豪德五金机电批发部",18816075138,"张传朋","甘星允"]
[null,"大衣",null,10,"件",48,480,"巨野县豪德五金机电批发部",18816075138,"张传朋","甘星允"]
["WIN006586","轴承",30217,8,"个",59,472,"巨野县兴强轴承销售中心",null,"张传朋","甘星允"]
[null,"轴承",22217,6,"个",125,750,"巨野县兴强轴承销售中心",null,"张传朋","甘星允"]
[null,"轴承","22224CA",4,"套",260,1040,"巨野县兴强轴承销售中心",null,"张传朋","甘星允"]
["WIN006587","头灯",null,1,"个",25,25,"巨野县嘉盛五金机电",18753016988,"张传朋","甘星允"]
[null,"风镐手柄",null,4,"个",35,140,"巨野县嘉盛五金机电",18753016988,"张传朋","甘星允"]
["WIN006588","电缆线","35平方",30,"米",17,510,"巨野县豪德五金机电批发部",18816075138,"张传朋","甘星允"]
["WIN006589","8.8级高强螺丝","12*120",30,"套",1.6,48,"巨野县兴强轴承销售中心",null,"张传朋","甘星允"]
["WIN006590","卷扬机","JM2T",1,"台",4300,4300,"南通凯业机械有限公司","0530-80695855","王成军","甘星允"]
["WIN006591","铜带","650*100*10",7,"个",406,2842,"苏州引流金属材料有限公司","0512-36650809","王成军","甘星允"]
["WIN006592","潜水泵","YQS 7.5W-32-52",1,"台",1750,1750,"临沂鲁南机电",null,"王成军","甘星允"]
["WIN006593","菱形衬板","3方搅拌机用",200,"片",60,12000,"马鞍山市嘉坤机械配件销售部",null,"王成军","甘星允"]
[null,"侧衬板","3方搅拌机用",96,"片",170,16320,"马鞍山市嘉坤机械配件销售部",null,"王成军","甘星允"]
["WIN006594","消防带","口径2.5",20,"米",6.5,130,"巨野县德重电器维修中心",13561346067,"张传朋","甘星允"]
["WIN006595","防尘布袋","直径1米",15,"米",22,330,"巨野县保为篷布门市部",null,"张传朋","甘星允"]
["WIN006611","黄油","3#",3,"桶",200,600,"张中奎",null,"张传朋","甘星允"]
[null,"黄油","00号15公斤",2,"桶",200,400,"张中奎",null,"张传朋","甘星允"]
[{"$nulls":6},0]

{"sheet":"11.22","index":28,"n_rows":40,"n_cols":12,"rows_kept":40,"merged":[[0,0,0,11],[1,0,1,11],[2,0,2,11]],"flags":["formulas_cached_only"]}
["五金收料统计日报表"]
["日期： 2018  年 11 月 22日                             填表人： 杨振华"]
["单位：江苏大力神管桩有限公司巨野分公司"]
["入库单号","品名","规格","数量","单位","单价","金额","供应商名称","联系方式","采购员","检验员","备注"]
["WIN006629","大扫把",null,20,"把",15,300,"巨野县银河电料五金门市部",null,"张传朋","甘星允"]
["WIN006630","热过载","30-40A",2,"个",35,70,"巨野县正泰电器门市部",null,"张传朋","甘星允"]
["WIN006632","时间继电器","JS14P-99S",5,"个",65,325,"巨野县豪德五金机电批发部",18816075138,"张传朋","甘星允"]
["WIN006633","电脑打印纸","241-4-2",3,"盒",40,120,"巨野县晨风文具商行",18653006669,"张传朋","甘星允"]
["WIN006634","割嘴","100#",10,"个",5,50,"巨野县润润五金门市部",15764010540,"张传朋","甘星允"]
["WIN006635","压力式温度计","WTQ-280",8,"个",45,360,"巨野县润润五金门市部",15764010540,"张传朋","甘星允"]
[null,"直接","Φ16",50,"个",2.5,125,"巨野县润润五金门市部",15764010540,"张传朋","甘星允"]
[null,"外牙直接","15#",10,"个",1,10,"巨野县润润五金门市部",15764010540,"张传朋","甘星允"]
[null,"铜球阀",25,6,"个",15,90,"巨野县润润五金门市部",15764010540,"张传朋","甘星允"]
[null,"电磁阀","4V410-15",6,"个",65,390,"巨野县润润五金门市部",15764010540,"张传朋","甘星允"]
["WIN006636","可控硅整流元件","KS200A",2,"个",57,114,"乐清市七里港上整整流器厂",null,"张传朋","甘星允"]
["WIN006637","铸钢法兰截止阀","DN25",1,"个",145,145,"巨野县润润五金门市部",15764010540,"张传朋","甘星允"]
[null,"金属垫片","DN25",2,"个",1.5,3,"巨野县润润五金门市部",15764010540,"张传朋","甘星允"]
[null,"远传压力表","Y-150 1MPA",1,"个",80,80,"巨野县润润五金门市部",15764010540,"张传朋","甘星允"]
["WIN006639","（加工件）套","Φ30*64",2,"件",25,50,"巨野县麒麟镇瑞麟机床加工厂",null,"张传朋","甘星允"]
[{"$nulls":6},0]
[{"$nulls":6},0]
[{"$nulls":6},0]
[{"$nulls":6},0]
[{"$nulls":6},0]
[{"$nulls":6},0]
[{"$nulls":6},0]
[{"$nulls":6},0]
[{"$nulls":6},0]
[{"$nulls":6},0]
[{"$nulls":6},0]
[{"$nulls":6},0]
[{"$nulls":6},0]
[{"$nulls":6},0]
[{"$nulls":6},0]
[{"$nulls":6},0]
[{"$nulls":6},0]
[{"$nulls":6},0]
[{"$nulls":6},0]
[{"$nulls":6},0]
[{"$nulls":6},0]

{"sheet":"11.23","index":29,"n_rows":47,"n_cols":12,"rows_kept":47,"merged":[[0,0,0,11],[1,0,1,11],[2,0,2,11]],"flags":["formulas_cached_only"]}
["五金收料统计日报表"]
["日期： 2018  年 11 月 24日                             填表人： 杨振华"]
["单位：江苏大力神管桩有限公司巨野分公司"]
["入库单号","品名","规格","数量","单位","单价","金额","供应商名称","联系方式","采购员","检验员","备注"]
["WIN006648","胶",801,6,"袋",15,90,"巨野县亚美涂料",null,"张传朋","甘星允"]
["WIN006649","电焊钳","800A",4,"把",30,120,"巨野县润润五金门市部",15764010540,"张传朋","甘星允"]
[null,"割嘴",30,10,"个",4,40,"巨野县润润五金门市部",15764010540,"张传朋","甘星允"]
["WIN006650","8.8级高强螺丝","20*120",60,"套",3.58,214.8,"巨野县泗春五金机电门市部",13561346099,"张传朋","甘星允"]
[null,"8.8级高强螺丝","24*100",40,"套",4.4,176,"巨野县泗春五金机电门市部",13561346099,"张传朋","甘星允"]
[null,"8.8级高强螺丝","24*150",30,"套",6.8,204,"巨野县泗春五金机电门市部",13561346099,"张传朋","甘星允"]
[null,"轴承",6207,6,"个",16.5,99,"巨野县泗春五金机电门市部",13561346099,"张传朋","甘星允"]
[null,"磨片",100,50,"个",0.9,45,"巨野县泗春五金机电门市部",13561346099,"张传朋","甘星允"]
["WIN006651","SD80密封件导向环","110*15",2,"个",18,36,"济宁市市中区中天工矿机电配件销售中心",null,"张传朋","甘星允"]
[null,"铁壳防尘",70,1,"个",35,35,"济宁市市中区中天工矿机电配件销售中心",null,"张传朋","甘星允"]
[null,"格来圈",110,1,"套",25,25,"济宁市市中区中天工矿机电配件销售中心",null,"张传朋","甘星允"]
[null,"O型圈","105*301",1,"个",1,1,"济宁市市中区中天工矿机电配件销售中心",null,"张传朋","甘星允"]
[null,"导向环","75*70*8",2,"个",10,20,"济宁市市中区中天工矿机电配件销售中心",null,"张传朋","甘星允"]
["WIN006652","O型圈","60*5.7",1,"个",1,1,"济宁市市中区中天工矿机电配件销售中心",null,"张传朋","甘星允"]
[null,"斯特封","70*6",1,"个",20,20,"济宁市市中区中天工矿机电配件销售中心",null,"张传朋","甘星允"]
[null,"O型圈","73*3.1",1,"个",0.5,0.5,"济宁市市中区中天工矿机电配件销售中心",null,"张传朋","甘星允"]
[null,"SD110密封件导向环","110*15",2,"个",18,36,"济宁市市中区中天工矿机电配件销售中心",null,"张传朋","甘星允"]
[null,"O型圈","110*5.7",1,"个",1,1,"济宁市市中区中天工矿机电配件销售中心",null,"张传朋","甘星允"]
["WIN006653","格来圈","110*6",1,"套",25,25,"济宁市市中区中天工矿机电配件销售中心",null,"张传朋","甘星允"]
[null,"斯特封","70*6",1,"个",20,20,"济宁市市中区中天工矿机电配件销售中心",null,"张传朋","甘星允"]
[null,"O型圈","80*5.7",1,"个",1,1,"济宁市市中区中天工矿机电配件销售中心",null,"张传朋","甘星允"]
[null,"防尘圈",70,1,"个",10,10,"济宁市市中区中天工矿机电配件销售中心",null,"张传朋","甘星允"]
[null,"O型圈","60*5.7",1,"个",1,1,"济宁市市中区中天工矿机电配件销售中心",null,"张传朋","甘星允"]
["WIN006654","SD250密封件防尘圈",250,4,"个",20,80,"济宁市市中区中天工矿机电配件销售中心",null,"张传朋","甘星允"]
[null,"密封圈","FA250",2,"个",35,70,"济宁市市中区中天工矿机电配件销售中心",null,"张传朋","甘星允"]
[null,"密封圈","YXD250",4,"个",28,112,"济宁市市中区中天工矿机电配件销售中心",null,"张传朋","甘星允"]
[null,"密封圈","IDU250",2,"个",35,70,"济宁市市中区中天工矿机电配件销售中心",null,"张传朋","甘星允"]
[null,"密封圈","YXD300",2,"个",45,90,"济宁市市中区中天工矿机电配件销售中心",null,"张传朋","甘星允"]
["WIN006655","密封圈","YXD180",2,"个",18,36,"济宁市市中区中天工矿机电配件销售中心",null,"张传朋","甘星允"]
[null,"O型圈","185*5.7",6,"个",3,18,"济宁市市中区中天工矿机电配件销售中心",null,"张传朋","甘星允"]
[null,"O型圈","305*8.6",4,"个",10,40,"济宁市市中区中天工矿机电配件销售中心",null,"张传朋","甘星允"]
["WIN006656","SD密封件防尘圈",70,1,"个",10,10,"济宁市市中区中天工矿机电配件销售中心",null,"张传朋","甘星允"]
[null,"密封圈","YXD70",1,"个",15,15,"济宁市市中区中天工矿机电配件销售中心",null,"张传朋","甘星允"]
[null,"斯特封",70,1,"个",25,25,"济宁市市中区中天工矿机电配件销售中心",null,"张传朋","甘星允"]
[null,"导向环","70*75*15",1,"个",15,15,"济宁市市中区中天工矿机电配件销售中心",null,"张传朋","甘星允"]
[null,"O型圈","60*5.7",1,"个",1,1,"济宁市市中区中天工矿机电配件销售中心",null,"张传朋","甘星允"]
["WIN006657","格来圈",140,1,"套",28,28,"济宁市市中区中天工矿机电配件销售中心",null,"张传朋","甘星允"]
[null,"导向环","135*140*15",2,"个",20,40,"济宁市市中区中天工矿机电配件销售中心",null,"张传朋","甘星允"]
["WIN006666","氧气",null,7,"瓶",30,210,"巨野县巨泰气体二站",null,"张传朋","甘星允"]
[null,"乙炔",null,7,"瓶",65,455,"巨野县巨泰气体二站",null,"张传朋","甘星允"]
["WIN006667","夹具气缸衬套","&60*32",12,"个",25,300,"巨野县麒麟镇瑞麟机床加工厂",18253062776,"张传朋","甘星允"]
["WIN006668","黄油","0 0号 15公斤",4,"桶",200,800,"张中奎",null,"张传朋","甘星允"]
[{"$nulls":6},0]

{"sheet":"11.27","index":30,"n_rows":40,"n_cols":12,"rows_kept":40,"merged":[[0,0,0,11],[1,0,1,11],[2,0,2,11]],"flags":["formulas_cached_only"]}
["五金收料统计日报表"]
["日期： 2018  年 11 月 27日                             填表人： 杨振华"]
["单位：江苏大力神管桩有限公司巨野分公司"]
["入库单号","品名","规格","数量","单位","单价","金额","供应商名称","联系方式","采购员","检验员","备注"]
["WIN006687","钢丝绳","狼山牌Φ15",1,"件",8300,8300,"徐州腾鸿物资贸易有限公司","0516-80116061","王成军","甘星允"]
["WIN006688","氧气",null,5,"瓶",30,150,"巨野县巨泰气体二站",null,"张传朋","甘星允"]
[null,"乙炔",null,5,"瓶",65,325,"巨野县巨泰气体二站",null,"张传朋","甘星允"]
["WIN006689","气管","Φ16 90米",1,"盘",405,405,"巨野县润润五金门市部",15764010540,"张传朋","甘星允"]
["WIN006691","毛刷",null,50,"个",2.5,125,"巨野县润润五金门市部",15764010540,"张传朋","甘星允"]
["WIN006692","PVC变径直接","75*63大小头",6,"个",5,30,"巨野县德春水暖五金门市部",null,"张传朋","甘星允"]
["WIN006693","中摆气缸","80*250",4,"个",175,700,"巨野县润润五金门市部",15764010540,"张传朋","甘星允"]
["WIN006694","尼龙棒","Φ15",3,"KG",35,105,"山东王氏电气机械有限公司",null,"张传朋","甘星允"]
[null,"环氟棒","20#",0.65,"KG",60,39,"山东王氏电气机械有限公司",null,"张传朋","甘星允"]
["WIN006696","风炮套头","Φ30",30,"个",35,1050,"巨野县嘉盛五金机电",null,"张传朋","甘星允"]
["WIN006697","墩头","38*50",50,"个",37,1850,"南京椒陵机械有限公司",null,"王成军","甘星允"]
["WIN006698","D型手柄（风炮配件）","350泰田",6,"个",140,840,"南京立泽机电设备有限公司",18753016988,"王成军","甘星允"]
[null,"前壳（风炮配件）","400泰田",6,"个",140,840,"南京立泽机电设备有限公司",18753016988,"王成军","甘星允"]
[null,"后纸垫（风炮配件）","TT826泰田350",20,"张",2,40,"南京立泽机电设备有限公司",18753016988,"王成军","甘星允"]
[null,"气缸总成（风炮配件）","TT826G泰田",6,"套",440,2640,"南京立泽机电设备有限公司",18753016988,"王成军","甘星允"]
[null,"D型手柄（风炮配件）","TT826泰田",4,"个",25,100,"南京立泽机电设备有限公司",18753016988,"王成军","甘星允"]
["WIN006690","轴承",22217,8,"套",125,1000,"巨野县泗春五金机电门市部",13561346099,"张传朋","甘星允"]
[null,"轴承",30217,8,"套",59,472,"巨野县泗春五金机电门市部",13561346099,"张传朋","甘星允"]
[null,"高强卸扣","6.5T",6,"个",20,120,"巨野县泗春五金机电门市部",13561346099,"张传朋","甘星允"]
[null,"8.8级高强螺丝","20*80",60,"套",2.85,171,"巨野县泗春五金机电门市部",13561346099,"张传朋","甘星允"]
["WIN006710","刀板","临工LG953",1,"件",1800,1800,"无锡市一佳工程机械有限公司",18921536908,"王成军","甘星允"]
["WIN006711","润滑油*机油","小松 CH 18升",1,"桶",360,360,"巨野县华恒工程机械有限公司",15864645266,"张传朋","甘星允"]
[null,"润滑油*机油","小松 CH 4升",2,"桶",100,200,"巨野县华恒工程机械有限公司",15864645266,"张传朋","甘星允"]
[null,"通用设备*机油滤芯",9009,1,"个",120,120,"巨野县华恒工程机械有限公司",15864645266,"张传朋","甘星允"]
[null,"通用设备*空气滤芯",2843,2,"个",180,360,"巨野县华恒工程机械有限公司",15864645266,"张传朋","甘星允"]
[{"$nulls":6},0]
[{"$nulls":6},0]
[{"$nulls":6},0]
[{"$nulls":6},0]
[{"$nulls":6},0]
[{"$nulls":6},0]
[{"$nulls":6},0]
[{"$nulls":6},0]
[{"$nulls":6},0]
[{"$nulls":6},0]
[{"$nulls":6},0]

{"sheet":"11.30","index":31,"n_rows":40,"n_cols":12,"rows_kept":40,"merged":[[0,0,0,11],[1,0,1,11],[2,0,2,11]],"flags":["formulas_cached_only"]}
["五金收料统计日报表"]
["日期： 2018  年 11 月 30日                             填表人： 杨振华"]
["单位：江苏大力神管桩有限公司巨野分公司"]
["入库单号","品名","规格","数量","单位","单价","金额","供应商名称","联系方式","采购员","检验员","备注"]
["WIN006695","合模螺丝","20*125",6000,"套",3.85,23100,"靖江市百佳机械配件有限公司",null,"王成军","甘星允"]
[null,"张拉螺丝","M27*60",20,"袋",345,6900,"靖江市百佳机械配件有限公司",null,"王成军","甘星允"]
[null,"销轴","M16*70",4000,"个",0.83,3320,"靖江市百佳机械配件有限公司",null,"王成军","甘星允"]
["WIN006712","焊条","Φ4.0",2,"箱",105,210,"巨野县泗春五金机电门市部",13561346099,"张传朋","甘星允"]
[null,"506焊条","Φ4.0",1,"箱",140,140,"巨野县泗春五金机电门市部",13561346099,"张传朋","甘星允"]
[null,"螺丝松动剂",null,24,"个",6.25,150,"巨野县泗春五金机电门市部",13561346099,"张传朋","甘星允"]
[null,"8.8级高强螺丝","6*20",30,"套",0.08,2.4,"巨野县泗春五金机电门市部",13561346099,"张传朋","甘星允"]
["WIN006713","托辊",240,10,"个",28,280,"巨野县景波输送机配件经营部",null,"张传朋","甘星允"]
["WIN006714","电焊眼镜",null,20,"个",2,40,"巨野县嘉盛五金机电",null,"张传朋","甘星允"]
["WIN006717","割枪","T-100",2,"个",60,120,"巨野县润润五金门市部",15764010540,"张传朋","甘星允"]
[null,"液面计面板","190*34*17",4,"块",10,40,"巨野县润润五金门市部",15764010540,"张传朋","甘星允"]
["WIN006718","电磁阀线圈","220V",10,"个",9,90,"巨野县润润五金门市部",15764010540,"张传朋","甘星允"]
[null,"液面计面板玻璃垫片","190*34*17",10,"片",2.5,25,"巨野县润润五金门市部",15764010540,"张传朋","甘星允"]
["WIN006719","开口销","3*50",21,"斤",4.5,94.5,"巨野县兴强轴承销售中心",null,"张传朋","甘星允"]
["WIN006720","大垃圾袋",null,4,"包",15,60,"巨野县冉慧慧百货店",null,"张传朋","甘星允"]
["WIN006747","电极式液位传感器","SKJ-IV350mm",1,"台",500,500,"河南省恒安锅炉有限公司",null,"张传朋","甘星允"]
["WIN006759","收据单",null,2,"包",7,14,"巨野县国文办公用品门市部",null,"张传朋","甘星允"]
["WIN006760","电缆","3*2.5",0.1,"捆",500,50,"巨野县豪德五金机电批发部",18816075138,"张传朋","甘星允"]
["WIN006761","铁锨杆",null,10,"把",10,100,"巨野县嘉盛五金机电",18753016988,"张传朋","甘星允"]
["WIN006762","LED灯","30W",4,"个",28,112,"巨野县嘉盛五金机电",18753016988,"张传朋","甘星允"]
[{"$nulls":6},0]
[{"$nulls":6},0]
[{"$nulls":6},0]
[{"$nulls":6},0]
[{"$nulls":6},0]
[{"$nulls":6},0]
[{"$nulls":6},0]
[{"$nulls":6},0]
[{"$nulls":6},0]
[{"$nulls":6},0]
[{"$nulls":6},0]
[{"$nulls":6},0]
[{"$nulls":6},0]
[{"$nulls":6},0]
[{"$nulls":6},0]
[{"$nulls":6},0]

{"sheet":"12.03","index":32,"n_rows":40,"n_cols":12,"rows_kept":40,"merged":[[0,0,0,11],[1,0,1,11],[2,0,2,11]],"flags":["formulas_cached_only"]}
["五金收料统计日报表"]
["日期： 2018  年 12 月 3日                             填表人： 杨振华"]
["单位：江苏大力神管桩有限公司巨野分公司"]
["入库单号","品名","规格","数量","单位","单价","金额","供应商名称","联系方式","采购员","检验员","备注"]
["WIN006776","帆布门帘","帆布 棉",19.25,"平方",35,673.75,"单秋杰",null,"张传朋","甘星允"]
["WIN006777","原材料报验单",null,200,"本",2.3,459.99999999999994,"巨野县云波打字社",null,"张传朋","甘星允"]
["WIN006779","暖风扇","ZG-MSB-1500",6,"台",140,840,"巨野县豪德五金机电批发部",18816075138,"张传朋","甘星允"]
["WIN006780","铁锨头",null,12,"个",15,180,"巨野县嘉盛五金机电",null,"张传朋","甘星允"]
["WIN006781","传动轴","50*300",2,"件",150,300,"巨野县麒麟镇瑞麟机床加工厂",18253062776,"张传朋","甘星允"]
[null,"压盘（加工件）","190*20",18,"件",80,1440,"巨野县麒麟镇瑞麟机床加工厂",18253062776,"张传朋","甘星允"]
["WIN006782","铜蜗轮","WS-ZYF-3",1,"只",680,680,"常州丰溢机械有限公司",null,"张传朋","甘星允"]
[null,"蜗杆","WS-ZYF-3",1,"根",280,280,"常州丰溢机械有限公司",null,"张传朋","甘星允"]
["WIN006783","滑槽（加工件）","Φ长330*宽92",1,"件",850,850,"巨野县麒麟镇瑞麟机床加工厂",18253062776,"张传朋","甘星允"]
["WIN006798","工业用盐","50KG",5000,"KG",0.48,2400,"巨野县盐业公司",null,"张传朋","甘星允"]
["WIN006799","小垃圾袋",null,50,"个",1,50,"巨野县冉慧慧百货店",null,"张传朋","甘星允"]
["WIN006800","锁芯",null,1,"个",15,15,"巨野县白婷五金门市部",null,"张传朋","甘星允"]
["WIN006801","绝缘子","电车磁瓶12#螺丝",50,"个",5,250,"巨野县豪德五金机电批发部",18816075138,"张传朋","甘星允"]
["WIN006802","电缆线","3*2.5",20,"米",5,100,"巨野县嘉盛五金机电",null,"张传朋","甘星允"]
["WIN006803","稻草绳",null,700000,"米",0.036,25199.999999999996,"江苏大力神管桩有限公司",null,"王成军","甘星允"]
[{"$nulls":6},0]
[{"$nulls":6},0]
[{"$nulls":6},0]
[{"$nulls":6},0]
[{"$nulls":6},0]
[{"$nulls":6},0]
[{"$nulls":6},0]
[{"$nulls":6},0]
[{"$nulls":6},0]
[{"$nulls":6},0]
[{"$nulls":6},0]
[{"$nulls":6},0]
[{"$nulls":6},0]
[{"$nulls":6},0]
[{"$nulls":6},0]
[{"$nulls":6},0]
[{"$nulls":6},0]
[{"$nulls":6},0]
[{"$nulls":6},0]
[{"$nulls":6},0]
[{"$nulls":6},0]

{"sheet":"12.04","index":33,"n_rows":40,"n_cols":12,"rows_kept":40,"merged":[[0,0,0,11],[1,0,1,11],[2,0,2,11]],"flags":["formulas_cached_only"]}
["五金收料统计日报表"]
["日期： 2018  年 12 月 4日                             填表人： 杨振华"]
["单位：江苏大力神管桩有限公司巨野分公司"]
["入库单号","品名","规格","数量","单位","单价","金额","供应商名称","联系方式","采购员","检验员","备注"]
["WIN006817","三角带","A-1143",20,"根",5.7,114,"张四千轴承三角带配件",null,"张传朋","甘星允"]
[null,"三角带","B-800",10,"根",6,60,"张四千轴承三角带配件",null,"张传朋","甘星允"]
[null,"三角带","B-900",10,"根",6,60,"张四千轴承三角带配件",null,"张传朋","甘星允"]
["WIN006818","白板笔",null,20,"支",2,40,"巨野县晨风文具商行",18653006669,"张传朋","甘星允"]
["WIN006819","白板笔","1*1.5",1,"块",65,65,"艺虹纸品商店",null,"张传朋","甘星允"]
[null,"白板支架",null,1,"个",50,50,"艺虹纸品商店",null,"张传朋","甘星允"]
["WIN006820","绳子",null,5,"斤",7,35,"于保国",null,"张传朋","甘星允"]
["WIN006821","手电筒",null,2,"个",25,50,"巨野县嘉盛五金机电",null,"张传朋","甘星允"]
[{"$nulls":6},0]
[{"$nulls":6},0]
[{"$nulls":6},0]
[{"$nulls":6},0]
[{"$nulls":6},0]
[{"$nulls":6},0]
[{"$nulls":6},0]
[{"$nulls":6},0]
[{"$nulls":6},0]
[{"$nulls":6},0]
[{"$nulls":6},0]
[{"$nulls":6},0]
[{"$nulls":6},0]
[{"$nulls":6},0]
[{"$nulls":6},0]
[{"$nulls":6},0]
[{"$nulls":6},0]
[{"$nulls":6},0]
[{"$nulls":6},0]
[{"$nulls":6},0]
[{"$nulls":6},0]
[{"$nulls":6},0]
[{"$nulls":6},0]
[{"$nulls":6},0]
[{"$nulls":6},0]
[{"$nulls":6},0]
[{"$nulls":6},0]
[{"$nulls":6},0]

{"sheet":"12.06","index":34,"n_rows":40,"n_cols":12,"rows_kept":40,"merged":[[0,0,0,11],[1,0,1,11],[2,0,2,11]],"flags":["formulas_cached_only"]}
["五金收料统计日报表"]
["日期： 2018  年 12 月 7日                             填表人： 杨振华"]
["单位：江苏大力神管桩有限公司巨野分公司"]
["入库单号","品名","规格","数量","单位","单价","金额","供应商名称","联系方式","采购员","检验员","备注"]
["WIN006862","上海通用电焊机","ZX7-4007",1,"台",1650,1650,"天津昊宸思创科技有限公司",null,"王成军","甘星允"]
["WIN006863","胶",801,6,"袋",15,90,"巨野县亚美涂料",null,"张传朋","甘星允"]
["WIN006864","焊条",3.2,2,"箱",105,210,"巨野县泗春五金机电门市部",13561346099,"张传朋","甘星允"]
["WIN006865","电机风叶","Y280-468 55千瓦",1,"个",80,80,"巨野县德重电器维修中心",null,"张传朋","甘星允"]
["WIN006866","铸钢法兰止回阀","40#",1,"个",190,190,"巨野县润润五金门市部",15764010540,"张传朋","甘星允"]
[null,"法兰截止阀",50,1,"个",235,235,"巨野县润润五金门市部",15764010540,"张传朋","甘星允"]
["WIN006867","快速接头","2018-12-03",50,"个",2.5,125,"巨野县润润五金门市部",15764010540,"张传朋","甘星允"]
["WIN006868","角铁","4*4",6,"根",43,258,"巨野县冯建征彩钢瓦销售处",null,"张传朋","甘星允"]
[null,"3.0花纹板","1.5米*6米",1,"块",870,870,"巨野县冯建征彩钢瓦销售处",null,"张传朋","甘星允"]
["WIN006869","电缆","3*2.5",1,"捆",450,450,"巨野县嘉盛五金机电",null,"张传朋","甘星允"]
["WIN006870","皮手套",null,600,"双",3.5,2100,"临沂市福伟劳保五金工具",null,"王成军","甘星允"]
[null,"线手套",null,100,"双",0.46,46,"临沂市福伟劳保五金工具",null,"王成军","甘星允"]
[null,"口罩",null,140,"个",0.26,36.4,"临沂市福伟劳保五金工具",null,"王成军","甘星允"]
["WIN006871","洗衣粉",null,280,"袋",2.83,792.4,"周郢",null,"王成军","甘星允"]
["WIN006872","小轴（加工件）","16*160",6,"件",20,120,"巨野县麒麟镇瑞麟机床加工厂",18253062776,"张传朋","甘星允"]
[null,"托轮（加工件）","42*85",6,"件",30,180,"巨野县麒麟镇瑞麟机床加工厂",18253062776,"张传朋","甘星允"]
[null,"托轮（加工件）","42*60",10,"件",25,250,"巨野县麒麟镇瑞麟机床加工厂",18253062776,"张传朋","甘星允"]
["WIN006873","脱模剂",null,9.73,"吨",2100,20433,"徐州鑫宇阳润滑油有限公司",null,"王成军","甘星允"]
["WIN006881","打印纸","A4",2,"箱",130,260,"巨野县晨风文具商行",18653006669,"张传朋","甘星允"]
["WIN006882","皮带轮","315*2",1,"件",84,84,"嘉祥县科林机电商行",null,"张传朋","甘星允"]
["WIN006883","轴承",6319,2,"个",198,396,"巨野县泗春五金机电门市部",13561346099,"张传朋","甘星允"]
["WIN006895","单梁航车遥控器","F23-BBAC380V",1,"个",5703,5703,"嘉祥县鑫泰电料供应站",null,"张传朋","甘星允"]
["WIN006896","皮带轮","280*6",1,"件",450,450,"嘉祥槽轮大全",null,"张传朋","甘星允"]
[{"$nulls":6},0]
[{"$nulls":6},0]
[{"$nulls":6},0]
[{"$nulls":6},0]
[{"$nulls":6},0]
[{"$nulls":6},0]
[{"$nulls":6},0]
[{"$nulls":6},0]
[{"$nulls":6},0]
[{"$nulls":6},0]
[{"$nulls":6},0]
[{"$nulls":6},0]
[{"$nulls":6},0]

{"sheet":"12.10","index":35,"n_rows":40,"n_cols":12,"rows_kept":40,"merged":[[0,0,0,11],[1,0,1,11],[2,0,2,11]],"flags":["formulas_cached_only"]}
["五金收料统计日报表"]
["日期： 2018  年 12 月 10日                             填表人： 杨振华"]
["单位：江苏大力神管桩有限公司巨野分公司"]
["入库单号","品名","规格","数量","单位","单价","金额","供应商名称","联系方式","采购员","检验员","备注"]
["WIN006913","模边油（废机油）",null,3.64,"吨",3650,13286,"临沂罗庄",null,"王成军","甘星允"]
["WIN006915","张拉螺母","T188*8",8,"个",820,6560,"马鞍山顺昌机械科技有限公司",null,"王成军","甘星允"]
["WIN006916","氧气",null,6,"瓶",30,180,"巨野县巨泰气体二站",18765016777,"张传朋","甘星允"]
[null,"乙炔",null,9,"瓶",65,585,"巨野县巨泰气体二站",18765016777,"张传朋","甘星允"]
["WIN006917","套（加工件）","Φ28*10",4,"件",10,40,"巨野县麒麟镇瑞麟机床加工厂",18253062776,"张传朋","甘星允"]
["WIN006918","套（加工件）","Φ90*孔80*26",1,"件",40,40,"巨野县麒麟镇瑞麟机床加工厂",18253062776,"张传朋","甘星允"]
["WIN006919","黄漆","15KG",1,"桶",160,160,"巨野镇晨虹五金门市部",null,"张传朋","甘星允"]
[null,"稀料",null,4,"瓶",2.5,10,"巨野镇晨虹五金门市部",null,"张传朋","甘星允"]
[null,"白漆","2KG",1,"桶",30,30,"巨野镇晨虹五金门市部",null,"张传朋","甘星允"]
["WIN006920","彩钢板","1M",30,"米",10,300,"巨野县冯建征彩钢瓦销售处",13184075555,"张传朋","甘星允"]
["WIN006921","墨汁","大",20,"瓶",3,60,"巨野县晨风文具商行",18653006669,"张传朋","甘星允"]
["WIN006922","气管","12#",1,"盘",240,240,"巨野县润润五金门市部",15764010540,"张传朋","甘星允"]
[null,"快速接头","16--04",50,"个",4,200,"巨野县润润五金门市部",15764010540,"张传朋","甘星允"]
[null,"快速接头","12--4",50,"个",3,150,"巨野县润润五金门市部",15764010540,"张传朋","甘星允"]
[null,"直接","Φ12",10,"个",2,20,"巨野县润润五金门市部",15764010540,"张传朋","甘星允"]
[null,"毛刷",null,50,"个",2.5,125,"巨野县润润五金门市部",15764010540,"张传朋","甘星允"]
["WIN006923","扎丝",null,17,"斤",3.5,59.5,"巨野县信德标准件经营部",null,"张传朋","甘星允"]
["WIN006924","中性笔芯",null,2,"盒",12,24,"巨野县晨风文具商行",18653006669,"张传朋","甘星允"]
[null,"圆珠笔",null,1,"盒",10,10,"巨野县晨风文具商行",18653006669,"张传朋","甘星允"]
["WIN006925","开口销","3*50",60,"斤",4.5,270,"巨野县兴强轴承销售中心",null,"张传朋","甘星允"]
["WIN006926","白护套线","2*1.5",1,"盘",175,175,"巨野县豪德五金机电批发部",18816075138,"张传朋","甘星允"]
["WIN006927","轴承",22217,8,"个",125,1000,"巨野县泗春五金机电门市部",13561346099,"张传朋","甘星允"]
[null,"轴承",30217,8,"个",59,472,"巨野县泗春五金机电门市部",13561346099,"张传朋","甘星允"]
[null,"8.8级内六角螺丝","8*60",30,"套",0.35,10.5,"巨野县泗春五金机电门市部",13561346099,"张传朋","甘星允"]
[null,"8.8级内六角螺丝","8*40",30,"套",0.3,9,"巨野县泗春五金机电门市部",13561346099,"张传朋","甘星允"]
["WIN006928","风镐钎","ΦG10",4,"个",15,60,"巨野县德双赢汽保工具",6138881,"张传朋","甘星允"]
["WIN006929","电磁阀","4V410-15",4,"个",65,260,"巨野县润润五金门市部",15764010540,"张传朋","甘星允"]
["WIN006930","大衣",null,2,"件",60,120,"巨野县豪德五金机电批发部",18816075138,"张传朋","甘星允"]
["WIN006931","伴热带","&8 50米",1,"盘",75,75,"巨野县润润五金门市部",15764010540,"张传朋","甘星允"]
[{"$nulls":6},0]
[{"$nulls":6},0]
[{"$nulls":6},0]
[{"$nulls":6},0]
[{"$nulls":6},0]
[{"$nulls":6},0]
[{"$nulls":6},0]

{"sheet":"12.16","index":36,"n_rows":43,"n_cols":12,"rows_kept":43,"merged":[[0,0,0,11],[1,0,1,11],[2,0,2,11]],"flags":["formulas_cached_only"]}
["五金收料统计日报表"]
["日期： 2018  年 12 月 10日                             填表人： 杨振华"]
["单位：江苏大力神管桩有限公司巨野分公司"]
["入库单号","品名","规格","数量","单位","单价","金额","供应商名称","联系方式","采购员","检验员","备注"]
["WIN006958","乙炔表","YQE-03",2,"块",45,90,"巨野县润润五金门市部",15764010540,"王成军","甘星允"]
[null,"直接","Φ16",50,"个",2.5,125,"巨野县润润五金门市部",15764010540,"王成军","甘星允"]
[null,"铸钢法兰截止阀","Φ65",1,"个",285,285,"巨野县润润五金门市部",15764010540,"张传朋","甘星允"]
[null,"直接","Φ12",50,"个",2,100,"巨野县润润五金门市部",15764010540,"张传朋","甘星允"]
[null,"快速直接","12--03",50,"个",2.5,125,"巨野县润润五金门市部",15764010540,"张传朋","甘星允"]
["WIN006959","铜球阀",15,10,"个",8,80,"巨野县润润五金门市部",15764010540,"张传朋","甘星允"]
[null,"高温法兰球阀","DN15",2,"个",40,80,"巨野县润润五金门市部",15764010540,"张传朋","甘星允"]
[null,"法兰水表",80,1,"块",145,145,"巨野县润润五金门市部",15764010540,"张传朋","甘星允"]
["WIN006960","胶皮手套","PVC",2,"双",8,16,"巨野县亚涵洗化经销处",null,"张传朋","甘星允"]
["WIN006961","漏电断路器","2P 32A",5,"个",30,150,"巨野县豪德五金机电批发部",18816075138,"张传朋","甘星允"]
[null,"手电筒",null,2,"个",15,30,"巨野县豪德五金机电批发部",18816075138,"张传朋","甘星允"]
["WIN006962","开口扳手","16--18",1,"个",12,12,"纪怀想",null,"张传朋","甘星允"]
[null,"卡簧钳","7#",1,"把",15,15,"纪怀想",null,"张传朋","甘星允"]
[null,"风炮套头","Φ30",30,"个",35,1050,"纪怀想",null,"张传朋","甘星允"]
["WIN006978","塑料布","4米*0.1",40,"KG",11.8,472,"张中奎",null,"张传朋","甘星允"]
["WIN006979","美工刀",null,7,"把",3,21,"巨野县泗春五金机电门市部",13561346099,"张传朋","甘星允"]
[null,"轴承",22224,4,"个",260,1040,"巨野县泗春五金机电门市部",13561346099,"张传朋","甘星允"]
[null,"8.8级高强螺丝","16*70",60,"套",1.6,96,"巨野县泗春五金机电门市部",13561346099,"张传朋","甘星允"]
[null,"8.8级高强螺丝","20*100",10,"套",3.4,34,"巨野县泗春五金机电门市部",13561346099,"张传朋","甘星允"]
[null,"8.8级高强螺丝","12*50",50,"套",0.7,35,"巨野县泗春五金机电门市部",13561346099,"张传朋","甘星允"]
["WIN006980","8.8级内六角螺丝","10*35",30,"套",0.48,14.399999999999999,"巨野县泗春五金机电门市部",13561346099,"张传朋","甘星允"]
[null,"8.8级内六角螺丝","14*40",40,"套",0.9,36,"巨野县泗春五金机电门市部",13561346099,"张传朋","甘星允"]
[null,"8.8级内六角螺丝","10*30",30,"套",0.45,13.5,"巨野县泗春五金机电门市部",13561346099,"张传朋","甘星允"]
[null,"沉头螺丝","12*40",100,"套",0.65,65,"巨野县泗春五金机电门市部",13561346099,"张传朋","甘星允"]
["WIN006981","卡扣","Φ10",10,"个",1,10,"巨野县泗春五金机电门市部",13561346099,"张传朋","甘星允"]
[null,"卡扣","Φ12",10,"个",1.15,11.5,"巨野县泗春五金机电门市部",13561346099,"张传朋","甘星允"]
[null,"8.8级螺母","M12",30,"个",0.15,4.5,"巨野县泗春五金机电门市部",13561346099,"张传朋","甘星允"]
["WIN006982","电磁阀线圈","220v",20,"个",9,180,"巨野县润润五金门市部",15764010540,"张传朋","甘星允"]
["WIN006983","电池","9V",10,"个",5,50,"巨野县豪德五金机电批发部",18816075138,"张传朋","甘星允"]
["WIN006984","黄油枪","900CC",1,"把",100,100,"张中奎",null,"张传朋","甘星允"]
["WIN006985","链轮","10A*39Z",2,"件",70,140,"济宁市市中区亿源五金机电",null,"张传朋","甘星允"]
[null,"链轮","12A*35Z",1,"件",150,150,"济宁市市中区亿源五金机电",null,"张传朋","甘星允"]
[null,"双排链轮","12A*17Z",1,"件",65,65,"济宁市市中区亿源五金机电",null,"张传朋","甘星允"]
["WIN006986","装车通知单",null,200,"本",2.4,480,"巨野县云波打字社",null,"张传朋","甘星允"]
["WIN006987","小扫把",null,10,"把",6,60,"巨野县付敏土产批发综合门市部",null,"张传朋","甘星允"]
["WIN006988","工业用盐","50KG",5000,"KG",0.48,2400,"巨野县盐业公司",null,"张传朋","甘星允"]
["WIN006989","光感排线器","GPC30",1,"个",720,720,"新绛县恒泰机械厂",null,"王成军","甘星允"]
[{"$nulls":6},0]
[{"$nulls":6},0]

{"sheet":"12.20","index":37,"n_rows":43,"n_cols":12,"rows_kept":43,"merged":[[0,0,0,11],[1,0,1,11],[2,0,2,11]],"flags":["formulas_cached_only"]}
["五金收料统计日报表"]
["日期： 2018  年 12 月 20日                             填表人： 杨振华"]
["单位：江苏大力神管桩有限公司巨野分公司"]
["入库单号","品名","规格","数量","单位","单价","金额","供应商名称","联系方式","采购员","检验员","备注"]
["WIN007031","黄油","00号 15公斤",4,"桶",200,800,"张中奎",null,"张传朋","甘星允"]
[null,"黄油枪","手动900CC",1,"把",100,100,"张中奎",null,"张传朋","甘星允"]
["WIN007032","氧气",null,6,"瓶",30,180,"巨野县巨泰气体二站",18765016777,"张传朋","甘星允"]
[null,"乙炔",null,6,"瓶",65,390,"巨野县巨泰气体二站",18765016777,"张传朋","甘星允"]
["WIN007042","黄油","00号 15公斤",2,"桶",200,400,"张中奎",null,"张传朋","甘星允"]
[null,"长城黄油","高温脂15公斤",1,"桶",550,550,"张中奎",null,"张传朋","甘星允"]
[{"$nulls":6},0]
[{"$nulls":6},0]
[{"$nulls":6},0]
[{"$nulls":6},0]
[{"$nulls":6},0]
[{"$nulls":6},0]
[{"$nulls":6},0]
[{"$nulls":6},0]
[{"$nulls":6},0]
[{"$nulls":6},0]
[{"$nulls":6},0]
[{"$nulls":6},0]
[{"$nulls":6},0]
[{"$nulls":6},0]
[{"$nulls":6},0]
[{"$nulls":6},0]
[{"$nulls":6},0]
[{"$nulls":6},0]
[{"$nulls":6},0]
[{"$nulls":6},0]
[{"$nulls":6},0]
[{"$nulls":6},0]
[{"$nulls":6},0]
[{"$nulls":6},0]
[{"$nulls":6},0]
[{"$nulls":6},0]
[{"$nulls":6},0]
[{"$nulls":6},0]
[{"$nulls":6},0]
[{"$nulls":6},0]
[{"$nulls":6},0]
[{"$nulls":6},0]
[{"$nulls":6},0]

{"sheet":"12.21","index":38,"n_rows":43,"n_cols":12,"rows_kept":43,"merged":[[0,0,0,11],[1,0,1,11],[2,0,2,11]],"flags":["formulas_cached_only"]}
["五金收料统计日报表"]
["日期： 2018  年 12 月 21日                             填表人： 杨振华"]
["单位：江苏大力神管桩有限公司巨野分公司"]
["入库单号","品名","规格","数量","单位","单价","金额","供应商名称","联系方式","采购员","检验员","备注"]
["WIN007063","氧气",null,6,"瓶",30,180,"巨野县巨泰气体二站",18765016777,"张传朋","甘星允"]
[null,"乙炔",null,6,"瓶",65,390,"巨野县巨泰气体二站",18765016777,"张传朋","甘星允"]
[{"$nulls":6},0]
[{"$nulls":6},0]
[{"$nulls":6},0]
[{"$nulls":6},0]
[{"$nulls":6},0]
[{"$nulls":6},0]
[{"$nulls":6},0]
[{"$nulls":6},0]
[{"$nulls":6},0]
[{"$nulls":6},0]
[{"$nulls":6},0]
[{"$nulls":6},0]
[{"$nulls":6},0]
[{"$nulls":6},0]
[{"$nulls":6},0]
[{"$nulls":6},0]
[{"$nulls":6},0]
[{"$nulls":6},0]
[{"$nulls":6},0]
[{"$nulls":6},0]
[{"$nulls":6},0]
[{"$nulls":6},0]
[{"$nulls":6},0]
[{"$nulls":6},0]
[{"$nulls":6},0]
[{"$nulls":6},0]
[{"$nulls":6},0]
[{"$nulls":6},0]
[{"$nulls":6},0]
[{"$nulls":6},0]
[{"$nulls":6},0]
[{"$nulls":6},0]
[{"$nulls":6},0]
[{"$nulls":6},0]
[{"$nulls":6},0]
[{"$nulls":6},0]
[{"$nulls":6},0]

{"sheet":"12.25","index":39,"n_rows":56,"n_cols":12,"rows_kept":56,"merged":[[0,0,0,11],[1,0,1,11],[2,0,2,11]],"flags":["formulas_cached_only"]}
["五金收料统计日报表"]
["日期： 2018  年 12 月 25日                             填表人： 杨振华"]
["单位：江苏大力神管桩有限公司巨野分公司"]
["入库单号","品名","规格","数量","单位","单价","金额","供应商名称","联系方式","采购员","检验员","备注"]
["WIN007067","老虎钳","8#",2,"把",10,20,"巨野县嘉盛五金机电",18753016988,"张传朋","甘星允"]
[null,"碘钨灯","1000W",20,"个",2.5,50,"巨野县嘉盛五金机电",18753016988,"张传朋","甘星允"]
[null,"灯架","电工",10,"个",4,40,"巨野县嘉盛五金机电",18753016988,"张传朋","甘星允"]
[null,"螺丝刀","十字",3,"把",5,15,"巨野县嘉盛五金机电",18753016988,"张传朋","甘星允"]
["WIN007068","插排","五孔",1,"个",15,15,"巨野县德春水暖五金门市部",null,"张传朋","甘星允"]
["WIN007069","长城黄油","高温脂1.8公斤",2,"桶",80,160,"张中奎",null,"张传朋","甘星允"]
["WIN007070","电脑打印纸","241-4-3",1,"盒",40,40,"巨野县王广瑞文具批发店",null,"张传朋","甘星允"]
[null,"白板","1*1.5米",1,"块",68,68,"巨野县王广瑞文具批发店",null,"张传朋","甘星允"]
["WIN007071","8.8级高强螺丝","20*100",70,"套",3.4,238,"巨野县泗春五金机电门市部",13561346099,"张传朋","甘星允"]
[null,"电工胶布",null,50,"个",1.6,80,"巨野县泗春五金机电门市部",13561346099,"张传朋","甘星允"]
[null,"螺丝刀","一字",3,"把",5,15,"巨野县泗春五金机电门市部",13561346099,"张传朋","甘星允"]
[null,"506焊条","4.0#",2,"箱",140,280,"巨野县泗春五金机电门市部",13561346099,"张传朋","甘星允"]
[null,"焊条","3.2#",2,"箱",105,210,"巨野县泗春五金机电门市部",13561346099,"张传朋","甘星允"]
["WIN007072","焊条","4.0#",2,"箱",105,210,"巨野县泗春五金机电门市部",13561346099,"张传朋","甘星允"]
[null,"轴承","RN219",2,"个",115,230,"巨野县泗春五金机电门市部",13561346099,"张传朋","甘星允"]
[null,"8.8级内六角螺丝","8*60",30,"套",0.3,9,"巨野县泗春五金机电门市部",13561346099,"张传朋","甘星允"]
[null,"8.8级内六角螺丝","10*70",30,"套",0.52,15.600000000000001,"巨野县泗春五金机电门市部",13561346099,"张传朋","甘星允"]
[null,"透明胶带",null,2,"个",2,4,"巨野县泗春五金机电门市部",13561346099,"张传朋","甘星允"]
["WIN007073","轮子（推车）",null,4,"套",95,380,"巨野县嘉盛五金机电",18753016988,"张传朋","甘星允"]
[null,"黄色安全帽",null,7,"个",18,126,"巨野县嘉盛五金机电",18753016988,"张传朋","甘星允"]
["WIN007074","塑料布","2米*0.1",17,"斤",6.5,110.5,"杨体君塑料制品门市部",null,"张传朋","甘星允"]
["WIN007075","大垃圾袋",null,4,"包",15,60,"巨野县冉慧慧百货店",null,"张传朋","甘星允"]
["WIN007076","万能转换开关","LW5D-16  2P",5,"个",35,175,"巨野县豪德五金机电批发部",18816075138,"张传朋","甘星允"]
["WIN007077","密封圈","115*140*4",1,"个",6,6,"巨野县派龙工程机械门市部",null,"张传朋","甘星允"]
[null,"密封圈","80*105*12",1,"个",3,3,"巨野县派龙工程机械门市部",null,"张传朋","甘星允"]
["WIN007078","竹梯","7米",1,"个",140,140,"孙建荣",null,"张传朋","甘星允"]
["WIN007079","钢板","3米*1.5米*8MM",1,"张",1160,1160,"巨野县冯建正彩钢瓦销售处",null,"张传朋","甘星允"]
["WIN007080","塑料布","4米*0.1",20,"KG",11.8,236,"杨体君塑料制品门市部",null,"张传朋","甘星允"]
["WIN007081","胶",801,6,"袋",15,90,"巨野县亚美涂料",null,"张传朋","甘星允"]
["WIN007082","电缆线","7*1.5",4,"根",365,1460,"扬州宝赢电缆厂",null,"张传朋","甘星允"]
["WIN007083","PVC外牙直接",63,2,"个",3,6,"巨野县德春水暖五金门市部",null,"张传朋","甘星允"]
["WIN007084","LED灯","100W",5,"个",150,750,"巨野县豪德五金机电批发部",18816075138,"张传朋","甘星允"]
[null,"电焊钳","800A",3,"把",20,60,"巨野县豪德五金机电批发部",18816075138,"张传朋","甘星允"]
[null,"割嘴",30,15,"个",5,75,"巨野县豪德五金机电批发部",18816075138,"张传朋","甘星允"]
[null,"割嘴","100#",15,"个",5,75,"巨野县豪德五金机电批发部",18816075138,"张传朋","甘星允"]
[null,"切割片",100,50,"个",1,50,"巨野县豪德五金机电批发部",18816075138,"张传朋","甘星允"]
["WIN007085","磨片",100,50,"个",2,100,"巨野县豪德五金机电批发部",18816075138,"张传朋","甘星允"]
[null,"百叶片",100,50,"个",2,100,"巨野县豪德五金机电批发部",18816075138,"张传朋","甘星允"]
[null,"手电筒",null,2,"个",15,30,"巨野县豪德五金机电批发部",18816075138,"张传朋","甘星允"]
["WIN007086","金属垫片",15,10,"个",1,10,"巨野县润润五金门市部",15764010540,"张传朋","甘星允"]
[null,"截止阀","DN65",1,"个",285,285,"巨野县润润五金门市部",15764010540,"张传朋","甘星允"]
[null,"弯头",133,6,"个",25,150,"巨野县润润五金门市部",15764010540,"张传朋","甘星允"]
[null,"电焊帽",null,6,"个",5,30,"巨野县润润五金门市部",15764010540,"张传朋","甘星允"]
[null,"直接","16#",50,"个",2.5,125,"巨野县润润五金门市部",15764010540,"张传朋","甘星允"]
["WIN007087","钳子",null,3,"把",10,30,"巨野县润润五金门市部",15764010540,"张传朋","甘星允"]
[null,"石笔",null,5,"盒",4,20,"巨野县润润五金门市部",15764010540,"张传朋","甘星允"]
[null,"麻花钻头","8#",10,"支",7.5,75,"巨野县润润五金门市部",15764010540,"张传朋","甘星允"]
["WIN007088","黄漆","13KG",1,"桶",130,130,"巨野镇晨虹五金门市部",null,"张传朋","甘星允"]
["WIN007090","起重机*卷筒组","#400*1500",1,"套",8200,8200,"江阴戴氏机械制造有限公司","0510-86687629","王成军","甘星允"]
["WIN007091","T107铜焊条","#4.0",2,"箱",1300,2600,"临沂市金桥焊接器材有限公司","0539-8320580","王成军","甘星允"]
[{"$nulls":6},0]
[{"$nulls":6},0]

{"sheet":"12.26","index":40,"n_rows":40,"n_cols":12,"rows_kept":40,"merged":[[0,0,0,11],[1,0,1,11],[2,0,2,11]],"flags":["formulas_cached_only"]}
["五金收料统计日报表"]
["日期： 2018  年 12 月 26日                             填表人： 杨振华"]
["单位：江苏大力神管桩有限公司巨野分公司"]
["入库单号","品名","规格","数量","单位","单价","金额","供应商名称","联系方式","采购员","检验员","备注"]
["WIN007111","导绳器","3T",4,"个",50,200,"巨野县巨起起重设备经营部",null,"张传朋","甘星允"]
["WIN007112","铁锨杠",null,10,"把",10,100,"巨野县嘉盛五金机电",18753016988,"张传朋","甘星允"]
["WIN007113","剪子",null,2,"把",10,20,"巨野县晨风文具商行",null,"张传朋","甘星允"]
[null,"打印纸","A4",1,"箱",160,160,"巨野县晨风文具商行",null,"张传朋","甘星允"]
["WIN007114","小垃圾袋",null,8,"卷",2,16,"巨野县商业街批发部",null,"张传朋","甘星允"]
["WIN007115","高派尼空压机油","4升",1,"桶",45,45,"张中奎",null,"张传朋","甘星允"]
["WIN007116","轴承",1311,2,"套",57,114,"巨野县泗春五金机电门市部",13561346099,"张传朋","甘星允"]
[null,"轴承",1313,2,"套",78,156,"巨野县泗春五金机电门市部",13561346099,"张传朋","甘星允"]
[null,"轴承",6215,1,"个",44,44,"巨野县泗春五金机电门市部",13561346099,"张传朋","甘星允"]
[null,"卡簧钳","13#",1,"把",27,27,"巨野县泗春五金机电门市部",13561346099,"张传朋","甘星允"]
[null,"轴承",30217,8,"个",59,472,"巨野县泗春五金机电门市部",13561346099,"张传朋","甘星允"]
["WIN007117","轴承",22217,8,"个",125,1000,"巨野县泗春五金机电门市部",13561346099,"张传朋","甘星允"]
[null,"轴承",6214,4,"个",46,184,"巨野县泗春五金机电门市部",13561346099,"张传朋","甘星允"]
[null,"轴承",51205,6,"个",8,48,"巨野县泗春五金机电门市部",13561346099,"张传朋","甘星允"]
[null,"密封胶",588,15,"个",6,90,"巨野县泗春五金机电门市部",13561346099,"张传朋","甘星允"]
[null,"高强卸扣","6.5T",10,"个",20,200,"巨野县泗春五金机电门市部",13561346099,"张传朋","甘星允"]
["WIN007118","防尘布袋",null,9,"平方米",22,198,"巨野县保为篷布门市部",null,"张传朋","甘星允"]
["WIN007119","活口扳手","15#",3,"把",45,135,"巨野县德航五金机电门市部",null,"张传朋","甘星允"]
[null,"手电筒",null,1,"个",15,15,"巨野县德航五金机电门市部",null,"张传朋","甘星允"]
["WIN007120","轴承",6208,10,"个",15,150,"巨野县兴强轴承销售中心",null,"张传朋","甘星允"]
[null,"卸扣","3T",6,"个",14,84,"巨野县兴强轴承销售中心",null,"张传朋","甘星允"]
["WIN007121","氧气",null,8,"瓶",30,240,"巨野县巨泰气体二站",18765016777,"张传朋","甘星允"]
[null,"乙炔",null,7,"瓶",65,455,"巨野县巨泰气体二站",18765016777,"张传朋","甘星允"]
[{"$nulls":6},0]
[{"$nulls":6},0]
[{"$nulls":6},0]
[{"$nulls":6},0]
[{"$nulls":6},0]
[{"$nulls":6},0]
[{"$nulls":6},0]
[{"$nulls":6},0]
[{"$nulls":6},0]
[{"$nulls":6},0]
[{"$nulls":6},0]
[{"$nulls":6},0]
[{"$nulls":6},0]

{"sheet":"12.30","index":41,"n_rows":40,"n_cols":12,"rows_kept":40,"merged":[[0,0,0,11],[1,0,1,11],[2,0,2,11]],"flags":["formulas_cached_only"]}
["五金收料统计日报表"]
["日期： 2018  年 12 月 30日                             填表人： 杨振华"]
["单位：江苏大力神管桩有限公司巨野分公司"]
["入库单号","品名","规格","数量","单位","单价","金额","供应商名称","联系方式","采购员","检验员","备注"]
["WIN007137","离心机","75KW",1,"台",13100,13100,"台州黄岩林氏科技有限公司",13503766372,"张传朋","甘星允"]
["WIN007138","碎火轴","50*260",4,"件",60,240,"巨野县麒麟镇瑞麟机床加工厂",18253062776,"张传朋","甘星允"]
[null,"吊门轴","110*930",1,"件 ",700,700,"巨野县麒麟镇瑞麟机床加工厂",18253062776,"张传朋","甘星允"]
["WIN007139","平拖把",60,2,"个",15,30,"谭美云",null,"张传朋","甘星允"]
["WIN007140","蒸硫水","50斤",1,"桶",45,45,"巨野县万龙交通配件批发部",null,"张传朋","甘星允"]
["WIN007141","铁红漆","15KG",4,"桶",135,540,"巨野县嘉盛五金机电",18753016988,"张传朋","甘星允"]
[null,"稀料","20KG",1,"瓶",110,110,"巨野县嘉盛五金机电",18753016988,"张传朋","甘星允"]
[null,"膨胀丝","10*12",10,"套",1,10,"巨野县嘉盛五金机电",18753016988,"张传朋","甘星允"]
[null,"焊条","#40",2,"箱",105,210,"巨野县嘉盛五金机电",18753016988,"张传朋","甘星允"]
["WIN007142","8.8级螺母","M36",50,"套",4.7,235,"巨野县兴强轴承销售中心",null,"张传朋","甘星允"]
[null,"螺母平垫（8.8）",36,50,"个",0.4,20,"巨野县兴强轴承销售中心",null,"张传朋","甘星允"]
["WIN007143","镀锌管","DN25",8,"根",65,520,"巨野县张建芝建材批发中心",null,"张传朋","甘星允"]
["WIN007144","内丝弯头","#25",4,"个",2.5,10,"巨野县润润五金门市部",15764010540,"张传朋","甘星允"]
[{"$nulls":6},0]
[{"$nulls":6},0]
[{"$nulls":6},0]
[{"$nulls":6},0]
[{"$nulls":6},0]
[{"$nulls":6},0]
[{"$nulls":6},0]
[{"$nulls":6},0]
[{"$nulls":6},0]
[{"$nulls":6},0]
[{"$nulls":6},0]
[{"$nulls":6},0]
[{"$nulls":6},0]
[{"$nulls":6},0]
[{"$nulls":6},0]
[{"$nulls":6},0]
[{"$nulls":6},0]
[{"$nulls":6},0]
[{"$nulls":6},0]
[{"$nulls":6},0]
[{"$nulls":6},0]
[{"$nulls":6},0]
[{"$nulls":6},0]

{"sheet":"12.31","index":42,"n_rows":41,"n_cols":12,"rows_kept":41,"merged":[[0,0,0,11],[1,0,1,11],[2,0,2,11]],"flags":["formulas_cached_only"]}
["五金收料统计日报表"]
["日期： 2018  年 12 月 31日                             填表人： 杨振华"]
["单位：江苏大力神管桩有限公司巨野分公司"]
["入库单号","品名","规格","数量","单位","单价","金额","供应商名称","联系方式","采购员","检验员","备注"]
["WIN007145","夹具",7.1,1,"套",270,270,"马鞍山市恒特重工科技有限公司",null,"王成军","甘星允"]
["WIN007162","蒸硫水","50斤",1,"桶",45,45,"巨野县新新生食品添加剂门市部",null,"张传朋","甘星允"]
["WIN007163","电磁阀","4V410-15",4,"个",65,260,"巨野县润润五金门市部",15764010540,"张传朋","甘星允"]
[null,"电磁阀","4V310",2,"个",35,70,"巨野县润润五金门市部",15764010540,"张传朋","甘星允"]
[null,"三通","#16",30,"个",2.8,84,"巨野县润润五金门市部",15764010540,"张传朋","甘星允"]
[null,"直接","#10",30,"个",2,60,"巨野县润润五金门市部",15764010540,"张传朋","甘星允"]
["WIN007164","气缸密封垫","#100",5,"套",15,75,"巨野县润润五金门市部",15764010540,"张传朋","甘星允"]
[null,"气缸密封垫","#80",10,"套",15,150,"巨野县润润五金门市部",15764010540,"张传朋","甘星允"]
[null,"气缸密封垫（小垫）","#80/100",10,"个",2,20,"巨野县润润五金门市部",15764010540,"张传朋","甘星允"]
["WIN007165","安全带",null,2,"条",25,50,"巨野县嘉盛五金机电",18753016988,"张传朋","甘星允"]
["WIN007166","轴承",22217,8,"个",125,1000,"巨野县兴强轴承销售中心",null,"张传朋","甘星允"]
[null,"轴承",30217,8,"个",59,472,"巨野县兴强轴承销售中心",null,"张传朋","甘星允"]
[null,"8.8级内六角螺丝","6*20",52,"套",0.2,10.4,"巨野县兴强轴承销售中心",null,"张传朋","甘星允"]
[null,"8.8级内六角螺丝","8*30",50,"套",0.3,15,"巨野县兴强轴承销售中心",null,"张传朋","甘星允"]
[null,"8.8级内六角螺丝","10*70",50,"套",0.6,30,"巨野县兴强轴承销售中心",null,"张传朋","甘星允"]
["WIN007167","轴承",6316,2,"个",80,160,"巨野县兴强轴承销售中心",null,"张传朋","甘星允"]
["WIN007168","帮洁",null,15,"瓶",5,75,"康艳丽",null,"张传朋","甘星允"]
["WIN007169","脱模剂",null,5,"吨",2100,10500,"沧州瑞海油脂化工有限公司","0317-7731239","王成军","甘星允"]
["WIN007170","交流接触器","CJX1-110A/380V",5,"个",386,1930,"邳州市电料总汇",null,"王成军","甘星允"]
[null,"电缆线",null,100,"米",13.5,1350,"邳州市电料总汇",null,"王成军","甘星允"]
["WIN007171","防尘布袋","直径350*12米",1,"条",320,320,"阜宁润达环保滤材有限公司",null,"张传朋","甘星允"]
["WIN007183","氧气",null,7,"瓶",30,210,"巨野县巨泰气体二站",18765016777,"张传朋","甘星允"]
[null,"乙炔",null,7,"瓶",65,455,"巨野县巨泰气体二站",18765016777,"张传朋","甘星允"]
[{"$nulls":6},0]
[{"$nulls":6},0]
[{"$nulls":6},0]
[{"$nulls":6},0]
[{"$nulls":6},0]
[{"$nulls":6},0]
[{"$nulls":6},0]
[{"$nulls":6},0]
[{"$nulls":6},0]
[{"$nulls":6},0]
[{"$nulls":6},0]
[{"$nulls":6},0]
[{"$nulls":6},0]
[{"$nulls":6},0]

{"sheet":"01.06","index":43,"n_rows":41,"n_cols":12,"rows_kept":41,"merged":[[0,0,0,11],[1,0,1,11],[2,0,2,11]],"flags":["formulas_cached_only"]}
["五金收料统计日报表"]
["日期： 2019  年 1 月 06日                             填表人： 杨振华"]
["单位：江苏大力神管桩有限公司巨野分公司"]
["入库单号","品名","规格","数量","单位","单价","金额","供应商名称","联系方式","采购员","检验员","备注"]
["WIN007207","变压器","DK-2000VA 380/220",1,"个",600,270,"巨野县正泰电器门市部",null,"张传朋","甘星允"]
["WIN007208","滑车","0.3吨",30,"个",7,210,"巨野县兴强轴承销售中心",null,"张传朋","甘星允"]
["WIN007209","一次性口罩",null,4,"包",2,8,"巨野县润润五金门市部",15764010540,"张传朋","甘星允"]
[null,"直接","Φ16",50,"个",2.5,125,"巨野县润润五金门市部",15764010540,"张传朋","甘星允"]
["WIN007210","液压密封圈","UHS30*40*6",3,"个",3,9,"巨野县派龙工程机械门市部",null,"张传朋","甘星允"]
[null,"液压密封圈","UHS55*65*6",1,"个",3,3,"巨野县派龙工程机械门市部",null,"张传朋","甘星允"]
[null,"液压密封圈","UHS55*63*6",1,"个",3,3,"巨野县派龙工程机械门市部",null,"张传朋","甘星允"]
[null,"液压密封圈","65*5.7",1,"个",1,1,"巨野县派龙工程机械门市部",null,"张传朋","甘星允"]
["WIN007211","液压密封圈","UN112*125",2,"个",10,20,"巨野县派龙工程机械门市部",null,"张传朋","甘星允"]
[null,"液压密封圈","Ycc112*125",2,"个",10,20,"巨野县派龙工程机械门市部",null,"张传朋","甘星允"]
[null,"液压密封圈","65*2.5*10",2,"个",5,10,"巨野县派龙工程机械门市部",null,"张传朋","甘星允"]
[null,"液压密封圈","10*2.5*125",1,"个",10,10,"巨野县派龙工程机械门市部",null,"张传朋","甘星允"]
["WIN007212","变频器","4KW/380V",1,"台",1315,1315,"巨野县泗春五金机电门市部",13561346099,"张传朋","甘星允"]
["WIN007213","墨汁",null,20,"瓶",2.5,50,"巨野县宏凯文体用品商行",null,"张传朋","甘星允"]
["WIN007214","碘钨灯","1000W",20,"个",2.5,50,"巨野县德航五金电料门市部",null,"张传朋","甘星允"]
["WIN007215","钢丝绳","Φ15",75,"米",8,600,"嘉祥县嘉祥镇二德五金门市部",null,"张传朋","甘星允"]
[null,"蝴蝶扣","5.3T",10,"个",28,280,"嘉祥县嘉祥镇二德五金门市部",null,"张传朋","甘星允"]
["WIN007216","轴承",6209,5,"个",20,100,"巨野县泗春五金机电门市部",13561346099,"张传朋","甘星允"]
[null,"平键","Φ14",2,"根",5.5,11,"巨野县泗春五金机电门市部",13561346099,"张传朋","甘星允"]
[null,"平键","Φ32",4,"根",28,112,"巨野县泗春五金机电门市部",13561346099,"张传朋","甘星允"]
[null,"透明胶带",null,1,"个",4,4,"巨野县泗春五金机电门市部",13561346099,"张传朋","甘星允"]
[null,"风炮套头","Φ30",10,"个",35,350,"巨野县泗春五金机电门市部",13561346099,"张传朋","甘星允"]
["WIN007217","胶棒",null,1,"个",3,3,"巨野县泗春五金机电门市部",13561346099,"张传朋","甘星允"]
[null,"高强卸扣","6.5T",10,"个",30,300,"巨野县泗春五金机电门市部",13561346099,"张传朋","甘星允"]
[null,"风炮套头","Φ30",4,"个",35,140,"巨野县泗春五金机电门市部",13561346099,"张传朋","甘星允"]
["WIN007218","黄色安全帽",null,6,"个",18,108,"巨野县嘉盛五金机电",null,"张传朋","甘星允"]
["WIN007219","皮带轮","80*35加工件",1,"件",60,60,"巨野县麒麟镇瑞麟机床加工厂",18253062776,"张传朋","甘星允"]
[null,"定滑轮","296*65加工件",2,"件",420,840,"巨野县麒麟镇瑞麟机床加工厂",18253062776,"张传朋","甘星允"]
[null,"定滑轮","270*40加工件",2,"件",380,760,"巨野县麒麟镇瑞麟机床加工厂",18253062776,"张传朋","甘星允"]
[null,"滚焊机轮","300*80加工件",1,"件",550,550,"巨野县麒麟镇瑞麟机床加工厂",18253062776,"张传朋","甘星允"]
[{"$nulls":6},0]
[{"$nulls":6},0]
[{"$nulls":6},0]
[{"$nulls":6},0]
[{"$nulls":6},0]
[{"$nulls":6},0]
[{"$nulls":6},0]

{"sheet":"01.07","index":44,"n_rows":46,"n_cols":12,"rows_kept":46,"merged":[[0,0,0,11],[1,0,1,11],[2,0,2,11]],"flags":["formulas_cached_only"]}
["五金收料统计日报表"]
["日期： 2019  年 01 月 07日                             填表人： 杨振华"]
["单位：江苏大力神管桩有限公司巨野分公司"]
["入库单号","品名","规格","数量","单位","单价","金额","供应商名称","联系方式","采购员","检验员","备注"]
["WIN007241","氧气",null,5,"瓶",30,150,"巨野县巨泰气体二站",18765016777,"张传朋","甘星允"]
[null,"乙炔",null,6,"瓶",65,390,"巨野县巨泰气体二站",18765016777,"张传朋","甘星允"]
["WIN007242","单梁航车遥控器","F23-BBAC380V",1,"个",570,570,"嘉祥县鑫泰电料供应站",null,"张传朋","甘星允"]
["WIN007243","密封圈","UHS32",2,"个",10,20,"济宁市市中区中天工矿机电配件销售中心",null,"张传朋","甘星允"]
[null,"密封圈","尘封70",1,"套",10,10,"济宁市市中区中天工矿机电配件销售中心",null,"张传朋","甘星允"]
[null,"密封圈","STD70",1,"个",20,20,"济宁市市中区中天工矿机电配件销售中心",null,"张传朋","甘星允"]
[null,"密封圈","STD110",1,"套",25,25,"济宁市市中区中天工矿机电配件销售中心",null,"张传朋","甘星允"]
[null,"SD80密封件导向环","110*15",2,"个",18,36,"济宁市市中区中天工矿机电配件销售中心",null,"张传朋","甘星允"]
["WIN007244","O型圈","90*5.7",1,"个",1,1,"济宁市市中区中天工矿机电配件销售中心",null,"张传朋","甘星允"]
[null,"O型圈","52.5.7",2,"个",1,2,"济宁市市中区中天工矿机电配件销售中心",null,"张传朋","甘星允"]
[null,"O型圈","110*5.7",2,"个",1,2,"济宁市市中区中天工矿机电配件销售中心",null,"张传朋","甘星允"]
[null,"密封圈","尘封70",2,"套",10,20,"济宁市市中区中天工矿机电配件销售中心",null,"张传朋","甘星允"]
[null,"密封圈","STD70*6",2,"个",20,40,"济宁市市中区中天工矿机电配件销售中心",null,"张传朋","甘星允"]
["WIN007245","密封圈","IDO70",2,"个",15,30,"济宁市市中区中天工矿机电配件销售中心",null,"张传朋","甘星允"]
[null,"密封圈","STD140*6",2,"套",28,56,"济宁市市中区中天工矿机电配件销售中心",null,"张传朋","甘星允"]
[null,"导向环",140,4,"个",20,80,"济宁市市中区中天工矿机电配件销售中心",null,"张传朋","甘星允"]
[null,"O型圈","52*5.7",2,"个",1,2,"济宁市市中区中天工矿机电配件销售中心",null,"张传朋","甘星允"]
["WIN007246","锁母","Φ72",10,"个",2.8,28,"巨野县兴强轴承销售中心",null,"张传朋","甘星允"]
[null,"8.8级螺母平垫",30,5,"个",0.4,2,"巨野县兴强轴承销售中心",null,"张传朋","甘星允"]
["WIN007247","签字笔",null,1,"盒",15,15,"巨野县宏凯文体用品商行",null,"张传朋","甘星允"]
["WIN007248","内胎","375-2",1,"个",20,20,"神州行电动车巨野店",null,"张传朋","甘星允"]
["WIN007249","浮球液位控制器","UQK-02",1,"个",145,145,"巨野县润润五金门市部",15764010540,"张传朋","甘星允"]
[null,"电磁阀","2W-25",1,"个",95,95,"巨野县润润五金门市部",15764010540,"张传朋","甘星允"]
[null,"快速接头","12--4",10,"个",3.5,35,"巨野县润润五金门市部",15764010540,"张传朋","甘星允"]
[null,"快速接头","16--4",10,"个",5,50,"巨野县润润五金门市部",15764010540,"张传朋","甘星允"]
[null,"生胶带",null,30,"个",1,30,"巨野县润润五金门市部",15764010540,"张传朋","甘星允"]
["WIN007250","轴承",22217,8,"个",125,1000,"巨野县泗春五金机电门市部",13561346099,"张传朋","甘星允"]
[null,"磨片",100,50,"个",10.7,535,"巨野县泗春五金机电门市部",13561346099,"张传朋","甘星允"]
[null,"8.8级高强螺丝","12*35",30,"套",0.6,18,"巨野县泗春五金机电门市部",13561346099,"张传朋","甘星允"]
["WIN007251","胶",801,6,"袋",15,90,"巨野县亚美涂料",null,"张传朋","甘星允"]
["WIN007252","小轴（加工件）","30*9",4,"件",50,200,"巨野县麒麟镇瑞麟机床加工厂",18253062776,"张传朋","甘星允"]
["WIN007253","黄油","00号 15公斤",6,"桶",200,1200,"张中奎",null,"张传朋","甘星允"]
[null,"空压机油","18公升",1,"桶",230,230,"张中奎",null,"张传朋","甘星允"]
["WIN007257","风炮套头","Φ30",20,"个",35,700,"巨野县泗春五金机电门市部",13561346099,"张传朋","甘星允"]
["WIN007258","大垃圾袋",null,6,"包",15,90,"巨野县冉慧慧百货店",null,"张传朋","甘星允"]
["WIN007260","脚踏阀",null,1,"个",25,25,"巨野县德春水暖五金门市部",null,"张传朋","甘星允"]
[null,"PVC水龙头",null,10,"个",2,20,"巨野县德春水暖五金门市部",null,"张传朋","甘星允"]
["WIN007261","白护套线","3*2.5",1,"盘",580,580,"巨野县嘉盛五金机电",18753016988,"张传朋","甘星允"]
["WIN007262","张拉机电机","0.75KW",1,"台",300,300,"巨野县德重电器维修中心",null,"张传朋","甘星允"]
["WIN007263","皮手套",null,600,"双",3.5,2100,"临沂福伟劳保五金工具",13954475326,"王成军","甘星允"]
[null,"线手套",null,100,"双",0.46,46,"临沂福伟劳保五金工具",13954475326,"王成军","甘星允"]
[null,"口罩",null,140,"个",0.26,36.4,"临沂福伟劳保五金工具",13954475326,"王成军","甘星允"]

{"sheet":"1.09","index":45,"n_rows":46,"n_cols":12,"rows_kept":46,"merged":[[0,0,0,11],[1,0,1,11],[2,0,2,11]],"flags":["formulas_cached_only"]}
["五金收料统计日报表"]
["日期： 2019  年 01 月 09日                             填表人： 杨振华"]
["单位：江苏大力神管桩有限公司巨野分公司"]
["入库单号","品名","规格","数量","单位","单价","金额","供应商名称","联系方式","采购员","检验员","备注"]
["WIN007269","小扫把",null,10,"把",7,70,"巨野县银河电料五金门市部",null,"张传朋","甘星允"]
[null,"拖把",null,1,"个",10,10,"巨野县银河电料五金门市部",null,"张传朋","甘星允"]
["WIN007270","氧气",null,5,"瓶",30,150,"巨野县巨泰气体二站",18765016777,"张传朋","甘星允"]
[null,"乙炔",null,6,"瓶",65,390,"巨野县巨泰气体二站",18765016777,"张传朋","甘星允"]
["WIN007271","吹风机","CM25-1",1,"个",70,70,"巨野县嘉盛五金机电",18753016988,"张传朋","甘星允"]
["WIN007272","螺丝松动剂",null,24,"个",6.25,150,"巨野县泗春五金机电门市部",13561346099,"张传朋","甘星允"]
[null,"轴承",6214,7,"个",46,322,"巨野县泗春五金机电门市部",13561346099,"张传朋","甘星允"]
[null,"轴承",22214,4,"个",260,1040,"巨野县泗春五金机电门市部",13561346099,"张传朋","甘星允"]
[null,"轴承","UCP211",8,"个",57,456,"巨野县泗春五金机电门市部",13561346099,"张传朋","甘星允"]
["WIN007273","绿达黄油枪","气动12升",1,"把",350,350,"张中奎",null,"张传朋","甘星允"]
["WIN007275","钢丝绳","6*37--15.00",0.766,"吨",9237.6,7076.0016000000005,"江苏狼山钢绳股份有限公司","0513--85512215","王成军","甘星允"]
[null,"钢丝绳","6*37--21.50",1.614,"吨",8352.29,13480.596060000002,"江苏狼山钢绳股份有限公司","0513--85512215","王成军","甘星允"]
[{"$nulls":6},0]
[{"$nulls":6},0]
[{"$nulls":6},0]
[{"$nulls":6},0]
[{"$nulls":6},0]
[{"$nulls":6},0]
[{"$nulls":6},0]
[{"$nulls":6},0]
[{"$nulls":6},0]
[{"$nulls":6},0]
[{"$nulls":6},0]
[{"$nulls":6},0]
[{"$nulls":6},0]
[{"$nulls":6},0]
[{"$nulls":6},0]
[{"$nulls":6},0]
[{"$nulls":6},0]
[{"$nulls":6},0]
[{"$nulls":6},0]
[{"$nulls":6},0]
[{"$nulls":6},0]
[{"$nulls":6},0]
[{"$nulls":6},0]
[{"$nulls":6},0]
[{"$nulls":6},0]
[{"$nulls":6},0]
[{"$nulls":6},0]
[{"$nulls":6},0]
[{"$nulls":6},0]
[{"$nulls":6},0]

{"sheet":"1.11","index":46,"n_rows":46,"n_cols":12,"rows_kept":46,"merged":[[0,0,0,11],[1,0,1,11],[2,0,2,11]],"flags":["formulas_cached_only"]}
["五金收料统计日报表"]
["日期： 2019  年 01 月 11日                             填表人： 杨振华"]
["单位：江苏大力神管桩有限公司巨野分公司"]
["入库单号","品名","规格","数量","单位","单价","金额","供应商名称","联系方式","采购员","检验员","备注"]
["WIN007283","扁平线","12*1.5（B）",100,"米",25.02,2502,"上海易初电线电缆有限公司",null,"王成军","甘星允"]
["WIN007292","合页",null,6,"个",1,6,"巨野县银河电料五金门市部",null,"张传朋","甘星允"]
["WIN007293","卸扣","25T",2,"个",138,276,"巨野县泗春五金机电门市部",13561346099,"张传朋","甘星允"]
[null,"焊条","Φ4.0",2,"箱",100,200,"巨野县泗春五金机电门市部",13561346099,"张传朋","甘星允"]
[null,"506焊条","Φ4.0",2,"箱",135,70,"巨野县泗春五金机电门市部",13561346099,"张传朋","甘星允"]
["WIN007294","气管","Φ16  90米",1,"盘",405,405,"巨野县润润五金门市部",15764010540,"张传朋","甘星允"]
[null,"直接","Φ16  90米",50,"个",2.5,125,"巨野县润润五金门市部",15764010540,"张传朋","甘星允"]
[null,"直接","Φ12",50,"个",2,100,"巨野县润润五金门市部",15764010540,"张传朋","甘星允"]
[null,"司服马达钢带","1米*20cm*2mm",1,"根",63,63,"巨野县润润五金门市部",15764010540,"张传朋","甘星允"]
["WIN007295","不锈钢对丝","15#",4,"个",4,16,"巨野县润润五金门市部",15764010540,"张传朋","甘星允"]
[null,"止回阀","DN15",2,"个",10,20,"巨野县润润五金门市部",15764010540,"张传朋","甘星允"]
["WIN007296","中摆气缸","100*250",5,"个",165,825,"巨野县润润五金门市部",15764010540,"张传朋","甘星允"]
[null,"气缸","100*250",1,"个",155,155,"巨野县润润五金门市部",15764010540,"张传朋","甘星允"]
[null,"气缸底座","Φ100",4,"个",15,60,"巨野县润润五金门市部",15764010540,"张传朋","甘星允"]
[null,"气管","12#",1,"盘",240,240,"巨野县润润五金门市部",15764010540,"张传朋","甘星允"]
["WIN007297","三角带","B-1100",2,"根",7,14,"巨野县耐驰三角带经销部",null,"张传朋","甘星允"]
[{"$nulls":6},0]
[{"$nulls":6},0]
[{"$nulls":6},0]
[{"$nulls":6},0]
[{"$nulls":6},0]
[{"$nulls":6},0]
[{"$nulls":6},0]
[{"$nulls":6},0]
[{"$nulls":6},0]
[{"$nulls":6},0]
[{"$nulls":6},0]
[{"$nulls":6},0]
[{"$nulls":6},0]
[{"$nulls":6},0]
[{"$nulls":6},0]
[{"$nulls":6},0]
[{"$nulls":6},0]
[{"$nulls":6},0]
[{"$nulls":6},0]
[{"$nulls":6},0]
[{"$nulls":6},0]
[{"$nulls":6},0]
[{"$nulls":6},0]
[{"$nulls":6},0]
[{"$nulls":6},0]
[{"$nulls":6},0]

{"sheet":"1.14","index":47,"n_rows":46,"n_cols":12,"rows_kept":46,"merged":[[0,0,0,11],[1,0,1,11],[2,0,2,11]],"flags":["formulas_cached_only"]}
["五金收料统计日报表"]
["日期： 2019  年 01 月 14日                             填表人： 杨振华"]
["单位：江苏大力神管桩有限公司巨野分公司"]
["入库单号","品名","规格","数量","单位","单价","金额","供应商名称","联系方式","采购员","检验员","备注"]
["WIN007299","大轴","60*2306",1,"件",780,780,"巨野县麒麟镇瑞麟机床加工厂",18253062776,"张传朋","甘星允"]
[null,"轴","44*37",4,"套",180,720,"巨野县麒麟镇瑞麟机床加工厂",18253062776,"张传朋","甘星允"]
[null,"套","55*60",1,"件",30,30,"巨野县麒麟镇瑞麟机床加工厂",18253062776,"张传朋","甘星允"]
["WIN007300","壳牌机油","18升铲车专用",2,"桶",2,4,"张中奎",null,"张传朋","甘星允"]
["WIN007301","链条全扣","10A-1",10,"个",0.6,70,"巨野县纪豪轴承批发部",null,"张传朋","甘星允"]
[null,"链条半扣","10A-1",10,"个",1.2,12,"巨野县纪豪轴承批发部",null,"张传朋","甘星允"]
["WIN007302","按钮开关","XB2-BS542",10,"个",11.5,115,"巨野县正泰电器门市部",null,"张传朋","甘星允"]
[{"$nulls":6},0]
[{"$nulls":6},0]
[{"$nulls":6},0]
[{"$nulls":6},0]
[{"$nulls":6},0]
[{"$nulls":6},0]
[{"$nulls":6},0]
[{"$nulls":6},0]
[{"$nulls":6},0]
[{"$nulls":6},0]
[{"$nulls":6},0]
[{"$nulls":6},0]
[{"$nulls":6},0]
[{"$nulls":6},0]
[{"$nulls":6},0]
[{"$nulls":6},0]
[{"$nulls":6},0]
[{"$nulls":6},0]
[{"$nulls":6},0]
[{"$nulls":6},0]
[{"$nulls":6},0]
[{"$nulls":6},0]
[{"$nulls":6},0]
[{"$nulls":6},0]
[{"$nulls":6},0]
[{"$nulls":6},0]
[{"$nulls":6},0]
[{"$nulls":6},0]
[{"$nulls":6},0]
[{"$nulls":6},0]
[{"$nulls":6},0]
[{"$nulls":6},0]
[{"$nulls":6},0]
[{"$nulls":6},0]
[{"$nulls":6},0]

{"sheet":"1.15","index":48,"n_rows":46,"n_cols":12,"rows_kept":46,"merged":[[0,0,0,11],[1,0,1,11],[2,0,2,11]],"flags":["formulas_cached_only"]}
["五金收料统计日报表"]
["日期： 2019  年 01 月 15日                             填表人： 杨振华"]
["单位：江苏大力神管桩有限公司巨野分公司"]
["入库单号","品名","规格","数量","单位","单价","金额","供应商名称","联系方式","采购员","检验员","备注"]
["WIN007306","链条","10A-1",2,"条",40,80,"巨野县纪豪轴承批发部",null,"张传朋","甘星允"]
["WIN007307","推车轮",null,8,"个",28,224,"巨野县兴强轴承销售中心",null,"张传朋","甘星允"]
[null,"8.8级内六角螺丝","6*20",50,"套",0.2,10,"巨野县兴强轴承销售中心",null,"张传朋","甘星允"]
[null,"轴承",6214,8,"个",46,368,"巨野县兴强轴承销售中心",null,"张传朋","甘星允"]
["WIN007308","工业用盐","50KG",2000,"KG",0.48,960,"巨野县盐业公司",null,"张传朋","甘星允"]
["WIN007310","斜铁","120*70",60,"个",8.5,510,"巨野县泗春五金机电门市部",13561346099,"张传朋","甘星允"]
[null,"焊条","Φ3.2",2,"箱",100,200,"巨野县泗春五金机电门市部",13561346099,"张传朋","甘星允"]
[null,"轴承","M30",9,"个",26,234,"巨野县泗春五金机电门市部",13561346099,"张传朋","甘星允"]
[{"$nulls":6},0]
[{"$nulls":6},0]
[{"$nulls":6},0]
[{"$nulls":6},0]
[{"$nulls":6},0]
[{"$nulls":6},0]
[{"$nulls":6},0]
[{"$nulls":6},0]
[{"$nulls":6},0]
[{"$nulls":6},0]
[{"$nulls":6},0]
[{"$nulls":6},0]
[{"$nulls":6},0]
[{"$nulls":6},0]
[{"$nulls":6},0]
[{"$nulls":6},0]
[{"$nulls":6},0]
[{"$nulls":6},0]
[{"$nulls":6},0]
[{"$nulls":6},0]
[{"$nulls":6},0]
[{"$nulls":6},0]
[{"$nulls":6},0]
[{"$nulls":6},0]
[{"$nulls":6},0]
[{"$nulls":6},0]
[{"$nulls":6},0]
[{"$nulls":6},0]
[{"$nulls":6},0]
[{"$nulls":6},0]
[{"$nulls":6},0]
[{"$nulls":6},0]
[{"$nulls":6},0]
[{"$nulls":6},0]

{"sheet":"1.16","index":49,"n_rows":46,"n_cols":12,"rows_kept":46,"merged":[[0,0,0,11],[1,0,1,11],[2,0,2,11]],"flags":["formulas_cached_only"]}
["五金收料统计日报表"]
["日期： 2019  年 01 月 16日                             填表人： 杨振华"]
["单位：江苏大力神管桩有限公司巨野分公司"]
["入库单号","品名","规格","数量","单位","单价","金额","供应商名称","联系方式","采购员","检验员","备注"]
["WIN007311","毛刷",null,50,"个",2.5,125,"巨野县润润五金门市部",15764010540,"张传朋","甘星允"]
[null,"滚刷",null,4,"个",2,8,"巨野县润润五金门市部",15764010540,"张传朋","甘星允"]
[null,"气缸密封垫","Φ63",10,"套",15,150,"巨野县润润五金门市部",15764010540,"张传朋","甘星允"]
["WIN007312","风炮套头","Φ30",20,"个",35,700,"巨野县泗春五金机电门市部",13561346099,"张传朋","甘星允"]
["WIN007313","三角带","A-1400",6,"根",7,42,"巨野县耐驰三角带经销部",null,"张传朋","甘星允"]
["WIN007314","O型圈","50*5.3",2,"个",1.5,3,"巨野县派龙工程机械门市部",null,"张传朋","甘星允"]
["WIN007315","机油滤芯",9009,1,"个",120,120,"巨野县华恒工程机械有限公司"]
[null,"空气滤芯",2843,1,"个",180,180,"巨野县华恒工程机械有限公司"]
["WIN007319","反渗透膜保养剂",null,375,"KG",8.3,3112.5000000000005,"天津市津达正源节能环保科技有限公司",null,"王成军","甘星允"]
["WIN007320","离心机轴（加工件）","120*4米",2,"件",2450,4900,"江苏大力神管桩有限公司",null,"王成军","甘星允"]
[null,"离心机轴（加工件）","120*3.8米",3,"件",2240,6720,"江苏大力神管桩有限公司",null,"王成军","甘星允"]
[null,"离心机轴（加工件）","120*3.2米",4,"件",1799,7196,"江苏大力神管桩有限公司",null,"王成军","甘星允"]
[null,"离心机轴（加工件）","120*2.3米",4,"件",800,3200,"江苏大力神管桩有限公司",null,"王成军","甘星允"]
["WIN007321","气缸总成","TT826G泰田",6,"套",440,2640,"南京立泽机电设备有限公司",null,"王成军","甘星允"]
[null,"后手柄","350泰田",6,"个",140,840,"南京立泽机电设备有限公司",null,"王成军","甘星允"]
[null,"前壳","400泰田",4,"个",140,560,"南京立泽机电设备有限公司",null,"王成军","甘星允"]
["WIN007323","中刮刀","搅拌叶片",30,"件",240,7200,"马鞍山市嘉坤机械配件销售部",null,"王成军","甘星允"]
[{"$nulls":6},0]
[{"$nulls":6},0]
[{"$nulls":6},0]
[{"$nulls":6},0]
[{"$nulls":6},0]
[{"$nulls":6},0]
[{"$nulls":6},0]
[{"$nulls":6},0]
[{"$nulls":6},0]
[{"$nulls":6},0]
[{"$nulls":6},0]
[{"$nulls":6},0]
[{"$nulls":6},0]
[{"$nulls":6},0]
[{"$nulls":6},0]
[{"$nulls":6},0]
[{"$nulls":6},0]
[{"$nulls":6},0]
[{"$nulls":6},0]
[{"$nulls":6},0]
[{"$nulls":6},0]
[{"$nulls":6},0]
[{"$nulls":6},0]
[{"$nulls":6},0]
[{"$nulls":6},0]

{"sheet":"1.18","index":50,"n_rows":46,"n_cols":12,"rows_kept":46,"merged":[[0,0,0,11],[1,0,1,11],[2,0,2,11]],"flags":["formulas_cached_only"]}
["五金收料统计日报表"]
["日期： 2019  年 01 月 18日                             填表人： 杨振华"]
["单位：江苏大力神管桩有限公司巨野分公司"]
["入库单号","品名","规格","数量","单位","单价","金额","供应商名称","联系方式","采购员","检验员","备注"]
["WIN007347","空滤总成",null,4,"个",28,112,"布里斯托压缩机（上海）有限公司",null,"张传朋","甘星允"]
[null,"进排气阀板总成",null,2,"个",65,130,"布里斯托压缩机（上海）有限公司",null,"张传朋","甘星允"]
["WIN007348","铁链子",14,7,"米",35,245,"嘉祥县嘉祥镇二德五金门市部",null,"张传朋","甘星允"]
["WIN007349","自吸泵","1.5KW",1,"台",260,260,"巨野县德重电器维修中心",null,"张传朋","甘星允"]
["WIN007350","直接","Φ12",50,"个",2,100,"巨野县润润五金门市部",15764010540,"张传朋","甘星允"]
[null,"直接","Φ16",50,"个",2.5,125,"巨野县润润五金门市部",15764010540,"张传朋","甘星允"]
[null,"快速接头","12--03",50,"个",3,150,"巨野县润润五金门市部",15764010540,"张传朋","甘星允"]
["WIN007352","模边油（废机油）",null,350,"KG",4,1400,"巨野县特种油批发",null,"张传朋","甘星允"]
["WIN007360","液压管","13#",100,"米",7.5,750,"张中奎",null,"张传朋","甘星允"]
[null,"对丝","15#",4,"个",2.5,10,"张中奎",null,"张传朋","甘星允"]
[null,"压接头",null,4,"个",5,20,"张中奎",null,"张传朋","甘星允"]
["WIN007361","长城机油","18升",1,"桶",280,280,"张中奎",null,"张传朋","甘星允"]
[{"$nulls":6},0]
[{"$nulls":6},0]
[{"$nulls":6},0]
[{"$nulls":6},0]
[{"$nulls":6},0]
[{"$nulls":6},0]
[{"$nulls":6},0]
[{"$nulls":6},0]
[{"$nulls":6},0]
[{"$nulls":6},0]
[{"$nulls":6},0]
[{"$nulls":6},0]
[{"$nulls":6},0]
[{"$nulls":6},0]
[{"$nulls":6},0]
[{"$nulls":6},0]
[{"$nulls":6},0]
[{"$nulls":6},0]
[{"$nulls":6},0]
[{"$nulls":6},0]
[{"$nulls":6},0]
[{"$nulls":6},0]
[{"$nulls":6},0]
[{"$nulls":6},0]
[{"$nulls":6},0]
[{"$nulls":6},0]
[{"$nulls":6},0]
[{"$nulls":6},0]
[{"$nulls":6},0]
[{"$nulls":6},0]

{"sheet":"1.19","index":51,"n_rows":46,"n_cols":12,"rows_kept":46,"merged":[[0,0,0,11],[1,0,1,11],[2,0,2,11]],"flags":["formulas_cached_only"]}
["五金收料统计日报表"]
["日期： 2019  年 01 月 19日                             填表人： 杨振华"]
["单位：江苏大力神管桩有限公司巨野分公司"]
["入库单号","品名","规格","数量","单位","单价","金额","供应商名称","联系方式","采购员","检验员","备注"]
["WIN007362","胶",801,6,"袋",15,90,"巨野县亚美涂料",null,"张传朋","甘星允"]
["WIN007363","快速接头","12--4",40,"个",3,120,"巨野县润润五金门市部",15764010540,"张传朋","甘星允"]
[null,"直接变径","16变12",50,"个",2.8,140,"巨野县润润五金门市部",15764010540,"张传朋","甘星允"]
["WIN007364","中摆气缸","100*250",1,"个",165,165,"巨野县润润五金门市部",15764010540,"张传朋","甘星允"]
["WIN007365","氧气",null,8,"瓶",30,240,"巨野县巨泰气体二站",18765016777,"张传朋","甘星允"]
[null,"乙炔",null,6,"瓶",65,390,"巨野县巨泰气体二站",18765016777,"张传朋","甘星允"]
[{"$nulls":6},0]
[{"$nulls":6},0]
[{"$nulls":6},0]
[{"$nulls":6},0]
[{"$nulls":6},0]
[{"$nulls":6},0]
[{"$nulls":6},0]
[{"$nulls":6},0]
[{"$nulls":6},0]
[{"$nulls":6},0]
[{"$nulls":6},0]
[{"$nulls":6},0]
[{"$nulls":6},0]
[{"$nulls":6},0]
[{"$nulls":6},0]
[{"$nulls":6},0]
[{"$nulls":6},0]
[{"$nulls":6},0]
[{"$nulls":6},0]
[{"$nulls":6},0]
[{"$nulls":6},0]
[{"$nulls":6},0]
[{"$nulls":6},0]
[{"$nulls":6},0]
[{"$nulls":6},0]
[{"$nulls":6},0]
[{"$nulls":6},0]
[{"$nulls":6},0]
[{"$nulls":6},0]
[{"$nulls":6},0]
[{"$nulls":6},0]
[{"$nulls":6},0]
[{"$nulls":6},0]
[{"$nulls":6},0]
[{"$nulls":6},0]
[{"$nulls":6},0]

{"sheet":"1.20","index":52,"n_rows":46,"n_cols":12,"rows_kept":46,"merged":[[0,0,0,11],[1,0,1,11],[2,0,2,11]],"flags":["formulas_cached_only"]}
["五金收料统计日报表"]
["日期： 2019  年 01 月 20日                             填表人： 杨振华"]
["单位：江苏大力神管桩有限公司巨野分公司"]
["入库单号","品名","规格","数量","单位","单价","金额","供应商名称","联系方式","采购员","检验员","备注"]
["WIN007377","刀板","3200*260*30",1,"块",1800,1800,"无锡市一佳工程机械有限公司",13093098885,"王成军","甘星允"]
["WIN007378","电力液压推动器","ED-50/6",2,"个",590,1180,"上海星辰气动液压有限公司","0516-82186656","王成军","甘星允"]
[{"$nulls":6},0]
[{"$nulls":6},0]
[{"$nulls":6},0]
[{"$nulls":6},0]
[{"$nulls":6},0]
[{"$nulls":6},0]
[{"$nulls":6},0]
[{"$nulls":6},0]
[{"$nulls":6},0]
[{"$nulls":6},0]
[{"$nulls":6},0]
[{"$nulls":6},0]
[{"$nulls":6},0]
[{"$nulls":6},0]
[{"$nulls":6},0]
[{"$nulls":6},0]
[{"$nulls":6},0]
[{"$nulls":6},0]
[{"$nulls":6},0]
[{"$nulls":6},0]
[{"$nulls":6},0]
[{"$nulls":6},0]
[{"$nulls":6},0]
[{"$nulls":6},0]
[{"$nulls":6},0]
[{"$nulls":6},0]
[{"$nulls":6},0]
[{"$nulls":6},0]
[{"$nulls":6},0]
[{"$nulls":6},0]
[{"$nulls":6},0]
[{"$nulls":6},0]
[{"$nulls":6},0]
[{"$nulls":6},0]
[{"$nulls":6},0]
[{"$nulls":6},0]
[{"$nulls":6},0]
[{"$nulls":6},0]
[{"$nulls":6},0]
[{"$nulls":6},0]

{"sheet":"1.23","index":53,"n_rows":46,"n_cols":12,"rows_kept":46,"merged":[[0,0,0,11],[1,0,1,11],[2,0,2,11]],"flags":["formulas_cached_only"]}
["五金收料统计日报表"]
["日期： 2019  年 01 月 23日                             填表人： 杨振华"]
["单位：江苏大力神管桩有限公司巨野分公司"]
["入库单号","品名","规格","数量","单位","单价","金额","供应商名称","联系方式","采购员","检验员","备注"]
["WIN007389","称重传感器","50KG",1,"个",174,174,"巨野县嘉盛五金机电",18753016988,"张传朋","甘星允"]
["WIN007390","焊条","4.0#",2,"箱",102,204,"巨野县嘉盛五金机电",18753016988,"张传朋","甘星允"]
["WIN007391","南孚电池","5#",20,"个",2.5,50,"巨野县嘉盛五金机电",18753016988,"张传朋","甘星允"]
[null,"碘钨灯","1000W",8,"个",3,24,"巨野县嘉盛五金机电",18753016988,"张传朋","甘星允"]
[null,"黄漆","中黄12KG",1,"桶",135,135,"巨野县嘉盛五金机电",18753016988,"张传朋","甘星允"]
["WIN007392","三通旋塞","15#",2,"个",15,30,"巨野县润润五金门市部",15764010540,"张传朋","甘星允"]
["WIN007393","高派尼空压机油","4升",1,"桶",230,230,"张中奎",null,"张传朋","甘星允"]
["WIN007394","8.8级内六角螺丝","20*80",70,"个",2.85,199.5,"巨野县泗春五金机电门市部",13561346099,"张传朋","甘星允"]
[null,"轴承","22224CA",10,"套",260,2600,"巨野县泗春五金机电门市部",13561346099,"张传朋","甘星允"]
["WIN007395","焊条","3.2#",2,"箱",102,204,"巨野县润润五金门市部",15764010540,"张传朋","甘星允"]
["WIN007396","T107铜焊条","4.0#",2,"箱",1300,2600,"临沂市金桥焊接器材有限公司","0539-8320580","张传朋","甘星允"]
["WIN007397","模边油（废机油）",null,190,"KG",4.1,778.9999999999999,"巨野县特种油批发中心",null,"张传朋","甘星允"]
[{"$nulls":6},0]
[{"$nulls":6},0]
[{"$nulls":6},0]
[{"$nulls":6},0]
[{"$nulls":6},0]
[{"$nulls":6},0]
[{"$nulls":6},0]
[{"$nulls":6},0]
[{"$nulls":6},0]
[{"$nulls":6},0]
[{"$nulls":6},0]
[{"$nulls":6},0]
[{"$nulls":6},0]
[{"$nulls":6},0]
[{"$nulls":6},0]
[{"$nulls":6},0]
[{"$nulls":6},0]
[{"$nulls":6},0]
[{"$nulls":6},0]
[{"$nulls":6},0]
[{"$nulls":6},0]
[{"$nulls":6},0]
[{"$nulls":6},0]
[{"$nulls":6},0]
[{"$nulls":6},0]
[{"$nulls":6},0]
[{"$nulls":6},0]
[{"$nulls":6},0]
[{"$nulls":6},0]
[{"$nulls":6},0]

{"sheet":"1.25","index":54,"n_rows":46,"n_cols":12,"rows_kept":46,"merged":[[0,0,0,11],[1,0,1,11],[2,0,2,11]],"flags":["formulas_cached_only"]}
["五金收料统计日报表"]
["日期： 2019  年 01 月 26日                             填表人： 杨振华"]
["单位：江苏大力神管桩有限公司巨野分公司"]
["入库单号","品名","规格","数量","单位","单价","金额","供应商名称","联系方式","采购员","检验员","备注"]
["WIN007411","废机油",null,910,"KG",4.1,3730.9999999999995,"巨野县特种油批发中心",null,"张传朋","甘星允"]
["WIN007412","脱模剂",null,7.95,"吨",2100,16695,"沧州祥顺化工有限公司",null,"王成军","甘星允"]
["WIN007413","3.0花纹板","1.5*6米",1,"张",825,825,"巨野县冯建正彩钢瓦销售处",null,"张传朋","甘星允"]
[null,"角铁","4*4",6,"根",46,276,"巨野县冯建正彩钢瓦销售处",18753016988,"张传朋","甘星允"]
["WIN007414","轴承","22224CA",3,"套",260,780,"巨野县兴强轴承销售中心",18753016988,"张传朋","甘星允"]
["WIN007415","扎带","5*300",4,"包",10,40,"巨野县润润五金门市部",15764010540,"张传朋","甘星允"]
[null,"扎带","4*200",2,"包",8,16,"巨野县润润五金门市部",15764010540,"张传朋","甘星允"]
[null,"直接","16#",50,"个",2.5,125,"巨野县润润五金门市部",15764010540,"张传朋","甘星允"]
[null,"浮球开关",null,5,"个",30,150,"巨野县润润五金门市部",15764010540,"张传朋","甘星允"]
["WIN007417","8.8级高强螺丝","20*80",70,"个",2.3,161,"巨野县兴强轴承销售中心",null,"张传朋","甘星允"]
[null,"8.8级高强螺母","M36",50,"个",4,200,"巨野县兴强轴承销售中心",null,"张传朋","甘星允"]
["WIN007419","长城液压油","16公斤",2,"桶",245,490,"张中奎",null,"张传朋","甘星允"]
["WIN007428","氧气",null,8,"瓶",30,240,"巨野县巨泰气体二站",18765016777,"张传朋","甘星允"]
[null,"乙炔",null,5,"瓶",65,325,"巨野县巨泰气体二站",18765016777,"张传朋","甘星允"]
[{"$nulls":6},0]
[{"$nulls":6},0]
[{"$nulls":6},0]
[{"$nulls":6},0]
[{"$nulls":6},0]
[{"$nulls":6},0]
[{"$nulls":6},0]
[{"$nulls":6},0]
[{"$nulls":6},0]
[{"$nulls":6},0]
[{"$nulls":6},0]
[{"$nulls":6},0]
[{"$nulls":6},0]
[{"$nulls":6},0]
[{"$nulls":6},0]
[{"$nulls":6},0]
[{"$nulls":6},0]
[{"$nulls":6},0]
[{"$nulls":6},0]
[{"$nulls":6},0]
[{"$nulls":6},0]
[{"$nulls":6},0]
[{"$nulls":6},0]
[{"$nulls":6},0]
[{"$nulls":6},0]
[{"$nulls":6},0]
[{"$nulls":6},0]
[{"$nulls":6},0]

{"sheet":"1.29","index":55,"n_rows":46,"n_cols":12,"rows_kept":46,"merged":[[0,0,0,11],[1,0,1,11],[2,0,2,11]],"flags":["formulas_cached_only"]}
["五金收料统计日报表"]
["日期： 2019  年 01 月 29日                             填表人： 杨振华"]
["单位：江苏大力神管桩有限公司巨野分公司"]
["入库单号","品名","规格","数量","单位","单价","金额","供应商名称","联系方式","采购员","检验员","备注"]
["WIN007429","快速接头","16--04",50,"个",4,200,"巨野县正泰电器门市部",null,"张传朋","甘星允"]
["WIN007430","金属垫片","40#",10,"个",2,20,"巨野县润润五金门市部",15764010540,"王成军","甘星允"]
["WIN007431","高温法兰球阀","DN40",4,"个",125,500,"巨野县润润五金门市部",15764010540,"张传朋","甘星允"]
[null,"铸钢快速排污阀","40#",4,"个",215,860,"巨野县润润五金门市部",15764010540,"张传朋","甘星允"]
[null,"铸钢法兰球阀","DN15",4,"个",95,380,"巨野县润润五金门市部",15764010540,"张传朋","甘星允"]
["WIN007432","旋钮","DB21",8,"个",10,80,"巨野县正泰电器门市部",null,"张传朋","甘星允"]
["WIN007433","碎布",null,1,"捆",75,75,"巨野县前进五金交电批发部",null,"张传朋","甘星允"]
["WIN007434","铁锨头",null,12,"个",15,180,"巨野县嘉盛五金机电",18753016988,"张传朋","甘星允"]
[null,"铁锨杆",null,12,"把",10,120,"巨野县嘉盛五金机电",18753016988,"张传朋","甘星允"]
[null,"万能转换开关","LW5D-16 2P",4,"个",45,180,"巨野县嘉盛五金机电",18753016988,"张传朋","甘星允"]
["WIN007435","宏润黄油","高温15公斤",6,"桶",200,1200,"张中奎",null,"张传朋","甘星允"]
[null,"长城黄油","3号15公斤",4,"桶",200,800,"张中奎",null,"张传朋","甘星允"]
["WIN007454","白护套线","2*4",1,"盘",330,330,"巨野县嘉盛五金机电",18753016988,"张传朋","甘星允"]
[null,"白护套线","2*1.5",1,"盘",175,175,"巨野县嘉盛五金机电",18753016988,"张传朋","甘星允"]
["WIN007455","镀锌管","6分  20#",1,"支",45,45,"巨野县冯建正彩钢瓦销售处",null,"张传朋","甘星允"]
["WIN007456","耐火水泥",null,3,"袋",150,450,"巨野县鹏瑞锅炉门市部",null,"张传朋","甘星允"]
[null,"耐火砂",null,6,"袋",40,240,"巨野县鹏瑞锅炉门市部",null,"张传朋","甘星允"]
[{"$nulls":6},0]
[{"$nulls":6},0]
[{"$nulls":6},0]
[{"$nulls":6},0]
[{"$nulls":6},0]
[{"$nulls":6},0]
[{"$nulls":6},0]
[{"$nulls":6},0]
[{"$nulls":6},0]
[{"$nulls":6},0]
[{"$nulls":6},0]
[{"$nulls":6},0]
[{"$nulls":6},0]
[{"$nulls":6},0]
[{"$nulls":6},0]
[{"$nulls":6},0]
[{"$nulls":6},0]
[{"$nulls":6},0]
[{"$nulls":6},0]
[{"$nulls":6},0]
[{"$nulls":6},0]
[{"$nulls":6},0]
[{"$nulls":6},0]
[{"$nulls":6},0]
[{"$nulls":6},0]

{"sheet":"2.14","index":56,"n_rows":46,"n_cols":12,"rows_kept":46,"merged":[[0,0,0,11],[1,0,1,11],[2,0,2,11]],"flags":["formulas_cached_only"]}
["五金收料统计日报表"]
["日期： 2019  年 02 月 14日                             填表人： 杨振华"]
["单位：江苏大力神管桩有限公司巨野分公司"]
["入库单号","品名","规格","数量","单位","单价","金额","供应商名称","联系方式","采购员","检验员","备注"]
["WIN007478","帮洁",null,15,"瓶",5,75,"巨野县金增百货商店",null,"张传朋","甘星允"]
["WIN007479","胶皮手套","PVC",6,"双",5,30,"巨野县麟州商城美奥洗化门市",15288718881,"张传朋","甘星允"]
["WIN007480","疏通器",null,1,"个",50,50,"攀华五金工具经营部",13792371345,"张传朋","甘星允"]
["WIN007481","蒸硫水","50斤",1,"桶",45,45,"巨野县新新生食品添加剂门市部",null,"张传朋","甘星允"]
["WIN007482","红纸","241-4-3",6,"张",1,6,"巨野县晨风文具商行",null,"张传朋","甘星允"]
[null,"毛笔","好",1,"支",15,15,"巨野县晨风文具商行",null,"张传朋","甘星允"]
["WIN007483","拖把",null,2,"个",8,16,"谭美云",null,"张传朋","甘星允"]
["WIN007484","电工胶布",null,50,"个",1.5,75,"巨野县豪德五金机电批发部",18816075138,"张传朋","甘星允"]
[null,"插座","明 三孔",2,"个",6,12,"巨野县豪德五金机电批发部",18816075138,"张传朋","甘星允"]
["WIN007485","气泵压力开关","FBANG",1,"个",20,20,"巨野县德重电器维修中心",13561346067,"张传朋","甘星允"]
["WIN007486","安全帽",null,10,"个",18,180,"巨野县嘉盛五金机电",18753016988,"张传朋","甘星允"]
[null,"LED灯","100W",10,"个",150,1500,"巨野县嘉盛五金机电",18753016988,"张传朋","甘星允"]
["WIN007487","中性笔",null,2,"盒",8,16,"巨野县国文办公用品门市",null,"张传朋","甘星允"]
[null,"笔记本","10本/包",1,"包",8,8,"巨野县国文办公用品门市",null,"张传朋","甘星允"]
["WIN007488","软抄本","10本/包",1,"包",12,12,"巨野县国文办公用品门市",null,"张传朋","甘星允"]
["WIN007489","电磁阀","4V410-15",10,"个",65,650,"巨野县润润五金门市部",15764010540,"张传朋","甘星允"]
[null,"金属垫片",50,10,"个",2.5,25,"巨野县润润五金门市部",15764010540,"张传朋","甘星允"]
[null,"金属垫片",40,10,"个",2,20,"巨野县润润五金门市部",15764010540,"张传朋","甘星允"]
["WIN007490","剩余电流动作断路器","DZ47SLE-32 2P",10,"个",30,300,"巨野县嘉盛五金机电",18753016988,"张传朋","甘星允"]
[null,"插排","3米 公牛",1,"个",50,50,"巨野县嘉盛五金机电",18753016988,"张传朋","甘星允"]
["WIN007491","广和牌工业白油","10# 200升",1,"桶",1900,1900,"张中奎",null,"张传朋","甘星允"]
[null,"液压油","170KG",1,"桶",2100,2100,"张中奎",null,"张传朋","甘星允"]
[{"$nulls":6},0]
[{"$nulls":6},0]
[{"$nulls":6},0]
[{"$nulls":6},0]
[{"$nulls":6},0]
[{"$nulls":6},0]
[{"$nulls":6},0]
[{"$nulls":6},0]
[{"$nulls":6},0]
[{"$nulls":6},0]
[{"$nulls":6},0]
[{"$nulls":6},0]
[{"$nulls":6},0]
[{"$nulls":6},0]
[{"$nulls":6},0]
[{"$nulls":6},0]
[{"$nulls":6},0]
[{"$nulls":6},0]
[{"$nulls":6},0]
[{"$nulls":6},0]

{"sheet":"2.16","index":57,"n_rows":56,"n_cols":12,"rows_kept":56,"merged":[[0,0,0,11],[1,0,1,11],[2,0,2,11]],"flags":["formulas_cached_only"]}
["五金收料统计日报表"]
["日期： 2019  年 02 月 16日                             填表人： 杨振华"]
["单位：江苏大力神管桩有限公司巨野分公司"]
["入库单号","品名","规格","数量","单位","单价","金额","供应商名称","联系方式","采购员","检验员","备注"]
["WIN007497","模边油（废机油）",null,3710,"KG",3.6,13356,"临沂罗庄",null,"张传朋","甘星允"]
["WIN007498","齿轮油","18升长城",4,"桶",230,920,"张中奎",null,"张传朋","甘星允"]
["WIN007499","氧气",null,6,"瓶",30,180,"巨野县巨泰气体二站",18765016777,"张传朋","甘星允"]
[null,"乙炔",null,7,"瓶",65,455,"巨野县巨泰气体二站",18765016777,"张传朋","甘星允"]
["WIN007500","氧气",null,9,"瓶",30,270,"巨野县巨泰气体二站",18765016777,"张传朋","甘星允"]
[null,"乙炔",null,2,"瓶",65,130,"巨野县巨泰气体二站",18765016777,"张传朋","甘星允"]
["WIN007501","（搅拌机配件）轴头保护A圈","仕高玛3000型",4,"付",590,2360,"马鞍山市恒特重工科技有限公司",13651682636,"王成军","甘星允"]
[null,"（搅拌机配件）轴头保护B圈","仕高玛3000型",4,"付",480,1920,"马鞍山市恒特重工科技有限公司",13651682636,"王成军","甘星允"]
[null,"（搅拌机配件）轴用钢套1","仕高玛3000型",4,"支",230,920,"马鞍山市恒特重工科技有限公司",13651682636,"王成军","甘星允"]
[null,"（搅拌机配件）轴用钢套2","仕高玛3000型",4,"支",260,1040,"马鞍山市恒特重工科技有限公司",13651682636,"王成军","甘星允"]
[null,"（搅拌机配件）锁轴器内芯套","仕高玛3000型",4,"套",490,1960,"马鞍山市恒特重工科技有限公司",13651682636,"王成军","甘星允"]
["WIN007502","（搅拌机配件）黄胶锁坚钢架","仕高玛3000型",4,"只",230,920,"马鞍山市恒特重工科技有限公司",13651682636,"王成军","甘星允"]
[null,"（搅拌机配件）轴头密封盖","仕高玛3000型",4,"只",290,1160,"马鞍山市恒特重工科技有限公司",13651682636,"王成军","甘星允"]
[null,"（搅拌机配件）黄胶压板","仕高玛3000型",4,"只",160,640,"马鞍山市恒特重工科技有限公司",13651682636,"王成军","甘星允"]
[null,"（搅拌机配件）耐磨黄胶","仕高玛3000型",4,"只",150,600,"马鞍山市恒特重工科技有限公司",13651682636,"王成军","甘星允"]
[null,"（搅拌机配件）平顶油封","仕高玛3000型",4,"只",150,600,"马鞍山市恒特重工科技有限公司",13651682636,"王成军","甘星允"]
["WIN007503","（搅拌机配件）骨架油封1","仕高玛3000型",4,"只",60,240,"马鞍山市恒特重工科技有限公司",13651682636,"王成军","甘星允"]
[null,"（搅拌机配件）骨架油封2","仕高玛3000型",4,"只",80,320,"马鞍山市恒特重工科技有限公司",13651682636,"王成军","甘星允"]
[null,"（搅拌机配件）骨架油封3","仕高玛3000型",2,"只",60,120,"马鞍山市恒特重工科技有限公司",13651682636,"王成军","甘星允"]
[null,"（搅拌机配件）防尘圈","仕高玛3000型",4,"只",60,240,"马鞍山市恒特重工科技有限公司",13651682636,"王成军","甘星允"]
[null,"（搅拌机配件）丝杆","仕高玛3000型",16,"根",5,80,"马鞍山市恒特重工科技有限公司",13651682636,"王成军","甘星允"]
["WIN007504","（搅拌机配件）A圈螺丝","仕高玛3000型",24,"只",10,240,"马鞍山市恒特重工科技有限公司",13651682636,"王成军","甘星允"]
[null,"（搅拌机配件）B圈螺丝","仕高玛3000型",8,"条",10,80,"马鞍山市恒特重工科技有限公司",13651682636,"王成军","甘星允"]
[null,"（搅拌机配件）松紧螺帽","仕高玛3000型",16,"只",10,160,"马鞍山市恒特重工科技有限公司",13651682636,"王成军","甘星允"]
["WIN007505","开口销","3*50",31,"斤",4.5,139.5,"巨野县兴强轴承销售中心",null,"张传朋","甘星允"]
[null,"8.8级高强螺丝","16*80",50,"套",2,100,"巨野县兴强轴承销售中心",null,"张传朋","甘星允"]
["WIN007506","安全帽",null,2,"个",18,36,"巨野县嘉盛五金机电",18753016988,"张传朋","甘星允"]
[null,"插座","明 五孔",5,"个",8,40,"巨野县嘉盛五金机电",18753016988,"张传朋","甘星允"]
[null,"铁丝",null,50,"斤",175,8750,"巨野县嘉盛五金机电",18753016988,"张传朋","甘星允"]
["WIN007507","直接","16#",50,"个",2.5,125,"巨野县润润五金门市部",15764010540,"张传朋","甘星允"]
[null,"三通","16#",25,"个",3.5,87.5,"巨野县润润五金门市部",15764010540,"张传朋","甘星允"]
["WIN007508","时间继电器","JSZ3 A-B AC380V",3,"个",55,165,"巨野县正泰电器门市部",null,"张传朋","甘星允"]
[null,"按钮","NB3-3",4,"个",53,212,"巨野县正泰电器门市部",null,"张传朋","甘星允"]
[null,"按钮","COB61A",1,"个",32,32,"巨野县正泰电器门市部",null,"张传朋","甘星允"]
["WIN007509","生胶带",null,50,"个",1,50,"巨野县润润五金门市部",15764010540,"张传朋","甘星允"]
[null,"电磁阀","2W-25",2,"个",95,190,"巨野县润润五金门市部",15764010540,"张传朋","甘星允"]
[null,"电磁阀","2W-40",2,"个",190,380,"巨野县润润五金门市部",15764010540,"张传朋","甘星允"]
["WIN007510","床","1.5米",2,"张",170,340,"巨野县军联家具店",null,"张传朋","甘星允"]
[null,"床","1.2米",3,"张",150,450,"巨野县军联家具店",null,"张传朋","甘星允"]
["WIN007511","工业盐",null,5000,"KG",0.48,2400,"巨野县盐业公司",null,"张传朋","甘星允"]
["WIN007512","南孚电池","7#",10,"个",2,20,"巨野县益昂文体用品有限公司",null,"张传朋","甘星允"]
["WIN007513","电脑打印纸","241-4-3",5,"盒",45,225,"巨野县益昂文体用品有限公司",null,"张传朋","甘星允"]
["WIN007514","压力表","YZ00 0-2.5",3,"个",80,240,"巨野县润润五金门市部",15764010540,"张传朋","甘星允"]
["WIN007515","铁锨","头+杆",12,"套",25,300,"巨野县嘉盛五金机电",18753016988,"张传朋","甘星允"]
[null,"磨光机",125,1,"台",280,280,"巨野县嘉盛五金机电",18753016988,"张传朋","甘星允"]
[null,"磨片",125,25,"个",3,75,"巨野县嘉盛五金机电",18753016988,"张传朋","甘星允"]
[null,"安全帽",null,20,"个",18,360,"巨野县嘉盛五金机电",18753016988,"张传朋","甘星允"]
["WIN007516","平拖把",60,4,"个",9,36,"谭美云"]
[{"$nulls":6},0]
[{"$nulls":6},0]
[{"$nulls":6},0]
[{"$nulls":6},0]

{"sheet":"2.18","index":58,"n_rows":46,"n_cols":12,"rows_kept":46,"merged":[[0,0,0,11],[1,0,1,11],[2,0,2,11]],"flags":["formulas_cached_only"]}
["五金收料统计日报表"]
["日期： 2019  年 02 月 18日                             填表人： 杨振华"]
["单位：江苏大力神管桩有限公司巨野分公司"]
["入库单号","品名","规格","数量","单位","单价","金额","供应商名称","联系方式","采购员","检验员","备注"]
["WIN007528","滑板（行车专用）","硬滑集电器",6,"个",120,720,"徐州宏特起重设备有限公司",null,"张传朋","甘星允"]
["WIN007529","手拉葫芦","2T*3",1,"个",165,165,"巨野县泗春五金机电门市部",13561346099,"张传朋","甘星允"]
[null,"轴承","22224CA",4,"套",260,1040,"巨野县泗春五金机电门市部",13561346099,"张传朋","甘星允"]
[null,"轴承","23122CA",2,"个",275,550,"巨野县泗春五金机电门市部",13561346099,"张传朋","甘星允"]
["WIN007530","LED灯","28W",6,"个",25,150,"巨野县德航五金电料门市部",null,"张传朋","甘星允"]
[null,"灯泡","9W",10,"个",9,90,"巨野县德航五金电料门市部",null,"张传朋","甘星允"]
["WIN007531","链条","12#单排",4,"个",60,240,"巨野县纪豪轴承批发部",null,"张传朋","甘星允"]
["WIN007532","中性笔",null,2,"盒",10,20,"巨野县晨风文具商行",null,"张传朋","甘星允"]
["WIN007533","轴承",6001,10,"个",4.5,45,"巨野县兴强轴承销售中心",null,"张传朋","甘星允"]
["WIN007534","时间继电器","JSZ3 A-B AC380V",2,"个",45,90,"巨野县德航五金电料门市部",null,"张传朋","甘星允"]
["WIN007535","大扫把",null,10,"把",20,200,"巨野县张明百货电料门市部",null,"张传朋","甘星允"]
[null,"搓子",null,2,"个",6,12,"巨野县张明百货电料门市部",null,"张传朋","甘星允"]
[null,"小扫把",null,10,"把",7,70,"巨野县张明百货电料门市部",null,"张传朋","甘星允"]
["WIN007536","PVC管子","Φ200",7,"根",55,385,"巨野县德春水暖五金门市部",null,"张传朋","甘星允"]
[null,"PVC直接","Φ200",6,"个",6,36,"巨野县德春水暖五金门市部",null,"张传朋","甘星允"]
[null,"PVC胶",null,1,"件",10,10,"巨野县德春水暖五金门市部",null,"张传朋","甘星允"]
["WIN007537","航吊上钩机轴","40*480",4,"件",50,200,"巨野县麒麟镇瑞麟机床加工厂",18253062776,"张传朋","甘星允"]
[null,"滚焊机托轮","200*80",2,"件",650,1300,"巨野县麒麟镇瑞麟机床加工厂",18253062776,"张传朋","甘星允"]
["WIN007538","风炮套头","Φ30",30,"个",35,1050,"巨野县嘉盛五金机电",18753016988,"张传朋","甘星允"]
[{"$nulls":6},0]
[{"$nulls":6},0]
[{"$nulls":6},0]
[{"$nulls":6},0]
[{"$nulls":6},0]
[{"$nulls":6},0]
[{"$nulls":6},0]
[{"$nulls":6},0]
[{"$nulls":6},0]
[{"$nulls":6},0]
[{"$nulls":6},0]
[{"$nulls":6},0]
[{"$nulls":6},0]
[{"$nulls":6},0]
[{"$nulls":6},0]
[{"$nulls":6},0]
[{"$nulls":6},0]
[{"$nulls":6},0]
[{"$nulls":6},0]
[{"$nulls":6},0]
[{"$nulls":6},0]
[{"$nulls":6},0]
[{"$nulls":6},0]

{"sheet":"2.20","index":59,"n_rows":46,"n_cols":12,"rows_kept":46,"merged":[[0,0,0,11],[1,0,1,11],[2,0,2,11]],"flags":["formulas_cached_only"]}
["五金收料统计日报表"]
["日期： 2019  年 02 月 20日                             填表人： 杨振华"]
["单位：江苏大力神管桩有限公司巨野分公司"]
["入库单号","品名","规格","数量","单位","单价","金额","供应商名称","联系方式","采购员","检验员","备注"]
["WIN007548","交流接触器","CJX1-205/22",2,"个",778,1556,"邳州市隆昌五金交电经营部",null,"王成军","甘星允"]
["WIN007549","触头总成","KTJ6-100A",30,"个",48,1440,"邳州市电料总汇",null,"王成军","甘星允"]
["WIN007550","交流接触器","CJX2-9511",5,"个",248,1240,"邳州市电料总汇",null,"王成军","甘星允"]
[null,"交流接触器","CJX1-110A/380V ",6,"个",386,2316,"邳州市电料总汇",null,"王成军","甘星允"]
[null,"电缆线","6*2.5",200,"米",7,1400,"邳州市电料总汇",null,"王成军","甘星允"]
["WIN007551","电缆线","3*4+1",1,"卷",1140,1140,"邳州市电料总汇",null,"王成军","甘星允"]
[null,"白护套线","2*4",1,"盘",480,480,"邳州市电料总汇",null,"王成军","甘星允"]
[null,"电缆线","3*2.5",100,"米",100,10000,"邳州市电料总汇",null,"王成军","甘星允"]
["WIN007552","皮手套",null,600,"双",3.5,2100,"临沂市福伟劳保五金工具",null,"王成军","甘星允"]
[null,"线手套",null,100,"双",0.46,46,"临沂市福伟劳保五金工具",null,"王成军","甘星允"]
[null,"口罩",null,140,"个",0.26,36.4,"临沂市福伟劳保五金工具",null,"王成军","甘星允"]
["WIN007567","滚焊机托轮轴","44*232加工件",4,"个",120,480,"巨野县麒麟镇瑞麟机床加工厂",18253062776,"张传朋","甘星允"]
[{"$nulls":6},0]
[{"$nulls":6},0]
[{"$nulls":6},0]
[{"$nulls":6},0]
[{"$nulls":6},0]
[{"$nulls":6},0]
[{"$nulls":6},0]
[{"$nulls":6},0]
[{"$nulls":6},0]
[{"$nulls":6},0]
[{"$nulls":6},0]
[{"$nulls":6},0]
[{"$nulls":6},0]
[{"$nulls":6},0]
[{"$nulls":6},0]
[{"$nulls":6},0]
[{"$nulls":6},0]
[{"$nulls":6},0]
[{"$nulls":6},0]
[{"$nulls":6},0]
[{"$nulls":6},0]
[{"$nulls":6},0]
[{"$nulls":6},0]
[{"$nulls":6},0]
[{"$nulls":6},0]
[{"$nulls":6},0]
[{"$nulls":6},0]
[{"$nulls":6},0]
[{"$nulls":6},0]
[{"$nulls":6},0]

{"sheet":"2.23","index":60,"n_rows":56,"n_cols":12,"rows_kept":56,"merged":[[0,0,0,11],[1,0,1,11],[2,0,2,11]],"flags":["formulas_cached_only"]}
["五金收料统计日报表"]
["日期： 2019  年 02 月 23日                             填表人： 杨振华"]
["单位：江苏大力神管桩有限公司巨野分公司"]
["入库单号","品名","规格","数量","单位","单价","金额","供应商名称","联系方式","采购员","检验员","备注"]
["WIN007590","棉雨靴",null,1,"双",28,28,"许凤芝",null,"张传朋","甘星允"]
["WIN007591","直接","10#",50,"个",1.5,75,"巨野县润润五金门市部",15764010540,"张传朋","甘星允"]
["WIN007592","胶皮手套","PVC",3,"双",4,12,"巨野县金增百货商店",null,"张传朋","甘星允"]
[null,"大垃圾袋",null,6,"包",15,90,"巨野县金增百货商店",null,"张传朋","甘星允"]
[null,"垃圾筐",null,5,"个",2.5,12.5,"巨野县金增百货商店",null,"张传朋","甘星允"]
[null,"平拖把",60,1,"个",15,15,"巨野县金增百货商店",null,"张传朋","甘星允"]
["WIN007593","垃圾夹子",null,3,"个",10,30,"巨野县金增百货商店",null,"张传朋","甘星允"]
[null,"拖把",null,3,"个",5,15,"巨野县金增百货商店",null,"张传朋","甘星允"]
[null,"搓子",null,1,"个",8,8,"巨野县金增百货商店",null,"张传朋","甘星允"]
[null,"小扫把",null,1,"把",7,7,"巨野县金增百货商店",null,"张传朋","甘星允"]
["WIN007594","拖把",null,3,"个",10,30,"巨野县麟州商城美奥洗化门市",null,"张传朋","甘星允"]
["WIN007595","油抽",null,2,"根",15,30,"巨野县润润五金门市部",15764010540,"张传朋","甘星允"]
[null,"直接","16#",50,"个",2.5,125,"巨野县润润五金门市部",15764010540,"张传朋","甘星允"]
["WIN007596","小型断路器","NXB-3P-63A",10,"个",25,250,"巨野正泰电器有限公司",null,"张传朋","甘星允"]
[null,"小型断路器","NXB-3P-32A",10,"个",20,200,"巨野正泰电器有限公司",null,"张传朋","甘星允"]
[null,"小型断路器","NXB-2P-32A",10,"个",15,150,"巨野正泰电器有限公司",null,"张传朋","甘星允"]
["WIN007597","白护套线","2*4",1,"盘",450,450,"巨野县嘉盛五金机电",18753016988,"张传朋","甘星允"]
[null,"手电筒",null,3,"个",25,75,"巨野县嘉盛五金机电",18753016988,"张传朋","甘星允"]
["WIN007598","黄漆","中黄12KG",2,"桶",135,270,"巨野县嘉盛五金机电",18753016988,"张传朋","甘星允"]
[null,"电缆线","35平方",25,"米",17,425,"巨野县嘉盛五金机电",18753016988,"张传朋","甘星允"]
[null,"防盗门锁",null,4,"把",5,20,"巨野县嘉盛五金机电",18753016988,"张传朋","甘星允"]
[null,"拉铆枪",null,1,"把",25,25,"巨野县嘉盛五金机电",18753016988,"张传朋","甘星允"]
["WIN007599","长城黄油","3号15公斤",2,"桶",200,400,"张中奎",null,"张传朋","甘星允"]
[null,"黄油","0号",4,"桶",200,800,"张中奎",null,"张传朋","甘星允"]
["WIN007600","活塞","LVA4008A",2,"个",36,72,"布里斯托压缩机（上海）有限公司",null,"王成军","甘星允"]
[null,"活塞环","LVA4008A",3,"付",18,54,"布里斯托压缩机（上海）有限公司",null,"王成军","甘星允"]
[null,"气缸","LVA4008A",2,"个",68,136,"布里斯托压缩机（上海）有限公司",null,"王成军","甘星允"]
[null,"气缸盖","LVA4008A",2,"个",43,86,"布里斯托压缩机（上海）有限公司",null,"王成军","甘星允"]
[null,"全套纸垫","LVA4008A",1,"个",62,62,"布里斯托压缩机（上海）有限公司",null,"王成军","甘星允"]
["WIN007601","弹簧管","PU16X12 12M",10,"条",100,1000,"上海星辰气动液压有限公司",null,"王成军","甘星允"]
["WIN007602","内六角扳手","19#",1,"个",19,19,"巨野县泗春五金机电门市部",13561346099,"张传朋","甘星允"]
[null,"8.8级高强螺丝","20*120",50,"套",3.58,179,"巨野县泗春五金机电门市部",13561346099,"张传朋","甘星允"]
[null,"8.8级高强螺丝","12*60",50,"套",0.8,40,"巨野县泗春五金机电门市部",13561346099,"张传朋","甘星允"]
[null,"8.8级高强螺丝","10*30",50,"套",0.45,22.5,"巨野县泗春五金机电门市部",13561346099,"张传朋","甘星允"]
[null,"钢卷尺","5米",5,"个",4.5,22.5,"巨野县泗春五金机电门市部",13561346099,"张传朋","甘星允"]
["WIN007603","螺丝","4*50",100,"套",100,10000,"巨野县泗春五金机电门市部",13561346099,"张传朋","甘星允"]
[null,"螺丝","6*30",50,"套",50,2500,"巨野县泗春五金机电门市部",13561346099,"张传朋","甘星允"]
[null,"螺丝","5*10",50,"套",50,2500,"巨野县泗春五金机电门市部",13561346099,"张传朋","甘星允"]
[null,"螺母","M8",100,"个",100,10000,"巨野县泗春五金机电门市部",13561346099,"张传朋","甘星允"]
["WIN007604","游标卡尺","200#",2,"把",50,100,"巨野县泗春五金机电门市部",13561346099,"张传朋","甘星允"]
[null,"轴承",32212,2,"个",34,68,"巨野县泗春五金机电门市部",13561346099,"张传朋","甘星允"]
[null,"轴承",30217,8,"个",59,472,"巨野县泗春五金机电门市部",13561346099,"张传朋","甘星允"]
["WIN007605","快速接头","12——3",30,"个",2.5,75,"巨野县润润五金门市部",15764010540,"张传朋","甘星允"]
[null,"快速接头","12——4",30,"个",3,90,"巨野县润润五金门市部",15764010540,"张传朋","甘星允"]
[null,"快速接头","16——4",30,"个",4,120,"巨野县润润五金门市部",15764010540,"张传朋","甘星允"]
[null,"调压阀","AR4000-4",1,"个",85,85,"巨野县润润五金门市部",15764010540,"张传朋","甘星允"]
[null,"调节阀","12--3",30,"个",9.5,285,"巨野县润润五金门市部",15764010540,"张传朋","甘星允"]
["WIN007589","气缸总成（风炮配件）","TT826G泰田",20,"个",440,8800,"南京立泽机电设备有限公司",null,"王成军","甘星允"]
[{"$nulls":6},0]
[{"$nulls":6},0]
[{"$nulls":6},0]
[{"$nulls":6},0]

{"sheet":"2.24","index":61,"n_rows":56,"n_cols":12,"rows_kept":56,"merged":[[0,0,0,11],[1,0,1,11],[2,0,2,11]],"flags":["formulas_cached_only"]}
["五金收料统计日报表"]
["日期： 2019  年 02 月 24日                             填表人： 杨振华"]
["单位：江苏大力神管桩有限公司巨野分公司"]
["入库单号","品名","规格","数量","单位","单价","金额","供应商名称","联系方式","采购员","检验员","备注"]
["WIN007621","电焊钳","800A",4,"把",30,120,"巨野县润润五金门市部",15764010540,"张传朋","甘星允"]
[null,"气动蝶阀","50#",1,"套",400,400,"巨野县润润五金门市部",15764010540,"张传朋","甘星允"]
["WIN007622","墨汁",null,20,"瓶",3,60,"巨野县宏凯文体用品商行",null,"张传朋","甘星允"]
["WIN007623","导绳器","3T",2,"个",60,120,"巨野县巨起起重设备经营部",null,"张传朋","甘星允"]
["WIN007624","帮洁",null,15,"瓶",5,75,"付长贵",null,"张传朋","甘星允"]
["WIN007625","铜锁","挂锁",4,"把",8,32,"巨野县嘉盛五金机电",18753016988,"张传朋","甘星允"]
["WIN007626","圣玛充电器","48V加液",1,"台",200,200,"巨野县老张电瓶经销售部",null,"张传朋","甘星允"]
[null,"补充液","电瓶车充电器用",1,"箱",20,20,"巨野县老张电瓶经销售部",null,"张传朋","甘星允"]
["WIN007627","镀锌管","DN25",1,"根",60,60,"巨野县大型管材钢板批发中心",null,"张传朋","甘星允"]
["WIN007628","铝鼻管","100A",4,"个",3,12,"巨野县嘉盛五金机电",18753016988,"张传朋","甘星允"]
[null,"钢尺","1米",2,"个",15,30,"巨野县嘉盛五金机电",18753016988,"张传朋","甘星允"]
["WIN007629","氧气",null,6,"瓶",30,180,"巨野县巨泰气体二站",18765016777,"张传朋","甘星允"]
[null,"乙炔",null,5,"瓶",65,325,"巨野县巨泰气体二站",18765016777,"张传朋","甘星允"]
[{"$nulls":6},0]
[{"$nulls":6},0]
[{"$nulls":6},0]
[{"$nulls":6},0]
[{"$nulls":6},0]
[{"$nulls":6},0]
[{"$nulls":6},0]
[{"$nulls":6},0]
[{"$nulls":6},0]
[{"$nulls":6},0]
[{"$nulls":6},0]
[{"$nulls":6},0]
[{"$nulls":6},0]
[{"$nulls":6},0]
[{"$nulls":6},0]
[{"$nulls":6},0]
[{"$nulls":6},0]
[{"$nulls":6},0]
[{"$nulls":6},0]
[{"$nulls":6},0]
[{"$nulls":6},0]
[{"$nulls":6},0]
[{"$nulls":6},0]
[{"$nulls":6},0]
[{"$nulls":6},0]
[{"$nulls":6},0]
[{"$nulls":6},0]
[{"$nulls":6},0]
[{"$nulls":6},0]
[{"$nulls":6},0]
[{"$nulls":6},0]
[{"$nulls":6},0]
[{"$nulls":6},0]
[{"$nulls":6},0]
[{"$nulls":6},0]
[{"$nulls":6},0]
[{"$nulls":6},0]
[{"$nulls":6},0]
[{"$nulls":6},0]

{"sheet":"2.26","index":62,"n_rows":56,"n_cols":12,"rows_kept":56,"merged":[[0,0,0,11],[1,0,1,11],[2,0,2,11]],"flags":["formulas_cached_only"]}
["五金收料统计日报表"]
["日期： 2019  年 02 月 26日                             填表人： 杨振华"]
["单位：江苏大力神管桩有限公司巨野分公司"]
["入库单号","品名","规格","数量","单位","单价","金额","供应商名称","联系方式","采购员","检验员","备注"]
["WIN007638","胶皮手套",null,6,"双",5,30,"巨野县金增百货商店",15764010540,"张传朋","甘星允"]
["WIN007639","气缸","63*100",2,"个",50,100,"巨野县润润五金门市部",15764010540,"张传朋","甘星允"]
[null,"Y型接头",63,10,"个",9.5,95,"巨野县润润五金门市部",15764010540,"张传朋","甘星允"]
[null,"Y型接头",80,10,"个",15,150,"巨野县润润五金门市部",15764010540,"张传朋","甘星允"]
[null,"气动蝶阀","DN50",1,"套",490,490,"巨野县润润五金门市部",15764010540,"张传朋","甘星允"]
[null,"手动蝶阀","DN300",1,"个",450,450,"巨野县润润五金门市部",15764010540,"张传朋","甘星允"]
["WIN007640","铜球阀","DN15",2,"个",8,16,"巨野县润润五金门市部",15764010540,"张传朋","甘星允"]
[null,"毛刷",null,50,"把",2.5,125,"巨野县润润五金门市部",15764010540,"张传朋","甘星允"]
["WIN007641","热熔直接（外牙）",20,4,"个",2,8,"唯泽建材水暖城",null,"张传朋","甘星允"]
[null,"热熔三通",20,4,"个",2,8,"唯泽建材水暖城",null,"张传朋","甘星允"]
[null,"热熔内弯",20,4,"个",2,8,"唯泽建材水暖城",null,"张传朋","甘星允"]
[null,"热熔直接",20,4,"个",2,8,"唯泽建材水暖城",null,"张传朋","甘星允"]
[null,"热熔活接",20,4,"个",6,24,"唯泽建材水暖城",null,"张传朋","甘星允"]
["WIN007642","一次性口罩",null,1,"包",12,12,"巨野县金增百货商店",null,"张传朋","甘星允"]
[{"$nulls":6},0]
[{"$nulls":6},0]
[{"$nulls":6},0]
[{"$nulls":6},0]
[{"$nulls":6},0]
[{"$nulls":6},0]
[{"$nulls":6},0]
[{"$nulls":6},0]
[{"$nulls":6},0]
[{"$nulls":6},0]
[{"$nulls":6},0]
[{"$nulls":6},0]
[{"$nulls":6},0]
[{"$nulls":6},0]
[{"$nulls":6},0]
[{"$nulls":6},0]
[{"$nulls":6},0]
[{"$nulls":6},0]
[{"$nulls":6},0]
[{"$nulls":6},0]
[{"$nulls":6},0]
[{"$nulls":6},0]
[{"$nulls":6},0]
[{"$nulls":6},0]
[{"$nulls":6},0]
[{"$nulls":6},0]
[{"$nulls":6},0]
[{"$nulls":6},0]
[{"$nulls":6},0]
[{"$nulls":6},0]
[{"$nulls":6},0]
[{"$nulls":6},0]
[{"$nulls":6},0]
[{"$nulls":6},0]
[{"$nulls":6},0]
[{"$nulls":6},0]
[{"$nulls":6},0]
[{"$nulls":6},0]

{"sheet":"2.27","index":63,"n_rows":56,"n_cols":12,"rows_kept":56,"merged":[[0,0,0,11],[1,0,1,11],[2,0,2,11]],"flags":["formulas_cached_only"]}
["五金收料统计日报表"]
["日期： 2019  年 02 月 27日                             填表人： 杨振华"]
["单位：江苏大力神管桩有限公司巨野分公司"]
["入库单号","品名","规格","数量","单位","单价","金额","供应商名称","联系方式","采购员","检验员","备注"]
["WIN007650","棉滤芯","40寸",100,"个",16,1600,"济宁市德水水处理设备有限公司",null,"王成军","甘星允"]
["WIN007651","三角带","B-900",20,"根",6,120,"巨野县耐驰三角带经销部",null,"张传朋","甘星允"]
["WIN007652","道轨","38#",2,"支",2250,4500,"嘉祥县昌盛物资有限公司",null,"张传朋","甘星允"]
[null,"夹板","导轨专用",3,"付",150,450,"嘉祥县昌盛物资有限公司",null,"张传朋","甘星允"]
["WIN007653","内六角扳手","1.5-10",1,"套",75,75,"巨野县德双赢汽保工具",null,"张传朋","甘星允"]
["WIN007654","不锈钢泵密封件","CF12",1,"套",180,180,"巨野县德重电器维修中心",null,"张传朋","甘星允"]
["WIN007655","管钳","24#",1,"把",50,50,"巨野县润润五金门市部",15764010540,"张传朋","甘星允"]
[null,"管钳","10#",2,"把",12,24,"巨野县润润五金门市部",15764010540,"张传朋","甘星允"]
["WIN007656","铜排","3000*50*10",30,"根",756,22680,"苏州引流金属材料有限公司",null,"张传朋","甘星允"]
[null,"铜排","3000*80*10",10,"根",1209.6,12096,"苏州引流金属材料有限公司",null,"张传朋","甘星允"]
["WIN007657","防尘网",null,60,"捆",30,1800,"菏泽汉鼎消防器材有限公司",null,"张传朋","甘星允"]
[{"$nulls":6},0]
[{"$nulls":6},0]
[{"$nulls":6},0]
[{"$nulls":6},0]
[{"$nulls":6},0]
[{"$nulls":6},0]
[{"$nulls":6},0]
[{"$nulls":6},0]
[{"$nulls":6},0]
[{"$nulls":6},0]
[{"$nulls":6},0]
[{"$nulls":6},0]
[{"$nulls":6},0]
[{"$nulls":6},0]
[{"$nulls":6},0]
[{"$nulls":6},0]
[{"$nulls":6},0]
[{"$nulls":6},0]
[{"$nulls":6},0]
[{"$nulls":6},0]
[{"$nulls":6},0]
[{"$nulls":6},0]
[{"$nulls":6},0]
[{"$nulls":6},0]
[{"$nulls":6},0]
[{"$nulls":6},0]
[{"$nulls":6},0]
[{"$nulls":6},0]
[{"$nulls":6},0]
[{"$nulls":6},0]
[{"$nulls":6},0]
[{"$nulls":6},0]
[{"$nulls":6},0]
[{"$nulls":6},0]
[{"$nulls":6},0]
[{"$nulls":6},0]
[{"$nulls":6},0]
[{"$nulls":6},0]
[{"$nulls":6},0]
[{"$nulls":6},0]
[{"$nulls":6},0]

{"sheet":"2.28","index":64,"n_rows":56,"n_cols":12,"rows_kept":56,"merged":[[0,0,0,11],[1,0,1,11],[2,0,2,11]],"flags":["formulas_cached_only"]}
["五金收料统计日报表"]
["日期： 2019  年 02 月 28日                             填表人： 杨振华"]
["单位：江苏大力神管桩有限公司巨野分公司"]
["入库单号","品名","规格","数量","单位","单价","金额","供应商名称","联系方式","采购员","检验员","备注"]
["WIN007664","磁灯头",null,10,"个",2,20,"巨野县豪德五金机电批发部",18816075138,"王成军","甘星允"]
["WIN007665","螺丝松动剂",null,24,"个",8,192,"巨野县兴强轴承销售中心",null,"张传朋","甘星允"]
[null,"套筒（扳手）",32,11,"个",16.364,180.00400000000002,"巨野县兴强轴承销售中心",null,"张传朋","甘星允"]
[null,"8.8级高强螺丝","20*100",20,"套",3.8,76,"巨野县兴强轴承销售中心",null,"张传朋","甘星允"]
["WIN007666","镀锌管","DN25",1,"根",60,60,"巨野县大型管材钢板批发中心",null,"张传朋","甘星允"]
["WIN007667","管道泵","ISW80-160-7.5KW ",1,"台",2500,2500,"巨野县德重电器维修中心",null,"张传朋","甘星允"]
["WIN007668","套筒（扳手）","1900-01-24",3,"个",15,45,"巨野县德双赢汽保工具",null,"张传朋","甘星允"]
["WIN007669","直接","16#",50,"个",2.5,125,"巨野县润润五金门市部",15764010540,"张传朋","甘星允"]
["WIN007670","打印纸","A4",2,"箱",150,300,"巨野县王广瑞文具批发站",null,"张传朋","甘星允"]
["WIN007671","铸铁焊条","712#",1,"把",75,75,"巨野县前进五金交电批发部",null,"张传朋","甘星允"]
["WIN007673","交流接触器","CJX1-205/22",1,"个",610,610,"邳州市电料总汇",null,"王成军","甘星允"]
[{"$nulls":6},0]
[{"$nulls":6},0]
[{"$nulls":6},0]
[{"$nulls":6},0]
[{"$nulls":6},0]
[{"$nulls":6},0]
[{"$nulls":6},0]
[{"$nulls":6},0]
[{"$nulls":6},0]
[{"$nulls":6},0]
[{"$nulls":6},0]
[{"$nulls":6},0]
[{"$nulls":6},0]
[{"$nulls":6},0]
[{"$nulls":6},0]
[{"$nulls":6},0]
[{"$nulls":6},0]
[{"$nulls":6},0]
[{"$nulls":6},0]
[{"$nulls":6},0]
[{"$nulls":6},0]
[{"$nulls":6},0]
[{"$nulls":6},0]
[{"$nulls":6},0]
[{"$nulls":6},0]
[{"$nulls":6},0]
[{"$nulls":6},0]
[{"$nulls":6},0]
[{"$nulls":6},0]
[{"$nulls":6},0]
[{"$nulls":6},0]
[{"$nulls":6},0]
[{"$nulls":6},0]
[{"$nulls":6},0]
[{"$nulls":6},0]
[{"$nulls":6},0]
[{"$nulls":6},0]
[{"$nulls":6},0]
[{"$nulls":6},0]
[{"$nulls":6},0]
[{"$nulls":6},0]

{"sheet":"3.01","index":65,"n_rows":56,"n_cols":12,"rows_kept":56,"merged":[[0,0,0,11],[1,0,1,11],[2,0,2,11]],"flags":["formulas_cached_only"]}
["五金收料统计日报表"]
["日期： 2019  年 03月 01日                             填表人： 杨振华"]
["单位：江苏大力神管桩有限公司巨野分公司"]
["入库单号","品名","规格","数量","单位","单价","金额","供应商名称","联系方式","采购员","检验员","备注"]
["WIN007679","铬黑T指示剂","500ML",1,"瓶",50,50,"济宁市任城区铭泽化工经营处",null,"张传朋","甘星允"]
[null,"EDTA","500ML",2,"瓶",20,40,"济宁市任城区铭泽化工经营处",null,"张传朋","甘星允"]
[null,"缓冲液","500ML",2,"瓶",10,20,"济宁市任城区铭泽化工经营处",null,"张传朋","甘星允"]
["WIN007680","锅炉水质监督指示剂","化学试剂",1,"套",150,150,"上海普隆锅炉成套设备有限公司",null,"张传朋","甘星允"]
["WIN007681","千斤顶","20T",1,"台",298,298,"山东启阳液压科技有限公司",null,"张传朋","甘星允"]
["WIN007682","风镐钎","24*70",10,"个",15,150,"巨野县德双赢汽保工具",null,"张传朋","甘星允"]
["WIN007683","混凝土振动电机","0.75KW",2,"个",220,440,"嘉祥县嘉祥镇二德五金门市部",null,"张传朋","甘星允"]
[{"$nulls":6},0]
[{"$nulls":6},0]
[{"$nulls":6},0]
[{"$nulls":6},0]
[{"$nulls":6},0]
[{"$nulls":6},0]
[{"$nulls":6},0]
[{"$nulls":6},0]
[{"$nulls":6},0]
[{"$nulls":6},0]
[{"$nulls":6},0]
[{"$nulls":6},0]
[{"$nulls":6},0]
[{"$nulls":6},0]
[{"$nulls":6},0]
[{"$nulls":6},0]
[{"$nulls":6},0]
[{"$nulls":6},0]
[{"$nulls":6},0]
[{"$nulls":6},0]
[{"$nulls":6},0]
[{"$nulls":6},0]
[{"$nulls":6},0]
[{"$nulls":6},0]
[{"$nulls":6},0]
[{"$nulls":6},0]
[{"$nulls":6},0]
[{"$nulls":6},0]
[{"$nulls":6},0]
[{"$nulls":6},0]
[{"$nulls":6},0]
[{"$nulls":6},0]
[{"$nulls":6},0]
[{"$nulls":6},0]
[{"$nulls":6},0]
[{"$nulls":6},0]
[{"$nulls":6},0]
[{"$nulls":6},0]
[{"$nulls":6},0]
[{"$nulls":6},0]
[{"$nulls":6},0]
[{"$nulls":6},0]
[{"$nulls":6},0]
[{"$nulls":6},0]
[{"$nulls":6},0]

{"sheet":"3.04","index":66,"n_rows":56,"n_cols":12,"rows_kept":56,"merged":[[0,0,0,11],[1,0,1,11],[2,0,2,11]],"flags":["formulas_cached_only"]}
["五金收料统计日报表"]
["日期： 2019  年 03月 04日                             填表人： 杨振华"]
["单位：江苏大力神管桩有限公司巨野分公司"]
["入库单号","品名","规格","数量","单位","单价","金额","供应商名称","联系方式","采购员","检验员","备注"]
["WIN007704","气液增压缸","APT125X50-5-20T",1,"件",6800,6800,"常州速莱自动化设备有限公司","0519-85606221","王成军","甘星允"]
["WIN007705","单栏收据",null,30,"本",1.5,45,"巨野县晨风文具商行",null,"张传朋","甘星允"]
[null,"夹子",null,2,"盒",20,40,"巨野县晨风文具商行",null,"张传朋","甘星允"]
[null,"一次性杯子",null,4,"包",4,16,"巨野县晨风文具商行",null,"张传朋","甘星允"]
["WIN007706","活节阀门",20,1,"个",5,5,"唯泽建材水暖",null,"张传朋","甘星允"]
["WIN007707","直接","10#",50,"个",1.5,75,"巨野县润润五金门市部",15764010540,"张传朋","甘星允"]
[null,"三通","16#",50,"个",3.5,175,"巨野县润润五金门市部",15764010540,"张传朋","甘星允"]
["WIN007708","铸钢截止阀","国标DH100",2,"台",480,960,"巨野县润润五金门市部",15764010540,"张传朋","甘星允"]
[null,"铸钢立式止回阀","国标50",2,"个",2.5,5,"巨野县润润五金门市部",15764010540,"张传朋","甘星允"]
[null,"中摆气缸","63*100",10,"个",85,850,"巨野县润润五金门市部",15764010540,"张传朋","甘星允"]
[null,"电焊帽",null,4,"个",3.5,14,"巨野县润润五金门市部",15764010540,"张传朋","甘星允"]
["WIN007709","广和齿轮油","170KG CKC320",1,"桶",1850,1850,"张中奎",null,"张传朋","甘星允"]
["WIN007710","天平","600g",1,"台",220,220,"巨野县张磊衡器店",null,"张传朋","甘星允"]
["WIN007711","镀锌管","50#",1,"根",140,140,"巨野县张建芝建材批发中心",null,"张传朋","甘星允"]
["WIN007712","凯士电子秤","150KG",1,"台",180,180,"巨野县张磊衡器店",null,"张传朋","甘星允"]
["WIN007713","漏斗","90CM",1,"个",7,7,"巨野县健安医疗器械有限公司","0530-6132929","张传朋","甘星允"]
[null,"吸液球","大",1,"个",7,7,"巨野县健安医疗器械有限公司","0530-6132929","张传朋","甘星允"]
[null,"移液管","2.5.10",3,"支",8,24,"巨野县健安医疗器械有限公司","0530-6132929","张传朋","甘星允"]
[null,"定性滤纸",null,2,"盒",23,46,"巨野县健安医疗器械有限公司","0530-6132929","张传朋","甘星允"]
[null,"碱式滴定管",null,1,"支",30,30,"巨野县健安医疗器械有限公司","0530-6132929","张传朋","甘星允"]
["WIN007714","无缝管","DN133",1.2,"米",95,114,"巨野县张建芝建材批发中心",null,"张传朋","甘星允"]
["WIN007715","电加热管","1200W",4,"个",70,280,"巨野县仇玉厨具门市部",null,"张传朋","甘星允"]
[null,"温控器",null,4,"个",20,80,"巨野县仇玉厨具门市部",null,"张传朋","甘星允"]
[null,"浮球",null,4,"个",25,100,"巨野县仇玉厨具门市部",null,"张传朋","甘星允"]
["WIN007716","8.8级内六角螺丝","8*110",50,"套",1.2,60,"巨野县兴强轴承销售中心",null,"张传朋","甘星允"]
[null,"8.8级内六角螺丝","8*40",33,"套",0.35,11.549999999999999,"巨野县兴强轴承销售中心",null,"张传朋","甘星允"]
[null,"8.8级内六角螺丝","8*25",30,"套",0.15,4.5,"巨野县兴强轴承销售中心",null,"张传朋","甘星允"]
[null,"螺母","M8",100,"个",0.06,6,"巨野县兴强轴承销售中心",null,"张传朋","甘星允"]
[null,"螺母","M12",100,"个",0.16,16,"巨野县兴强轴承销售中心",null,"张传朋","甘星允"]
[null,"8.8级高强螺丝","16*70",50,"套",1.85,92.5,"巨野县兴强轴承销售中心",null,"张传朋","甘星允"]
["WIN007717","断线钳",450,2,"个",100,200,"巨野县嘉盛五金机电",18753016988,"张传朋","甘星允"]
[null,"老虎钳",8,2,"个",20,40,"巨野县嘉盛五金机电",18753016988,"张传朋","甘星允"]
["WIN007718","焊条","#3.2",2,"箱",100,200,"巨野县嘉盛五金机电",18753016988,"张传朋","甘星允"]
[null,"安全帽",null,2,"个",18,36,"巨野县嘉盛五金机电",18753016988,"张传朋","甘星允"]
["WIN007719","直接","16#",50,"个",2.5,125,"巨野县润润五金门市部",15764010540,"张传朋","甘星允"]
[null,"铜球阀","50#",2,"个",33,66,"巨野县润润五金门市部",15764010540,"张传朋","甘星允"]
[null,"活节","50#",2,"个",9.5,19,"巨野县润润五金门市部",15764010540,"张传朋","甘星允"]
[null,"铜球阀",15,10,"个",8,80,"巨野县润润五金门市部",15764010540,"张传朋","甘星允"]
["WIN007720","绝缘子","电车磁瓶",120,"个",4.8,576,"巨野县德航电料五金门市",null,"张传朋","甘星允"]
["WIN007722","帮洁",null,15,"瓶",5,75,"付长贵",null,"张传朋","甘星允"]
["WIN007723","高派尼螺杆空压机油","16升",2,"桶",240,480,"张中奎",null,"张传朋","甘星允"]
["WIN007724","氧气",null,7,"瓶",30,210,"巨野县巨泰气体二站",18765016777,"张传朋","甘星允"]
[null,"乙炔",null,6,"瓶",65,390,"巨野县巨泰气体二站",18765016777,"张传朋","甘星允"]
["WIN007725","工字钢",null,10,"支",630,6300,"徐州金圣达商贸有限公司",null,"王成军","甘星允"]
[null,"槽钢",null,8,"支",485,3880,"徐州金圣达商贸有限公司",null,"王成军","甘星允"]
[{"$nulls":6},0]
[{"$nulls":6},0]
[{"$nulls":6},0]
[{"$nulls":6},0]
[{"$nulls":6},0]
[{"$nulls":6},0]
[{"$nulls":6},0]

{"sheet":"3.05","index":67,"n_rows":56,"n_cols":12,"rows_kept":56,"merged":[[0,0,0,11],[1,0,1,11],[2,0,2,11]],"flags":["formulas_cached_only"]}
["五金收料统计日报表"]
["日期： 2019  年 03月 05日                             填表人： 杨振华"]
["单位：江苏大力神管桩有限公司巨野分公司"]
["入库单号","品名","规格","数量","单位","单价","金额","供应商名称","联系方式","采购员","检验员","备注"]
["WIN007733","主轴","400  8寸",20,"根",160,3200,"南京市立泽机电设备有限公司",null,"王成军","甘星允"]
[null,"后纸垫","TT826",50,"张",2,100,"南京市立泽机电设备有限公司",null,"张传朋","甘星允"]
[null,"打击块",400,20,"个",75,1500,"南京市立泽机电设备有限公司",null,"张传朋","甘星允"]
[null,"后手柄",350,20,"个",140,2800,"南京市立泽机电设备有限公司",null,"张传朋","甘星允"]
["WIN007734","碳膜电位器","4K7",10,"个",10,100,"巨野正泰电器有限公司",null,"张传朋","甘星允"]
["WIN007735","电笔",null,2,"个",10,20,"巨野正泰电器有限公司",null,"张传朋","甘星允"]
["WIN007736","康赛斯螺杆空气压缩机","AJAM100A",1,"台",40000,40000,"大连益腾机电设备有限公司","0411-87616829","王成军","甘星允"]
["WIN007737","风炮套头","36#",1,"个",37,37,"巨野县泗春五金机电门市部",13561346099,"张传朋","甘星允"]
[null,"管钳","24#",1,"把",45,45,"巨野县泗春五金机电门市部",13561346099,"张传朋","甘星允"]
[null,"沉头螺丝","12*40",50,"套",0.5,25,"巨野县泗春五金机电门市部",13561346099,"张传朋","甘星允"]
[null,"轴承","23122CA",2,"个",275,550,"巨野县泗春五金机电门市部",13561346099,"张传朋","甘星允"]
[null,"轴承",51113,2,"个",19,38,"巨野县泗春五金机电门市部",13561346099,"张传朋","甘星允"]
["WIN007738","8.8级高强螺丝","20*110",50,"套",3.4,170,"巨野县泗春五金机电门市部",13561346099,"张传朋","甘星允"]
[null,"8.8级高强螺丝","24*120",80,"套",5,400,"巨野县泗春五金机电门市部",13561346099,"张传朋","甘星允"]
[null,"8.8级高强螺丝","24*100",80,"套",4.4,352,"巨野县泗春五金机电门市部",13561346099,"张传朋","甘星允"]
["WIN007739","直角尺",500,2,"把",9,18,"巨野县泗春五金机电门市部",13561346099,"张传朋","甘星允"]
[null,"8.8级高强螺丝","14*60",40,"套",1.05,42,"巨野县泗春五金机电门市部",13561346099,"张传朋","甘星允"]
[null,"8.8级内六角螺丝","8*55",50,"套",0.35,17.5,"巨野县泗春五金机电门市部",13561346099,"张传朋","甘星允"]
["WIN007740","护套线","2*1.5",2,"盘",175,350,"巨野县嘉盛五金机电",18753016988,"张传朋","甘星允"]
["WIN007741","割嘴",30,20,"个",4,80,"巨野县润润五金门市部",15764010540,"张传朋","甘星允"]
[null,"割嘴",100,20,"个",5,100,"巨野县润润五金门市部",15764010540,"张传朋","甘星允"]
[null,"割枪",100,5,"个",60,300,"巨野县润润五金门市部",15764010540,"张传朋","甘星允"]
[null,"外牙直接",50,2,"个",6,12,"巨野县润润五金门市部",15764010540,"张传朋","甘星允"]
["WIN007742","按钮","NP2-BA53",20,"个",13,260,"巨野县佳洲五金机电批发中心",null,"张传朋","甘星允"]
[null,"按钮","NP2-BD35",20,"个",13,260,"巨野县佳洲五金机电批发中心",null,"张传朋","甘星允"]
["WIN007743","塑料布",null,4.66,"斤",6.5,30.29,"巨野县振兴塑料展销部",null,"张传朋","甘星允"]
["WIN007744","电脑打印纸","241-4-2",5,"盒",49,245,"巨野县晨风文具商行",null,"张传朋","甘星允"]
["WIN007745","硝银",{"v":0.0005,"d":"0.05%"},1,"瓶",50,50,"济宁市任城区明泽化工经营处",null,"张传朋","甘星允"]
[null,"铬酸钾",{"v":0.05,"d":"5%"},1,"瓶",35,35,"济宁市任城区明泽化工经营处",null,"张传朋","甘星允"]
[null,"硫酸",{"v":0.0001,"d":"0.01%"},1,"瓶",20,20,"济宁市任城区明泽化工经营处",null,"张传朋","甘星允"]
[null,"酚酞溶液",{"v":0.01,"d":"1%"},1,"瓶",35,35,"济宁市任城区明泽化工经营处",null,"张传朋","甘星允"]
[null,"碳酸钠",{"v":0.01,"d":"1%"},1,"瓶",45,45,"济宁市任城区明泽化工经营处",null,"张传朋","甘星允"]
["WIN007746","自吸水泵","65# 2.2KW",1,"台",560,560,"济宁市市中区云峰水泵经销处","0537-2103726","张传朋","甘星允"]
["WIN007747","弹簧","5*36*200",40,"条",6,240,"济宁市任城区张玉顺五金工具经销处",13963762703,"张传朋","甘星允"]
[{"$nulls":6},0]
[{"$nulls":6},0]
[{"$nulls":6},0]
[{"$nulls":6},0]
[{"$nulls":6},0]
[{"$nulls":6},0]
[{"$nulls":6},0]
[{"$nulls":6},0]
[{"$nulls":6},0]
[{"$nulls":6},0]
[{"$nulls":6},0]
[{"$nulls":6},0]
[{"$nulls":6},0]
[{"$nulls":6},0]
[{"$nulls":6},0]
[{"$nulls":6},0]
[{"$nulls":6},0]
[{"$nulls":6},0]

{"sheet":"3.07","index":68,"n_rows":56,"n_cols":12,"rows_kept":56,"merged":[[0,0,0,11],[1,0,1,11],[2,0,2,11]],"flags":["formulas_cached_only"]}
["五金收料统计日报表"]
["日期： 2019  年 03月 07日                             填表人： 杨振华"]
["单位：江苏大力神管桩有限公司巨野分公司"]
["入库单号","品名","规格","数量","单位","单价","金额","供应商名称","联系方式","采购员","检验员","备注"]
["WIN007752","皮带轮 B型","140*70",2,"个",150,300,"巨野县麒麟镇瑞麟机床加工厂",18253062776,"王成军","甘星允"]
["WIN007760","氧气",null,7,"瓶",30,210,"巨野县巨泰气体二站",18765016777,"张传朋","甘星允"]
[null,"乙炔",null,5,"瓶",65,325,"巨野县巨泰气体二站",18765016777,"张传朋","甘星允"]
["WIN007761","合模螺丝","20*125",6000,"套",3.9,23400,"靖江市百佳机械配件有限公司",null,"张传朋","甘星允"]
[null,"销轴","M16*70",3000,"个",0.85,2550,"靖江市百佳机械配件有限公司",null,"张传朋","甘星允"]
["WIN007762","高压釜密封圈","直径3.2米外",10,"套",110,1100,"廊坊美博密封材料有限公司","0316-7091004","王成军","甘星允"]
["WIN007763","起重机控制台","380/50HZ",2,"台",2450,4900,"泰安美峰机械设备有限公司","0538-5083866","王成军","甘星允"]
[null,"附件","380/50HZ",1,"套",1000,1000,"泰安美峰机械设备有限公司","0538-5083866","王成军","甘星允"]
["WIN007764","开口销","3*50",23.5,"斤",4.5,105.75,"巨野县兴强轴承销售中心",null,"张传朋","甘星允"]
["WIN007765","高强螺丝","18*110",60,"套",2.6,156,"巨野县兴强轴承销售中心",null,"张传朋","甘星允"]
["WIN007766","风炮套筒","30#",30,"个",35,1050,"巨野县嘉盛五金机电",18753016988,"张传朋","甘星允"]
["WIN007767","吸液球",null,4,"个",7,28,"巨野县健安医疗器械有限公司",13853025607,"张传朋","甘星允"]
["WIN007768","气动法兰蝶阀","DN80",1,"台",400,400,"巨野县润润五金门市部",15764010540,"张传朋","甘星允"]
["WIN007769","工业盐",null,5000,"KG",0.48,2400,"巨野县盐业公司","0530-8256194","张传朋","甘星允"]
[{"$nulls":6},0]
[{"$nulls":6},0]
[{"$nulls":6},0]
[{"$nulls":6},0]
[{"$nulls":6},0]
[{"$nulls":6},0]
[{"$nulls":6},0]
[{"$nulls":6},0]
[{"$nulls":6},0]
[{"$nulls":6},0]
[{"$nulls":6},0]
[{"$nulls":6},0]
[{"$nulls":6},0]
[{"$nulls":6},0]
[{"$nulls":6},0]
[{"$nulls":6},0]
[{"$nulls":6},0]
[{"$nulls":6},0]
[{"$nulls":6},0]
[{"$nulls":6},0]
[{"$nulls":6},0]
[{"$nulls":6},0]
[{"$nulls":6},0]
[{"$nulls":6},0]
[{"$nulls":6},0]
[{"$nulls":6},0]
[{"$nulls":6},0]
[{"$nulls":6},0]
[{"$nulls":6},0]
[{"$nulls":6},0]
[{"$nulls":6},0]
[{"$nulls":6},0]
[{"$nulls":6},0]
[{"$nulls":6},0]
[{"$nulls":6},0]
[{"$nulls":6},0]
[{"$nulls":6},0]
[{"$nulls":6},0]

{"sheet":"3.10","index":69,"n_rows":56,"n_cols":12,"rows_kept":56,"merged":[[0,0,0,11],[1,0,1,11],[2,0,2,11]],"flags":["formulas_cached_only"]}
["五金收料统计日报表"]
["日期： 2019  年 03月 10日                             填表人： 杨振华"]
["单位：江苏大力神管桩有限公司巨野分公司"]
["入库单号","品名","规格","数量","单位","单价","金额","供应商名称","联系方式","采购员","检验员","备注"]
["WIN007798","减速机油封","3000型",2,"套",180,360,"马鞍山市恒特重工科技有限公司",null,"张传朋","甘星允"]
["WIN007799","胶",801,6,"袋",15,90,"巨野县亚美涂料",null,"张传朋","甘星允"]
["WIN007800","摆线针轮减速机","B10E21-1531.5W",1,"套",1600,1600,"济宁市科力达机电设备有限公司","0537-3368809","张传朋","甘星允"]
[null,"涡轮减速电机","WPA-80",1,"台",450,450,"济宁市科力达机电设备有限公司","0537-3368809","张传朋","甘星允"]
[null,"联轴器","三爪",3,"个",50,150,"济宁市科力达机电设备有限公司","0537-3368809","张传朋","甘星允"]
[null,"联轴器","45#穿孔",1,"套",180,180,"济宁市科力达机电设备有限公司","0537-3368809","张传朋","甘星允"]
[null,"梅花垫","1900-03-20",10,"个",17,170,"济宁市科力达机电设备有限公司","0537-3368809","张传朋","甘星允"]
["WIN007801","输出轴","1号",1,"套",120,120,"济宁市科力达机电设备有限公司","0537-3368810","张传朋","甘星允"]
[null,"偏心套","1号",1,"套",50,50,"济宁市科力达机电设备有限公司","0537-3368811","张传朋","甘星允"]
["WIN007802","互感器","BH-0.66I2000/S",1,"个",65,65,"巨野县豪德五金机电批发部",null,"张传朋","甘星允"]
[null,"石板闸","HDB-1500/31",1,"个",1340,1340,"巨野县豪德五金机电批发部",null,"张传朋","甘星允"]
["WIN007803","骨架封","65*85*8",2,"个",4,8,"巨野县派龙工程机械门市部",18253019881,"张传朋","甘星允"]
["WIN007804","直接","16#",100,"个",2.5,250,"巨野县润润五金门市部",15764010540,"张传朋","甘星允"]
[null,"电磁阀线圈","220V",30,"个",8.5,255,"巨野县润润五金门市部",15764010540,"张传朋","甘星允"]
["WIN007805","轴承",6220,2,"个",77,154,"巨野县泗春五金机电门市部",13561346099,"张传朋","甘星允"]
[null,"焊条","3.2#",2,"箱",97,194,"巨野县泗春五金机电门市部",13561346099,"张传朋","甘星允"]
[null,"焊条","4.0#",2,"箱",97,194,"巨野县泗春五金机电门市部",13561346099,"张传朋","甘星允"]
[null,"电工胶布",null,50,"个",1.6,80,"巨野县泗春五金机电门市部",13561346099,"张传朋","甘星允"]
[null,"内六角扳手","6#",3,"个",2.5,7.5,"巨野县泗春五金机电门市部",13561346099,"张传朋","甘星允"]
["WIN007806","开口扳手","14-17",3,"支",2.5,7.5,"巨野县泗春五金机电门市部",13561346099,"张传朋","甘星允"]
[null,"开口扳手","17-19",3,"支",3.5,10.5,"巨野县泗春五金机电门市部",13561346099,"张传朋","甘星允"]
[null,"密封胶",588,25,"个",6,150,"巨野县泗春五金机电门市部",13561346099,"张传朋","甘星允"]
["WIN007809","轴承",6302,10,"个",7.5,75,"巨野县泗春五金机电门市部",13561346099,"张传朋","甘星允"]
["WIN007807","统一 螺杆空压机油","18升",4,"桶",285,1140,"张中奎",null,"张传朋","甘星允"]
["WIN007808","电池","7#",20,"节",2.5,50,"巨野县嘉盛五金机电",18753016988,"张传朋","甘星允"]
[{"$nulls":6},0]
[{"$nulls":6},0]
[{"$nulls":6},0]
[{"$nulls":6},0]
[{"$nulls":6},0]
[{"$nulls":6},0]
[{"$nulls":6},0]
[{"$nulls":6},0]
[{"$nulls":6},0]
[{"$nulls":6},0]
[{"$nulls":6},0]
[{"$nulls":6},0]
[{"$nulls":6},0]
[{"$nulls":6},0]
[{"$nulls":6},0]
[{"$nulls":6},0]
[{"$nulls":6},0]
[{"$nulls":6},0]
[{"$nulls":6},0]
[{"$nulls":6},0]
[{"$nulls":6},0]
[{"$nulls":6},0]
[{"$nulls":6},0]
[{"$nulls":6},0]
[{"$nulls":6},0]
[{"$nulls":6},0]
[{"$nulls":6},0]

{"sheet":"3.11","index":70,"n_rows":56,"n_cols":12,"rows_kept":56,"merged":[[0,0,0,11],[1,0,1,11],[2,0,2,11]],"flags":["formulas_cached_only"]}
["五金收料统计日报表"]
["日期： 2019  年 03月 11日                             填表人： 杨振华"]
["单位：江苏大力神管桩有限公司巨野分公司"]
["入库单号","品名","规格","数量","单位","单价","金额","供应商名称","联系方式","采购员","检验员","备注"]
["WIN007816","脚踏开关","LT-EKW-5",10,"个",16,160,"巨野正泰电器有限公司",null,"张传朋","甘星允"]
["WIN007817","帮洁",null,30,"瓶",5,150,"巨野县金增百货商店",null,"张传朋","甘星允"]
[null,"大垃圾桶",null,1,"个",55,55,"巨野县金增百货商店",null,"张传朋","甘星允"]
["WIN007818","刹车片",null,1,"个",30,30,"巨野县巨起起重机设备经营部",null,"张传朋","甘星允"]
["WIN007819","研磨砂",null,1,"盒",35,35,"巨野县前进五金交电批发部",null,"张传朋","甘星允"]
["WIN007821","无缝管","490*5",64.2,"米",58,3723.6000000000004,"徐州金圣达商贸有限公司",13952271884,"王成军","甘星允"]
["WIN007822","劳保鞋","绝缘",6,"双",58,348,"临沂福伟劳保五金工具",13952271884,"王成军","甘星允"]
[null,"劳保鞋",null,88,"双",31,2728,"临沂福伟劳保五金工具",13952271884,"王成军","甘星允"]
[null,"雨靴",null,29,"双",12.5,362.5,"临沂福伟劳保五金工具",13952271884,"王成军","甘星允"]
[null,"雨衣",null,29,"套",29,841,"临沂福伟劳保五金工具",13952271884,"王成军","甘星允"]
["WIN007823","交流接触器","CJX1-110/22",10,"个",386,3860,"邳州市电料总汇",13952271884,"王成军","甘星允"]
["WIN007824","碳刷","13*32*50",50,"只",27,1350,"江苏维骏工业设备有限公司",13952271884,"王成军","甘星允"]
[{"$nulls":6},0]
[{"$nulls":6},0]
[{"$nulls":6},0]
[{"$nulls":6},0]
[{"$nulls":6},0]
[{"$nulls":6},0]
[{"$nulls":6},0]
[{"$nulls":6},0]
[{"$nulls":6},0]
[{"$nulls":6},0]
[{"$nulls":6},0]
[{"$nulls":6},0]
[{"$nulls":6},0]
[{"$nulls":6},0]
[{"$nulls":6},0]
[{"$nulls":6},0]
[{"$nulls":6},0]
[{"$nulls":6},0]
[{"$nulls":6},0]
[{"$nulls":6},0]
[{"$nulls":6},0]
[{"$nulls":6},0]
[{"$nulls":6},0]
[{"$nulls":6},0]
[{"$nulls":6},0]
[{"$nulls":6},0]
[{"$nulls":6},0]
[{"$nulls":6},0]
[{"$nulls":6},0]
[{"$nulls":6},0]
[{"$nulls":6},0]
[{"$nulls":6},0]
[{"$nulls":6},0]
[{"$nulls":6},0]
[{"$nulls":6},0]
[{"$nulls":6},0]
[{"$nulls":6},0]
[{"$nulls":6},0]
[{"$nulls":6},0]
[{"$nulls":6},0]

{"sheet":"3.12","index":71,"n_rows":56,"n_cols":12,"rows_kept":56,"merged":[[0,0,0,11],[1,0,1,11],[2,0,2,11]],"flags":["formulas_cached_only"]}
["五金收料统计日报表"]
["日期： 2019  年 03月 12日                             填表人： 杨振华"]
["单位：江苏大力神管桩有限公司巨野分公司"]
["入库单号","品名","规格","数量","单位","单价","金额","供应商名称","联系方式","采购员","检验员","备注"]
["WIN007825","橡胶板","1米*2米*30mm",330,"KG",6.3,2079,"巨野正泰电器有限公司",13815310844,"王成军","甘星允"]
["WIN007826","皮手套",null,700,"双",3.5,2450,"临沂福伟劳保五金工具",13952271884,"王成军","甘星允"]
[null,"线手套",null,100,"双",0.46,46,"临沂福伟劳保五金工具",13952271884,"王成军","甘星允"]
[null,"口罩",null,140,"个",0.26,36.4,"临沂福伟劳保五金工具",13952271884,"王成军","甘星允"]
[{"$nulls":6},0]
[{"$nulls":6},0]
[{"$nulls":6},0]
[{"$nulls":6},0]
[{"$nulls":6},0]
[{"$nulls":6},0]
[{"$nulls":6},0]
[{"$nulls":6},0]
[{"$nulls":6},0]
[{"$nulls":6},0]
[{"$nulls":6},0]
[{"$nulls":6},0]
[{"$nulls":6},0]
[{"$nulls":6},0]
[{"$nulls":6},0]
[{"$nulls":6},0]
[{"$nulls":6},0]
[{"$nulls":6},0]
[{"$nulls":6},0]
[{"$nulls":6},0]
[{"$nulls":6},0]
[{"$nulls":6},0]
[{"$nulls":6},0]
[{"$nulls":6},0]
[{"$nulls":6},0]
[{"$nulls":6},0]
[{"$nulls":6},0]
[{"$nulls":6},0]
[{"$nulls":6},0]
[{"$nulls":6},0]
[{"$nulls":6},0]
[{"$nulls":6},0]
[{"$nulls":6},0]
[{"$nulls":6},0]
[{"$nulls":6},0]
[{"$nulls":6},0]
[{"$nulls":6},0]
[{"$nulls":6},0]
[{"$nulls":6},0]
[{"$nulls":6},0]
[{"$nulls":6},0]
[{"$nulls":6},0]
[{"$nulls":6},0]
[{"$nulls":6},0]
[{"$nulls":6},0]
[{"$nulls":6},0]
[{"$nulls":6},0]
[{"$nulls":6},0]

{"sheet":"3.13","index":72,"n_rows":56,"n_cols":12,"rows_kept":56,"merged":[[0,0,0,11],[1,0,1,11],[2,0,2,11]],"flags":["formulas_cached_only"]}
["五金收料统计日报表"]
["日期： 2019  年 03月 13日                             填表人： 杨振华"]
["单位：江苏大力神管桩有限公司巨野分公司"]
["入库单号","品名","规格","数量","单位","单价","金额","供应商名称","联系方式","采购员","检验员","备注"]
["WIN007844","标准砂",null,4,"袋",110,440,"菏泽瑞通仪器设备有限公司","0530-5151536","张传朋","甘星允"]
["WIN007845","钢丝管","75#",10,"米",24,240,"巨野县诚信农机有限公司",null,"张传朋","甘星允"]
[null,"卡子","75#",6,"个",6,36,"巨野县诚信农机有限公司",null,"张传朋","甘星允"]
["WIN007846","扎丝",null,14.5,"斤",3.5,50.75,"巨野县信德标准件经营部",null,"张传朋","甘星允"]
["WIN007847","推车轮",null,6,"个",95,570,"巨野县嘉盛五金机电",18753016988,"张传朋","甘星允"]
[null,"车轴",null,2,"个",45,90,"巨野县嘉盛五金机电",18753016988,"张传朋","甘星允"]
[null,"不锈钢焊条","3.2#",2,"把",70,140,"巨野县嘉盛五金机电",18753016988,"张传朋","甘星允"]
["WIN007848","8.8级螺母","M12",100,"个",0.1,10,"巨野县兴强轴承销售中心",null,"张传朋","甘星允"]
[null,"8.8级螺母","M4",100,"个",0.01,1,"巨野县兴强轴承销售中心",null,"张传朋","甘星允"]
["WIN007849","万向轮",null,2,"个",28,56,"巨野县兴强轴承销售中心",null,"张传朋","甘星允"]
["WIN007850","帮洁",null,2,"瓶",75,150,"巨野县金增百货商店",null,"张传朋","甘星允"]
[null,"胶皮手套",null,10,"双",4,40,"巨野县金增百货商店",null,"张传朋","甘星允"]
["WIN007851","液碱",null,1.35,"吨",1750,2362.5,"济宁铭优化工有限公司",null,"张传朋","甘星允"]
["WIN007852","加工轨道轮","240*100",2,"件",650,1300,"巨野县麒麟镇瑞麟机床加工厂",18253062776,"张传朋","甘星允"]
[null,"调质轴","68*2",1,"件",900,900,"巨野县麒麟镇瑞麟机床加工厂",18253062776,"张传朋","甘星允"]
["WIN007853","轴","50*276",4,"件",80,320,"巨野县麒麟镇瑞麟机床加工厂",18253062776,"张传朋","甘星允"]
[null,"穿筋模板","560*22",2,"套",3800,7600,"巨野县麒麟镇瑞麟机床加工厂",18253062776,"张传朋","甘星允"]
[{"$nulls":6},0]
[{"$nulls":6},0]
[{"$nulls":6},0]
[{"$nulls":6},0]
[{"$nulls":6},0]
[{"$nulls":6},0]
[{"$nulls":6},0]
[{"$nulls":6},0]
[{"$nulls":6},0]
[{"$nulls":6},0]
[{"$nulls":6},0]
[{"$nulls":6},0]
[{"$nulls":6},0]
[{"$nulls":6},0]
[{"$nulls":6},0]
[{"$nulls":6},0]
[{"$nulls":6},0]
[{"$nulls":6},0]
[{"$nulls":6},0]
[{"$nulls":6},0]
[{"$nulls":6},0]
[{"$nulls":6},0]
[{"$nulls":6},0]
[{"$nulls":6},0]
[{"$nulls":6},0]
[{"$nulls":6},0]
[{"$nulls":6},0]
[{"$nulls":6},0]
[{"$nulls":6},0]
[{"$nulls":6},0]
[{"$nulls":6},0]
[{"$nulls":6},0]
[{"$nulls":6},0]
[{"$nulls":6},0]
[{"$nulls":6},0]

{"sheet":"3.14","index":73,"n_rows":56,"n_cols":12,"rows_kept":56,"merged":[[0,0,0,11],[1,0,1,11],[2,0,2,11]],"flags":["formulas_cached_only"]}
["五金收料统计日报表"]
["日期： 2019  年 03月 14日                             填表人： 杨振华"]
["单位：江苏大力神管桩有限公司巨野分公司"]
["入库单号","品名","规格","数量","单位","单价","金额","供应商名称","联系方式","采购员","检验员","备注"]
["WIN007861","环氟棒","20#",7.1,"KG ",55,390.5,"济宁铭优化工有限公司",null,"张传朋","甘星允"]
["WIN007862","行程开关","K3/20S/B",1,"个",19,19,"巨野县正泰电器有限公司",null,"张传朋","甘星允"]
["WIN007863","小扫把",null,10,"把",6,60,"巨野县星良综合门市部",null,"张传朋","甘星允"]
["WIN007864","帮洁",null,30,"瓶",5,150,"巨野县金增百货商店",null,"张传朋","甘星允"]
["WIN007865","补充液","电瓶车充电器用",2,"箱",20,40,"巨野县老张电瓶经销售部",null,"张传朋","甘星允"]
["WIN007867","铁活接","25#",6,"个",3.5,21,"巨野县润润五金门市部",15764010540,"张传朋","甘星允"]
[null,"外牙直接","25#",6,"个",2,12,"巨野县润润五金门市部",15764010540,"张传朋","甘星允"]
["WIN007868","滚刷",null,10,"个",2,20,"巨野县润润五金门市部",15764010540,"张传朋","甘星允"]
["WIN007866","法兰","DN89",6,"片",13,78,"巨野县润润五金门市部",15764010540,"张传朋","甘星允"]
[null,"直接","16#",5,"个",3.5,17.5,"巨野县润润五金门市部",15764010540,"张传朋","甘星允"]
[null,"止回阀","DN15",4,"个",10,40,"巨野县润润五金门市部",15764010540,"张传朋","甘星允"]
[null,"碎布",null,2,"捆",75,150,"巨野县润润五金门市部",15764010540,"张传朋","甘星允"]
[{"$nulls":6},0]
[{"$nulls":6},0]
[{"$nulls":6},0]
[{"$nulls":6},0]
[{"$nulls":6},0]
[{"$nulls":6},0]
[{"$nulls":6},0]
[{"$nulls":6},0]
[{"$nulls":6},0]
[{"$nulls":6},0]
[{"$nulls":6},0]
[{"$nulls":6},0]
[{"$nulls":6},0]
[{"$nulls":6},0]
[{"$nulls":6},0]
[{"$nulls":6},0]
[{"$nulls":6},0]
[{"$nulls":6},0]
[{"$nulls":6},0]
[{"$nulls":6},0]
[{"$nulls":6},0]
[{"$nulls":6},0]
[{"$nulls":6},0]
[{"$nulls":6},0]
[{"$nulls":6},0]
[{"$nulls":6},0]
[{"$nulls":6},0]
[{"$nulls":6},0]
[{"$nulls":6},0]
[{"$nulls":6},0]
[{"$nulls":6},0]
[{"$nulls":6},0]
[{"$nulls":6},0]
[{"$nulls":6},0]
[{"$nulls":6},0]
[{"$nulls":6},0]
[{"$nulls":6},0]
[{"$nulls":6},0]
[{"$nulls":6},0]
[{"$nulls":6},0]

{"sheet":"3.15","index":74,"n_rows":56,"n_cols":12,"rows_kept":56,"merged":[[0,0,0,11],[1,0,1,11],[2,0,2,11]],"flags":["formulas_cached_only"]}
["五金收料统计日报表"]
["日期： 2019  年 03月 15日                             填表人： 杨振华"]
["单位：江苏大力神管桩有限公司巨野分公司"]
["入库单号","品名","规格","数量","单位","单价","金额","供应商名称","联系方式","采购员","检验员","备注"]
["WIN007877","角铁","5*5",1,"根",65,65,"巨野县大型管材钢板批发中心",null,"张传朋","甘星允"]
["WIN007878","毛刷",null,50,"个",2.5,125,"巨野县润润五金门市部",15764010540,"张传朋","甘星允"]
["WIN007879","帮洁",null,30,"瓶",5,150,"巨野县金增百货商店",null,"张传朋","甘星允"]
["WIN007880","绝缘皮",null,1,"捆",200,200,"巨野县豪德五金机电批发部",null,"张传朋","甘星允"]
["WIN007881","头灯",null,5,"个",25,125,"巨野县嘉盛五金机电",18753016988,"张传朋","甘星允"]
[null,"拖把","圆头",1,"个",5,5,"巨野县嘉盛五金机电",18753016988,"张传朋","甘星允"]
["WIN007882","拉码扳手","250#",1,"个",68,68,"巨野县泗春五金机电门市部",13561346099,"张传朋","甘星允"]
[null,"拉码扳手","300#",1,"个",78,78,"巨野县泗春五金机电门市部",13561346099,"张传朋","甘星允"]
[null,"双用扳手",24,3,"只",16,48,"巨野县泗春五金机电门市部",13561346099,"张传朋","甘星允"]
[null,"双用扳手",27,3,"只",20,60,"巨野县泗春五金机电门市部",13561346099,"张传朋","甘星允"]
[null,"8.8级内六角螺丝","10*100",100,"套",1.15,114.99999999999999,"巨野县泗春五金机电门市部",13561346099,"张传朋","甘星允"]
["WIN007883","8.8级高强螺丝","10*100",100,"套",1.65,165,"巨野县泗春五金机电门市部",13561346099,"张传朋","甘星允"]
[null,"焊条","4#",1,"箱",97,97,"巨野县泗春五金机电门市部",13561346099,"张传朋","甘星允"]
[null,"506焊条","4#",1,"箱",140,140,"巨野县泗春五金机电门市部",13561346099,"张传朋","甘星允"]
[null,"手拉葫芦","3T*3",1,"个",260,260,"巨野县泗春五金机电门市部",13561346099,"张传朋","甘星允"]
["WIN007884","气缸底座","双耳",4,"个",5,20,"巨野县润润五金门市部",15764010540,"张传朋","甘星允"]
[null,"法兰",15,2,"片",5,10,"巨野县润润五金门市部",15764010540,"张传朋","甘星允"]
["WIN007885","反渗透膜",null,500,"KG",8.3,4150,"天津市津达正源节能环保科技有限公司",null,"王成军","甘星允"]
["WIN007886","钢丝绳","15#",1,"捆",6700,6700,"徐州腾鸿物资贸易有限公司",null,"王成军","甘星允"]
[{"$nulls":6},0]
[{"$nulls":6},0]
[{"$nulls":6},0]
[{"$nulls":6},0]
[{"$nulls":6},0]
[{"$nulls":6},0]
[{"$nulls":6},0]
[{"$nulls":6},0]
[{"$nulls":6},0]
[{"$nulls":6},0]
[{"$nulls":6},0]
[{"$nulls":6},0]
[{"$nulls":6},0]
[{"$nulls":6},0]
[{"$nulls":6},0]
[{"$nulls":6},0]
[{"$nulls":6},0]
[{"$nulls":6},0]
[{"$nulls":6},0]
[{"$nulls":6},0]
[{"$nulls":6},0]
[{"$nulls":6},0]
[{"$nulls":6},0]
[{"$nulls":6},0]
[{"$nulls":6},0]
[{"$nulls":6},0]
[{"$nulls":6},0]
[{"$nulls":6},0]
[{"$nulls":6},0]
[{"$nulls":6},0]
[{"$nulls":6},0]
[{"$nulls":6},0]
[{"$nulls":6},0]

{"sheet":"3.16","index":75,"n_rows":56,"n_cols":12,"rows_kept":56,"merged":[[0,0,0,11],[1,0,1,11],[2,0,2,11]],"flags":["formulas_cached_only"]}
["五金收料统计日报表"]
["日期： 2019  年 03月 16日                             填表人： 杨振华"]
["单位：江苏大力神管桩有限公司巨野分公司"]
["入库单号","品名","规格","数量","单位","单价","金额","供应商名称","联系方式","采购员","检验员","备注"]
["WIN007887","小车从动轮","7.5+7.5吨 250#",1,"套",1500,1500,"徐州宏特起重设备有限公司",null,"王成军","甘星允"]
[{"$nulls":6},0]
[{"$nulls":6},0]
[{"$nulls":6},0]
[{"$nulls":6},0]
[{"$nulls":6},0]
[{"$nulls":6},0]
[{"$nulls":6},0]
[{"$nulls":6},0]
[{"$nulls":6},0]
[{"$nulls":6},0]
[{"$nulls":6},0]
[{"$nulls":6},0]
[{"$nulls":6},0]
[{"$nulls":6},0]
[{"$nulls":6},0]
[{"$nulls":6},0]
[{"$nulls":6},0]
[{"$nulls":6},0]
[{"$nulls":6},0]
[{"$nulls":6},0]
[{"$nulls":6},0]
[{"$nulls":6},0]
[{"$nulls":6},0]
[{"$nulls":6},0]
[{"$nulls":6},0]
[{"$nulls":6},0]
[{"$nulls":6},0]
[{"$nulls":6},0]
[{"$nulls":6},0]
[{"$nulls":6},0]
[{"$nulls":6},0]
[{"$nulls":6},0]
[{"$nulls":6},0]
[{"$nulls":6},0]
[{"$nulls":6},0]
[{"$nulls":6},0]
[{"$nulls":6},0]
[{"$nulls":6},0]
[{"$nulls":6},0]
[{"$nulls":6},0]
[{"$nulls":6},0]
[{"$nulls":6},0]
[{"$nulls":6},0]
[{"$nulls":6},0]
[{"$nulls":6},0]
[{"$nulls":6},0]
[{"$nulls":6},0]
[{"$nulls":6},0]
[{"$nulls":6},0]
[{"$nulls":6},0]
[{"$nulls":6},0]

{"sheet":"3.18","index":76,"n_rows":56,"n_cols":12,"rows_kept":56,"merged":[[0,0,0,11],[1,0,1,11],[2,0,2,11]],"flags":["formulas_cached_only"]}
["五金收料统计日报表"]
["日期： 2019  年 03月 18日                             填表人： 杨振华"]
["单位：江苏大力神管桩有限公司巨野分公司"]
["入库单号","品名","规格","数量","单位","单价","金额","供应商名称","联系方式","采购员","检验员","备注"]
["WIN007921","洗衣粉","7*20袋",140,"袋",1.65,231,"王敏针织百货批发",18361545509,"王成军","甘星允"]
["WIN007922","连轴器销轴","33*81加工件",6,"套",45,270,"巨野县麒麟镇瑞麟机床加工厂",18253062776,"张传朋","甘星允"]
["WIN007923","开口销","3*50",45,"斤",4.5,202.5,"巨野县兴强轴承销售中心",null,"张传朋","甘星允"]
["WIN007925","苏打水","24瓶/箱",1,"箱",64,64,"烨子超市",null,"张传朋","甘星允"]
["WIN007926","帮洁",null,30,"瓶",5,150,"付长贵",null,"张传朋","甘星允"]
[null,"纱窗",null,10,"米",3.5,35,"付长贵",null,"张传朋","甘星允"]
["WIN007927","三通","16#",26,"个",2.5,65,"巨野县兴强轴承销售中心",null,"张传朋","甘星允"]
[null,"轴承","6209哈尔滨",4,"个",17,68,"巨野县兴强轴承销售中心",null,"张传朋","甘星允"]
["WIN007928","氧气",null,13,"瓶",30,390,"巨野县巨泰气体二站",18765016777,"张传朋","甘星允"]
[null,"乙炔",null,6,"瓶",65,390,"巨野县巨泰气体二站",18765016777,"张传朋","甘星允"]
["WIN007929","减速机连接盘","145*67加工件",1,"件",220,220,"巨野县麒麟镇瑞麟机床加工厂",18253062776,"张传朋","甘星允"]
["WIN007930","大垃圾袋",null,4,"包",15,60,"付长贵",null,"张传朋","甘星允"]
[null,"小垃圾袋",null,20,"卷",2.5,50,"付长贵",null,"张传朋","甘星允"]
["WIN007931","快速接头","12--2",20,"个",2,40,"巨野县兴强轴承销售中心",null,"张传朋","甘星允"]
[null,"快速接头","12--4",50,"个",2.9,145,"巨野县兴强轴承销售中心",null,"张传朋","甘星允"]
[null,"直接","16#",50,"个",2.5,125,"巨野县兴强轴承销售中心",null,"张传朋","甘星允"]
["WIN007933","交流接触器","CJX2-6511  220V",2,"个",200,400,"巨野县乾兴机电批发中心",null,"张传朋","甘星允"]
[{"$nulls":6},0]
[{"$nulls":6},0]
[{"$nulls":6},0]
[{"$nulls":6},0]
[{"$nulls":6},0]
[{"$nulls":6},0]
[{"$nulls":6},0]
[{"$nulls":6},0]
[{"$nulls":6},0]
[{"$nulls":6},0]
[{"$nulls":6},0]
[{"$nulls":6},0]
[{"$nulls":6},0]
[{"$nulls":6},0]
[{"$nulls":6},0]
[{"$nulls":6},0]
[{"$nulls":6},0]
[{"$nulls":6},0]
[{"$nulls":6},0]
[{"$nulls":6},0]
[{"$nulls":6},0]
[{"$nulls":6},0]
[{"$nulls":6},0]
[{"$nulls":6},0]
[{"$nulls":6},0]
[{"$nulls":6},0]
[{"$nulls":6},0]
[{"$nulls":6},0]
[{"$nulls":6},0]
[{"$nulls":6},0]
[{"$nulls":6},0]
[{"$nulls":6},0]
[{"$nulls":6},0]
[{"$nulls":6},0]
[{"$nulls":6},0]

{"sheet":"3.20","index":77,"n_rows":56,"n_cols":12,"rows_kept":56,"merged":[[0,0,0,11],[1,0,1,11],[2,0,2,11]],"flags":["formulas_cached_only"]}
["五金收料统计日报表"]
["日期： 2019  年 03月 20日                             填表人： 杨振华"]
["单位：江苏大力神管桩有限公司巨野分公司"]
["入库单号","品名","规格","数量","单位","单价","金额","供应商名称","联系方式","采购员","检验员","备注"]
["WIN007952","铸钢法兰止回阀","40#",1,"个",195,195,"巨野县润润五金门市部",15764010540,"王成军","甘星允"]
[null,"法兰闸门铸钢","40#",3,"个",195,585,"巨野县润润五金门市部",15764010540,"张传朋","甘星允"]
[null,"电磁阀","4V410-15",4,"个",65,260,"巨野县润润五金门市部",15764010540,"张传朋","甘星允"]
["WIN007953","小型断路器","NXB-3P-63A",10,"个",27,270,"巨野县乾兴机电批发中心",null,"张传朋","甘星允"]
["WIN007954","砂纸",null,20,"张",0.8,16,"巨野县兴强轴承销售中心",null,"张传朋","甘星允"]
["WIN007955","墨汁",null,24,"瓶",1,24,"巨野县晨风文具商行",null,"张传朋","甘星允"]
[null,"订书机",null,1,"个",2.5,2.5,"巨野县晨风文具商行",null,"张传朋","甘星允"]
[null,"订书钉",null,10,"盒",1.5,15,"巨野县晨风文具商行",null,"张传朋","甘星允"]
["WIN007956","拖把",null,10,"个",6.5,65,"付长贵",null,"张传朋","甘星允"]
["WIN007957","口取纸","标签贴纸",1,"包",10,10,"巨野县宏凯文体用品商行",null,"张传朋","甘星允"]
["WIN007958","空气滤芯","LV4008A",10,"个",32,320,"巨野县润润五金门市部",15764010540,"张传朋","甘星允"]
["WIN007959","安全带",null,5,"条",25,125,"巨野县嘉盛五金机电",18753016988,"张传朋","甘星允"]
[null,"蛇皮管","25#",1,"盘",110,110,"巨野县嘉盛五金机电",18753016988,"张传朋","甘星允"]
["WIN007960","黄油（长城牌）","00号 15公斤",2,"桶",200,400,"张中奎",null,"张传朋","甘星允"]
["WIN007961","领料单","3联",100,"本",100,10000,"巨野县云波打字社",13573033199,"张传朋","甘星允"]
[null,"物资请购单","3联",200,"本",200,40000,"巨野县云波打字社",13573033199,"张传朋","甘星允"]
["WIN007962","起重机控制台","QT四机构",2,"台",5200,10400,"浙江箭环电气开关有限公司",null,"王成军","甘星允"]
[{"$nulls":6},0]
[{"$nulls":6},0]
[{"$nulls":6},0]
[{"$nulls":6},0]
[{"$nulls":6},0]
[{"$nulls":6},0]
[{"$nulls":6},0]
[{"$nulls":6},0]
[{"$nulls":6},0]
[{"$nulls":6},0]
[{"$nulls":6},0]
[{"$nulls":6},0]
[{"$nulls":6},0]
[{"$nulls":6},0]
[{"$nulls":6},0]
[{"$nulls":6},0]
[{"$nulls":6},0]
[{"$nulls":6},0]
[{"$nulls":6},0]
[{"$nulls":6},0]
[{"$nulls":6},0]
[{"$nulls":6},0]
[{"$nulls":6},0]
[{"$nulls":6},0]
[{"$nulls":6},0]
[{"$nulls":6},0]
[{"$nulls":6},0]
[{"$nulls":6},0]
[{"$nulls":6},0]
[{"$nulls":6},0]
[{"$nulls":6},0]
[{"$nulls":6},0]
[{"$nulls":6},0]
[{"$nulls":6},0]
[{"$nulls":6},0]

{"sheet":"3.22","index":78,"n_rows":56,"n_cols":12,"rows_kept":56,"merged":[[0,0,0,11],[1,0,1,11],[2,0,2,11]],"flags":["formulas_cached_only"]}
["五金收料统计日报表"]
["日期： 2019  年 03月 22日                             填表人： 杨振华"]
["单位：江苏大力神管桩有限公司巨野分公司"]
["入库单号","品名","规格","数量","单位","单价","金额","供应商名称","联系方式","采购员","检验员","备注"]
["WIN007971","自吸泵","1.5KW",1,"台",260,260,"巨野县德重电器维修中心",13561346067,"张传朋","甘星允"]
["WIN007972","506焊条","4#",1,"箱",140,140,"巨野县泗春五金机电门市部",13561346099,"张传朋","甘星允"]
[null,"焊条","4#",1,"箱",97,97,"巨野县泗春五金机电门市部",13561346099,"张传朋","甘星允"]
["WIN007973","磨片",100,25,"个",1.65,41.25,"巨野县泗春五金机电门市部",13561346099,"张传朋","甘星允"]
[null,"8.8级螺母","M36",50,"个",2.8,140,"巨野县泗春五金机电门市部",13561346099,"张传朋","甘星允"]
[null,"轴承","22224CA",4,"套",260,1040,"巨野县泗春五金机电门市部",13561346099,"张传朋","甘星允"]
[null,"轴承","22217#",4,"个",125,500,"巨野县泗春五金机电门市部",13561346099,"张传朋","甘星允"]
[null,"轴承","1982-09-23",4,"个",59,236,"巨野县泗春五金机电门市部",13561346099,"张传朋","甘星允"]
["WIN007974","8.8级内六角螺丝","10*30",50,"套",0.45,22.5,"巨野县泗春五金机电门市部",13561346099,"张传朋","甘星允"]
[null,"8.8级内六角螺丝","8*30",50,"套",0.28,14.000000000000002,"巨野县泗春五金机电门市部",13561346099,"张传朋","甘星允"]
[null,"8.8级内六角螺丝","10*35",50,"套",0.48,24,"巨野县泗春五金机电门市部",13561346099,"张传朋","甘星允"]
[null,"8.8级高强螺丝","16*80",30,"套",1.63,48.9,"巨野县泗春五金机电门市部",13561346099,"张传朋","甘星允"]
[null,"8.8级高强螺丝","16*90",30,"套",1.85,55.5,"巨野县泗春五金机电门市部",13561346099,"张传朋","甘星允"]
["WIN007975","8.8级高强螺丝","10*30",50,"套",0.44,22,"巨野县泗春五金机电门市部",13561346099,"张传朋","甘星允"]
[null,"8.8级高强螺丝","12*50",40,"套",0.7,28,"巨野县泗春五金机电门市部",13561346099,"张传朋","甘星允"]
[null,"轴承座","1508（2208）",2,"个",18,36,"巨野县泗春五金机电门市部",13561346099,"张传朋","甘星允"]
[null,"轴承","UCP309",4,"套",80,320,"巨野县泗春五金机电门市部",13561346099,"张传朋","甘星允"]
["WIN007976","胶",801,6,"袋",15,90,"巨野县亚美涂料",null,"张传朋","甘星允"]
["WIN007977","环形接头",null,4,"个",5,20,"巨野县润润五金门市部",15764010540,"张传朋","甘星允"]
["WIN007978","电铃","CMS-390",7,"个",79,553,"乐清市聚港电子仪器厂",null,"张传朋","甘星允"]
["WIN007979","接线轴","200#",4,"个",5,20,"巨野县德重电器维修中心",13561346067,"张传朋","甘星允"]
[null,"电机风叶","5.5KW",4,"个",4,16,"巨野县德重电器维修中心",13561346067,"张传朋","甘星允"]
[{"$nulls":6},0]
[{"$nulls":6},0]
[{"$nulls":6},0]
[{"$nulls":6},0]
[{"$nulls":6},0]
[{"$nulls":6},0]
[{"$nulls":6},0]
[{"$nulls":6},0]
[{"$nulls":6},0]
[{"$nulls":6},0]
[{"$nulls":6},0]
[{"$nulls":6},0]
[{"$nulls":6},0]
[{"$nulls":6},0]
[{"$nulls":6},0]
[{"$nulls":6},0]
[{"$nulls":6},0]
[{"$nulls":6},0]
[{"$nulls":6},0]
[{"$nulls":6},0]
[{"$nulls":6},0]
[{"$nulls":6},0]
[{"$nulls":6},0]
[{"$nulls":6},0]
[{"$nulls":6},0]
[{"$nulls":6},0]
[{"$nulls":6},0]
[{"$nulls":6},0]
[{"$nulls":6},0]
[{"$nulls":6},0]

{"sheet":"3.23","index":79,"n_rows":56,"n_cols":12,"rows_kept":56,"merged":[[0,0,0,11],[1,0,1,11],[2,0,2,11]],"flags":["formulas_cached_only"]}
["五金收料统计日报表"]
["日期： 2019  年 03月 22日                             填表人： 杨振华"]
["单位：江苏大力神管桩有限公司巨野分公司"]
["入库单号","品名","规格","数量","单位","单价","金额","供应商名称","联系方式","采购员","检验员","备注"]
["WIN007985","氧气",null,8,"瓶",30,240,"巨野县巨泰气体二站",18765016777,"张传朋","甘星允"]
[null,"乙炔",null,10,"瓶",65,650,"巨野县巨泰气体二站",18765016777,"张传朋","甘星允"]
["WIN007986","链条","10A-1",2,"条",45,90,"巨野县纪豪轴承批发部",null,"张传朋","甘星允"]
["WIN007987","铁锨头",null,12,"个",15,180,"巨野县嘉盛五金机电",18753016988,"张传朋","甘星允"]
[null,"铁锨杆",null,12,"把",10,120,"巨野县嘉盛五金机电",18753016988,"张传朋","甘星允"]
["WIN007988","轴承",22224,7,"个",260,1820,"巨野县兴强轴承销售中心",null,"张传朋","甘星允"]
[{"$nulls":6},0]
[{"$nulls":6},0]
[{"$nulls":6},0]
[{"$nulls":6},0]
[{"$nulls":6},0]
[{"$nulls":6},0]
[{"$nulls":6},0]
[{"$nulls":6},0]
[{"$nulls":6},0]
[{"$nulls":6},0]
[{"$nulls":6},0]
[{"$nulls":6},0]
[{"$nulls":6},0]
[{"$nulls":6},0]
[{"$nulls":6},0]
[{"$nulls":6},0]
[{"$nulls":6},0]
[{"$nulls":6},0]
[{"$nulls":6},0]
[{"$nulls":6},0]
[{"$nulls":6},0]
[{"$nulls":6},0]
[{"$nulls":6},0]
[{"$nulls":6},0]
[{"$nulls":6},0]
[{"$nulls":6},0]
[{"$nulls":6},0]
[{"$nulls":6},0]
[{"$nulls":6},0]
[{"$nulls":6},0]
[{"$nulls":6},0]
[{"$nulls":6},0]
[{"$nulls":6},0]
[{"$nulls":6},0]
[{"$nulls":6},0]
[{"$nulls":6},0]
[{"$nulls":6},0]
[{"$nulls":6},0]
[{"$nulls":6},0]
[{"$nulls":6},0]
[{"$nulls":6},0]
[{"$nulls":6},0]
[{"$nulls":6},0]
[{"$nulls":6},0]
[{"$nulls":6},0]
[{"$nulls":6},0]

{"sheet":"3.25","index":80,"n_rows":56,"n_cols":12,"rows_kept":56,"merged":[[0,0,0,11],[1,0,1,11],[2,0,2,11]],"flags":["formulas_cached_only"]}
["五金收料统计日报表"]
["日期： 2019  年 03月 25日                             填表人： 杨振华"]
["单位：江苏大力神管桩有限公司巨野分公司"]
["入库单号","品名","规格","数量","单位","单价","金额","供应商名称","联系方式","采购员","检验员","备注"]
["WIN008002","拉丝模",5.8,50,"个",45,2250,"马鞍山顺昌机械科技有限公司",null,"王成军","甘星允"]
[null,"拉丝模",5,50,"个",45,2250,"马鞍山顺昌机械科技有限公司",null,"王成军","甘星允"]
[null,"拉丝模",4.2,2,"个",45,90,"马鞍山顺昌机械科技有限公司",null,"王成军","甘星允"]
[null,"压型模","130#",2,"个",1460,2920,"马鞍山顺昌机械科技有限公司",null,"王成军","甘星允"]
[null,"压型模","150#",12,"付",1460,17520,"马鞍山顺昌机械科技有限公司",null,"王成军","甘星允"]
["WIN008003","轴承压盖（加工件）","245*40",2,"付",220,440,"巨野县麒麟镇瑞麟机床加工厂",18253062776,"张传朋","甘星允"]
["WIN008004","调质二次分料轴轴（加工件）","65*2.36米",1,"个",900,900,"巨野县麒麟镇瑞麟机床加工厂",18253062776,"张传朋","甘星允"]
["WIN008005","平车轴（加工件）","75*760",2,"件",350,700,"巨野县麒麟镇瑞麟机床加工厂",18253062776,"张传朋","甘星允"]
[null,"航吊板（加工件）","90*220",6,"件",60,360,"巨野县麒麟镇瑞麟机床加工厂",18253062776,"张传朋","甘星允"]
[null,"立轴（加工件）","35*78",6,"件",40,240,"巨野县麒麟镇瑞麟机床加工厂",18253062776,"张传朋","甘星允"]
["WIN008006","销轴（加工件）","20*135",6,"件",20,120,"巨野县麒麟镇瑞麟机床加工厂",18253062776,"张传朋","甘星允"]
[null,"丝轴（加工件）","45*125",4,"件",50,200,"巨野县麒麟镇瑞麟机床加工厂",18253062776,"张传朋","甘星允"]
[null,"丝轴（加工件）","50*210",4,"件",70,280,"巨野县麒麟镇瑞麟机床加工厂",18253062776,"张传朋","甘星允"]
[null,"托轮（加工件）","100*57",4,"件",70,280,"巨野县麒麟镇瑞麟机床加工厂",18253062776,"张传朋","甘星允"]
[null,"航吊板（加工件）","530*16",4,"件",80,320,"巨野县麒麟镇瑞麟机床加工厂",18253062776,"张传朋","甘星允"]
[{"$nulls":6},0]
[{"$nulls":6},0]
[{"$nulls":6},0]
[{"$nulls":6},0]
[{"$nulls":6},0]
[{"$nulls":6},0]
[{"$nulls":6},0]
[{"$nulls":6},0]
[{"$nulls":6},0]
[{"$nulls":6},0]
[{"$nulls":6},0]
[{"$nulls":6},0]
[{"$nulls":6},0]
[{"$nulls":6},0]
[{"$nulls":6},0]
[{"$nulls":6},0]
[{"$nulls":6},0]
[{"$nulls":6},0]
[{"$nulls":6},0]
[{"$nulls":6},0]
[{"$nulls":6},0]
[{"$nulls":6},0]
[{"$nulls":6},0]
[{"$nulls":6},0]
[{"$nulls":6},0]
[{"$nulls":6},0]
[{"$nulls":6},0]
[{"$nulls":6},0]
[{"$nulls":6},0]
[{"$nulls":6},0]
[{"$nulls":6},0]
[{"$nulls":6},0]
[{"$nulls":6},0]
[{"$nulls":6},0]
[{"$nulls":6},0]
[{"$nulls":6},0]
[{"$nulls":6},0]

{"sheet":"3.28","index":81,"n_rows":56,"n_cols":12,"rows_kept":56,"merged":[[0,0,0,11],[1,0,1,11],[2,0,2,11]],"flags":["formulas_cached_only"]}
["五金收料统计日报表"]
["日期： 2019  年 03月 28日                             填表人： 杨振华"]
["单位：江苏大力神管桩有限公司巨野分公司"]
["入库单号","品名","规格","数量","单位","单价","金额","供应商名称","联系方式","采购员","检验员","备注"]
["WIN008027","工业用盐","50KG",5000,"KG ",0.48,2400,"巨野县盐业公司",null,"张传朋","甘星允"]
["WIN008028","链条扣","12A-2",20,"个",1.5,30,"巨野县纪豪轴承批发部",null,"张传朋","甘星允"]
["WIN008029","墩头机密封圈","J70",2,"个",3,6,"巨野县派龙工程机械门市部",null,"张传朋","甘星允"]
[null,"墩头机密封圈","STD70",2,"个",3,6,"巨野县派龙工程机械门市部",null,"张传朋","甘星允"]
[null,"墩头机密封圈","导向",4,"个",12,48,"巨野县派龙工程机械门市部",null,"张传朋","甘星允"]
[null,"墩头机密封圈","110*5.7",4,"个",1,4,"巨野县派龙工程机械门市部",null,"张传朋","甘星允"]
[null,"墩头机密封圈","60*5.7",2,"个",1,2,"巨野县派龙工程机械门市部",null,"张传朋","甘星允"]
["WIN008030","增压机密封圈","40*50*6",2,"个",3,6,"巨野县派龙工程机械门市部",null,"张传朋","甘星允"]
[null,"增压机密封圈","60*3.5",4,"个",0.3,1.2,"巨野县派龙工程机械门市部",null,"张传朋","甘星允"]
[null,"增压机密封圈","70*3.1",2,"个",0.3,0.6,"巨野县派龙工程机械门市部",null,"张传朋","甘星允"]
[null,"增压机密封圈","50*3.1",2,"个",0.3,0.6,"巨野县派龙工程机械门市部",null,"张传朋","甘星允"]
["WIN008031","增压机密封圈","200*5.7",4,"个",1.5,6,"巨野县派龙工程机械门市部",null,"张传朋","甘星允"]
[null,"增压机密封圈","200.3.1",6,"个",1,6,"巨野县派龙工程机械门市部",null,"张传朋","甘星允"]
[null,"增压机密封圈","STD110*6",2,"个",15,30,"巨野县派龙工程机械门市部",null,"张传朋","甘星允"]
["WIN008032","电动机","5.5KW-4P",2,"台",1150,2300,"上海浦南减速器总厂",null,"王成军","甘星允"]
["WIN008033","减速机-轴","400#",1,"件",140,140,"嘉祥县晓国五金机电经营部",null,"张传朋","甘星允"]
[null,"注销螺丝","12#",6,"个",4,24,"嘉祥县晓国五金机电经营部",null,"张传朋","甘星允"]
["WIN008034","直接","16#",50,"个",2.5,125,"巨野县润润五金门市部",15764010540,"张传朋","甘星允"]
[null,"压力式温度计","WT2-288",4,"个",45,180,"巨野县润润五金门市部",15764010540,"张传朋","甘星允"]
["WIN008035","AB胶",null,2,"支",10,20,"嘉祥县恒祥五金油漆销售处",null,"张传朋","甘星允"]
["WIN008036","打击块","400#泰田风炮配件",20,"个",75,1500,"南京立泽机电设备有限公司",null,"王成军","甘星允"]
[null,"前壳","400#泰田风炮配件",10,"个",140,1400,"南京立泽机电设备有限公司",null,"张传朋","甘星允"]
[null,"前纸垫","400#泰田风炮配件",20,"张",2,40,"南京立泽机电设备有限公司",null,"张传朋","甘星允"]
[{"$nulls":6},0]
[{"$nulls":6},0]
[{"$nulls":6},0]
[{"$nulls":6},0]
[{"$nulls":6},0]
[{"$nulls":6},0]
[{"$nulls":6},0]
[{"$nulls":6},0]
[{"$nulls":6},0]
[{"$nulls":6},0]
[{"$nulls":6},0]
[{"$nulls":6},0]
[{"$nulls":6},0]
[{"$nulls":6},0]
[{"$nulls":6},0]
[{"$nulls":6},0]
[{"$nulls":6},0]
[{"$nulls":6},0]
[{"$nulls":6},0]
[{"$nulls":6},0]
[{"$nulls":6},0]
[{"$nulls":6},0]
[{"$nulls":6},0]
[{"$nulls":6},0]
[{"$nulls":6},0]
[{"$nulls":6},0]
[{"$nulls":6},0]
[{"$nulls":6},0]
[{"$nulls":6},0]

{"sheet":"4.02","index":82,"n_rows":56,"n_cols":12,"rows_kept":56,"merged":[[0,0,0,11],[1,0,1,11],[2,0,2,11]],"flags":["formulas_cached_only"]}
["五金收料统计日报表"]
["日期： 2019  年 04月 01日                             填表人： 杨振华"]
["单位：江苏大力神管桩有限公司巨野分公司"]
["入库单号","品名","规格","数量","单位","单价","金额","供应商名称","联系方式","采购员","检验员","备注"]
["WIN008059","铜盘","400#",2,"个",1200,2400,"南京椒菱机械有限公司",null,"张传朋","甘星允"]
["WIN008060","氧气",null,10,"瓶",30,300,"巨野县巨泰气体二站",18765016777,"张传朋","甘星允"]
[null,"乙炔",null,5,"瓶",65,325,"巨野县巨泰气体二站",18765016777,"张传朋","甘星允"]
["WIN008061","塑料布","4米*0.1",40.4,"KG",11,444.4,"杨体君塑料制品门市部",null,"张传朋","甘星允"]
["WIN008062","热镀锌管","40#",3,"根",110,330,"巨野县大型管材钢板批发中心",null,"张传朋","甘星允"]
["WIN008063","胶",801,6,"袋",15,90,"巨野县亚美涂料",null,"张传朋","甘星允"]
["WIN008064","毛笔",null,100,"个",0.8,80,"巨野县风雷办公用品门市部",null,"张传朋","甘星允"]
["WIN008065","大扫把",null,10,"把",15,150,"巨野县银河电料五金门市部",null,"张传朋","甘星允"]
["WIN008066","小扫把",null,10,"把",6,60,"巨野县孔磊土产门市部",null,"张传朋","甘星允"]
["WIN008067","打印纸","A4",2,"箱",130,260,"巨野县晨风文具商行",null,"张传朋","甘星允"]
[null,"订书机",null,1,"个",15,15,"巨野县晨风文具商行",null,"张传朋","甘星允"]
[null,"圆珠笔芯",null,1,"盒",10,10,"巨野县晨风文具商行",null,"张传朋","甘星允"]
[null,"圆珠笔",null,1,"盒",10,10,"巨野县晨风文具商行",null,"张传朋","甘星允"]
[null,"皮筋",null,1,"袋",10,10,"巨野县晨风文具商行",null,"张传朋","甘星允"]
["WIN008068","黄油","0号",2,"桶",200,400,"张中奎",null,"张传朋","甘星允"]
["WIN008069","O型圈","300*8.6",2,"个",6,12,"巨野县派龙工程机械门市部",null,"张传朋","甘星允"]
["WIN008070","安全帽",null,5,"个",18,90,"巨野县嘉盛五金机电",18753016988,"张传朋","甘星允"]
[null,"LED灯","100W",1,"个",150,150,"巨野县嘉盛五金机电",18753016988,"张传朋","甘星允"]
[null,"钢丝绳","8#",40,"米",2,80,"巨野县嘉盛五金机电",18753016988,"张传朋","甘星允"]
["WIN008071","联轴器","3T",1,"个",65,65,"巨野县派龙工程机械门市部",null,"张传朋","甘星允"]
[null,"二节套",null,2,"个",20,40,"巨野县派龙工程机械门市部",null,"张传朋","甘星允"]
[null,"缓冲垫",null,2,"个",2,4,"巨野县派龙工程机械门市部",null,"张传朋","甘星允"]
["WIN008079","钢板","2mm*1.5*4",12,"张",340,4080,"嘉祥县方兵钢板经营部",null,"张传朋","甘星允"]
[null,"钢板","2mm*1.5*3",2,"张",255,510,"嘉祥县方兵钢板经营部",null,"张传朋","甘星允"]
["WIN008080","工字钢","I20B",3,"支",650,1950,"嘉祥县东关钢材销售处高青云",null,"张传朋","甘星允"]
[null,"热轧槽钢","10#",4,"支",220,880,"嘉祥县东关钢材销售处高青云",null,"张传朋","甘星允"]
[null,"道轨","38#",4,"支",2180,8720,"嘉祥县东关钢材销售处高青云",null,"张传朋","甘星允"]
["WIN008081","气动蝶阀","90#",1,"个",50,50,"巨野县德春水暖五金门市部",null,"张传朋","甘星允"]
[null,"华亚胶水",null,1,"瓶",15,15,"巨野县德春水暖五金门市部",null,"张传朋","甘星允"]
[null,"法兰连接","90PU",2,"个",35,70,"巨野县德春水暖五金门市部",null,"张传朋","甘星允"]
[null,"弯头","90PU",2,"个",18,36,"巨野县德春水暖五金门市部",null,"张传朋","甘星允"]
[{"$nulls":6},0]
[{"$nulls":6},0]
[{"$nulls":6},0]
[{"$nulls":6},0]
[{"$nulls":6},0]
[{"$nulls":6},0]
[{"$nulls":6},0]
[{"$nulls":6},0]
[{"$nulls":6},0]
[{"$nulls":6},0]
[{"$nulls":6},0]
[{"$nulls":6},0]
[{"$nulls":6},0]
[{"$nulls":6},0]
[{"$nulls":6},0]
[{"$nulls":6},0]
[{"$nulls":6},0]
[{"$nulls":6},0]
[{"$nulls":6},0]
[{"$nulls":6},0]
[{"$nulls":6},0]

{"sheet":"4.03","index":83,"n_rows":56,"n_cols":12,"rows_kept":56,"merged":[[0,0,0,11],[1,0,1,11],[2,0,2,11]],"flags":["formulas_cached_only"]}
["五金收料统计日报表"]
["日期： 2019  年 04月 02日                             填表人： 杨振华"]
["单位：江苏大力神管桩有限公司巨野分公司"]
["入库单号","品名","规格","数量","单位","单价","金额","供应商名称","联系方式","采购员","检验员","备注"]
["WIN008093","计算机",null,1,"个",35,35,"巨野县晨风文具商行",null,"张传朋","甘星允"]
["WIN008094","轴承","22224CA",6,"套",260,1560,"巨野县泗春五金机电门市部",13561346099,"张传朋","甘星允"]
[null,"轴承",30217,10,"个",59,590,"巨野县泗春五金机电门市部",13561346099,"张传朋","甘星允"]
[null,"风炮套头","36#",1,"个",37,37,"巨野县泗春五金机电门市部",13561346099,"张传朋","甘星允"]
[null,"密封胶",588,25,"个",6,150,"巨野县泗春五金机电门市部",13561346099,"张传朋","甘星允"]
[null,"生胶带",null,50,"个",1.2,60,"巨野县泗春五金机电门市部",13561346099,"张传朋","甘星允"]
["WIN008095","活口扳手","300#",2,"把",18,36,"巨野县泗春五金机电门市部",13561346099,"张传朋","甘星允"]
[null,"轴承","1917-07-17",3,"个",37,111,"巨野县泗春五金机电门市部",13561346099,"张传朋","甘星允"]
["WIN008096","链条","12#双排",1,"个",160,160,"巨野县泗春五金机电门市部",13561346099,"张传朋","甘星允"]
[null,"游标卡尺","1米",1,"把",430,430,"巨野县泗春五金机电门市部",13561346099,"张传朋","甘星允"]
[null,"链条","12#单排",2,"个",42.5,85,"巨野县泗春五金机电门市部",13561346099,"张传朋","甘星允"]
["WIN008097","皮手套",null,700,"双",3.5,2450,"临沂市福伟劳保五金工具",null,"张传朋","甘星允"]
[null,"口罩",null,140,"个",0.26,36.4,"临沂市福伟劳保五金工具",null,"张传朋","甘星允"]
[null,"线手套",null,100,"双",0.46,46,"临沂市福伟劳保五金工具",null,"张传朋","甘星允"]
[{"$nulls":6},0]
[{"$nulls":6},0]
[{"$nulls":6},0]
[{"$nulls":6},0]
[{"$nulls":6},0]
[{"$nulls":6},0]
[{"$nulls":6},0]
[{"$nulls":6},0]
[{"$nulls":6},0]
[{"$nulls":6},0]
[{"$nulls":6},0]
[{"$nulls":6},0]
[{"$nulls":6},0]
[{"$nulls":6},0]
[{"$nulls":6},0]
[{"$nulls":6},0]
[{"$nulls":6},0]
[{"$nulls":6},0]
[{"$nulls":6},0]
[{"$nulls":6},0]
[{"$nulls":6},0]
[{"$nulls":6},0]
[{"$nulls":6},0]
[{"$nulls":6},0]
[{"$nulls":6},0]
[{"$nulls":6},0]
[{"$nulls":6},0]
[{"$nulls":6},0]
[{"$nulls":6},0]
[{"$nulls":6},0]
[{"$nulls":6},0]
[{"$nulls":6},0]
[{"$nulls":6},0]
[{"$nulls":6},0]
[{"$nulls":6},0]
[{"$nulls":6},0]
[{"$nulls":6},0]
[{"$nulls":6},0]

{"sheet":"4.4","index":84,"n_rows":56,"n_cols":12,"rows_kept":56,"merged":[[0,0,0,11],[1,0,1,11],[2,0,2,11]],"flags":["formulas_cached_only"]}
["五金收料统计日报表"]
["日期： 2019  年 04月 03日                             填表人： 杨振华"]
["单位：江苏大力神管桩有限公司巨野分公司"]
["入库单号","品名","规格","数量","单位","单价","金额","供应商名称","联系方式","采购员","检验员","备注"]
["WIN008107","墩头","38*50",50,"个",37,1850,"南京椒菱机械有限公司",null,"王成军","甘星允"]
["WIN008110","氧气",null,8,"瓶",30,240,"巨野县巨泰气体二站",18765016777,"张传朋","甘星允"]
[null,"乙炔",null,2,"瓶",65,130,"巨野县巨泰气体二站",18765016777,"张传朋","甘星允"]
[{"$nulls":6},0]
[{"$nulls":6},0]
[{"$nulls":6},0]
[{"$nulls":6},0]
[{"$nulls":6},0]
[{"$nulls":6},0]
[{"$nulls":6},0]
[{"$nulls":6},0]
[{"$nulls":6},0]
[{"$nulls":6},0]
[{"$nulls":6},0]
[{"$nulls":6},0]
[{"$nulls":6},0]
[{"$nulls":6},0]
[{"$nulls":6},0]
[{"$nulls":6},0]
[{"$nulls":6},0]
[{"$nulls":6},0]
[{"$nulls":6},0]
[{"$nulls":6},0]
[{"$nulls":6},0]
[{"$nulls":6},0]
[{"$nulls":6},0]
[{"$nulls":6},0]
[{"$nulls":6},0]
[{"$nulls":6},0]
[{"$nulls":6},0]
[{"$nulls":6},0]
[{"$nulls":6},0]
[{"$nulls":6},0]
[{"$nulls":6},0]
[{"$nulls":6},0]
[{"$nulls":6},0]
[{"$nulls":6},0]
[{"$nulls":6},0]
[{"$nulls":6},0]
[{"$nulls":6},0]
[{"$nulls":6},0]
[{"$nulls":6},0]
[{"$nulls":6},0]
[{"$nulls":6},0]
[{"$nulls":6},0]
[{"$nulls":6},0]
[{"$nulls":6},0]
[{"$nulls":6},0]
[{"$nulls":6},0]
[{"$nulls":6},0]
[{"$nulls":6},0]
[{"$nulls":6},0]

{"sheet":"4.09","index":85,"n_rows":56,"n_cols":12,"rows_kept":56,"merged":[[0,0,0,11],[1,0,1,11],[2,0,2,11]],"flags":["formulas_cached_only"]}
["五金收料统计日报表"]
["日期： 2019  年 04月 09日                             填表人： 杨振华"]
["单位：江苏大力神管桩有限公司巨野分公司"]
["入库单号","品名","规格","数量","单位","单价","金额","供应商名称","联系方式","采购员","检验员","备注"]
["WIN008148","阀组","G10",10,"个",22,220,"济宁聚旺矿山设备有限公司",null,"王成军","甘星允"]
[null,"缸体","G10",6,"个",85,510,"济宁聚旺矿山设备有限公司",null,"王成军","甘星允"]
[null,"阀柜垫片","G10",10,"个",2.6,26,"济宁聚旺矿山设备有限公司",null,"王成军","甘星允"]
[null,"阻塞阀","G10",10,"个",2,20,"济宁聚旺矿山设备有限公司",null,"王成军","甘星允"]
["WIN008149","定位销","G10",20,"个",0.5,10,"济宁聚旺矿山设备有限公司",null,"王成军","甘星允"]
[null,"镐柄弹簧","G10",20,"个",0.5,10,"济宁聚旺矿山设备有限公司",null,"王成军","甘星允"]
[null,"头部弹簧","G10",10,"个",5.5,55,"济宁聚旺矿山设备有限公司",null,"王成军","甘星允"]
["WIN008152","敲击扳手","1900-02-24",1,"把",55,55,"巨野县德航五金电料门市部",null,"张传朋","甘星允"]
[null,"钢锯条",null,1,"盒",28,28,"巨野县德航五金电料门市部",null,"张传朋","甘星允"]
["WIN008153","PVC线管","16#",2,"根",4,8,"唯泽建材水暖城",17865405333,"张传朋","甘星允"]
["WIN008154","氧气管",null,4,"盘",85,340,"巨野县泗春五金机电门市部",13561346099,"张传朋","甘星允"]
[null,"螺纹紧固剂",null,4,"瓶",9,36,"巨野县泗春五金机电门市部",13561346099,"张传朋","甘星允"]
[null,"螺丝松动剂",null,24,"个",6.25,150,"巨野县泗春五金机电门市部",13561346099,"张传朋","甘星允"]
["WIN008155","电焊玻璃镜片白",null,20,"个",2,40,"巨野县嘉盛五金机电",18753016988,"张传朋","甘星允"]
[null,"剪子",null,1,"把",25,25,"巨野县嘉盛五金机电",18753016988,"张传朋","甘星允"]
["WIN008156","截止阀","DN80",1,"个",130,130,"巨野县精特阀门有限公司",null,"张传朋","甘星允"]
["WIN008157","钢丝绳","6#",60,"米",2,120,"巨野县嘉盛五金机电",18753016988,"张传朋","甘星允"]
["WIN008158","轴承",22217,4,"个",125,500,"巨野县兴强轴承销售中心",null,"张传朋","甘星允"]
[null,"轴承",30217,8,"个",59,472,"巨野县兴强轴承销售中心",null,"张传朋","甘星允"]
[null,"直接","16#",50,"个",2.5,125,"巨野县兴强轴承销售中心",null,"张传朋","甘星允"]
["WIN008159","压力表","Y-150  2.5MPA",7,"个",50,350,"巨野县润润五金门市部",15764010540,"张传朋","甘星允"]
[null,"压力式温度计","WTQ-280",7,"个",45,315,"巨野县润润五金门市部",15764010540,"张传朋","甘星允"]
["WIN008160","氧气",null,10,"瓶",30,300,"巨野县巨泰气体二站",18765016777,"张传朋","甘星允"]
[null,"乙炔",null,2,"瓶",65,130,"巨野县巨泰气体二站",18765016777,"张传朋","甘星允"]
["WIN008161","水泵压盖","140*30",1,"件",80,80,"巨野县麒麟镇瑞麟机床加工厂",18253062776,"张传朋","甘星允"]
["WIN008162","胶",801,6,"袋",15,90,"巨野县亚美涂料",null,"张传朋","甘星允"]
["WIN008174","小车主动轮","250#",1,"套",1500,1500,"徐州宏特起重机械有限公司",null,"王成军","甘星允"]
[null,"小车从动轮","250#",1,"套",1600,1600,"徐州宏特起重机械有限公司",null,"王成军","甘星允"]
[null,"内外齿","250#",1,"套",350,350,"徐州宏特起重机械有限公司",null,"王成军","甘星允"]
["WIN008175","定滑轮/压盖 加工件","300*80/200*60",1,"套",550,550,"巨野县麒麟镇瑞麟机床加工厂",18253062776,"张传朋","甘星允"]
[null,"汽灌套",null,8,"件",25,200,"巨野县麒麟镇瑞麟机床加工厂",18253062776,"张传朋","甘星允"]
["WIN008176","手动蝶阀","90#",1,"个",60,60,"巨野县泗春五金机电门市部",13561346099,"张传朋","甘星允"]
[{"$nulls":6},0]
[{"$nulls":6},0]
[{"$nulls":6},0]
[{"$nulls":6},0]
[{"$nulls":6},0]
[{"$nulls":6},0]
[{"$nulls":6},0]
[{"$nulls":6},0]
[{"$nulls":6},0]
[{"$nulls":6},0]
[{"$nulls":6},0]
[{"$nulls":6},0]
[{"$nulls":6},0]
[{"$nulls":6},0]
[{"$nulls":6},0]
[{"$nulls":6},0]
[{"$nulls":6},0]
[{"$nulls":6},0]
[{"$nulls":6},0]
[{"$nulls":6},0]

{"sheet":"4.10","index":86,"n_rows":56,"n_cols":12,"rows_kept":56,"merged":[[0,0,0,11],[1,0,1,11],[2,0,2,11]],"flags":["formulas_cached_only"]}
["五金收料统计日报表"]
["日期： 2019  年 04月 10日                             填表人： 杨振华"]
["单位：江苏大力神管桩有限公司巨野分公司"]
["入库单号","品名","规格","数量","单位","单价","金额","供应商名称","联系方式","采购员","检验员","备注"]
["WIN008177","小垃圾袋",null,10,"卷",2.5,25,"付长贵",null,"张传朋","甘星允"]
[null,"大垃圾袋",null,4,"包",15,60,"付长贵 ",null,"张传朋","甘星允"]
[null,"平拖布","60#",4,"个",10,40,"付长贵",null,"张传朋","甘星允"]
["WIN008181","交换器网垫","590#软化水设备专用",4,"个",120,480,"济宁市德水水处理设备有限公司",null,"周彬","甘星允"]
[null,"交换器单垫","590#软化水设备专用",10,"个",50,500,"济宁市德水水处理设备有限公司",null,"周彬","甘星允"]
[null,"交换器法兰","590#软化水设备专用",2,"个",300,600,"济宁市德水水处理设备有限公司",null,"周彬","甘星允"]
["WIN008182","棉滤芯","40寸",50,"个",16,800,"济宁市德水水处理设备有限公司",null,"周彬","甘星允"]
["WIN008183","合模螺丝","20*125",5000,"套",3.9,19500,"靖江市百佳机械配件有限公司",null,"张传朋","甘星允"]
[null,"张拉螺丝","M27*60",15,"袋",340,5100,"靖江市百佳机械配件有限公司",null,"张传朋","甘星允"]
[null,"销轴","M16*70",2000,"个",0.85,1700,"靖江市百佳机械配件有限公司",null,"张传朋","甘星允"]
["WIN008184","氧气",null,8,"瓶",30,240,"巨野县巨泰气体二站",18765016777,"张传朋","甘星允"]
[null,"乙炔",null,6,"瓶",65,390,"巨野县巨泰气体二站",18765016777,"张传朋","甘星允"]
["WIN008185","时间继电器","JS14P-99S",4,"个",23,92,"巨野正泰电器有限公司",null,"张传朋","甘星允"]
[null,"电笔",null,2,"个",15,30,"巨野正泰电器有限公司",null,"张传朋","甘星允"]
[{"$nulls":6},0]
[{"$nulls":6},0]
[{"$nulls":6},0]
[{"$nulls":6},0]
[{"$nulls":6},0]
[{"$nulls":6},0]
[{"$nulls":6},0]
[{"$nulls":6},0]
[{"$nulls":6},0]
[{"$nulls":6},0]
[{"$nulls":6},0]
[{"$nulls":6},0]
[{"$nulls":6},0]
[{"$nulls":6},0]
[{"$nulls":6},0]
[{"$nulls":6},0]
[{"$nulls":6},0]
[{"$nulls":6},0]
[{"$nulls":6},0]
[{"$nulls":6},0]
[{"$nulls":6},0]
[{"$nulls":6},0]
[{"$nulls":6},0]
[{"$nulls":6},0]
[{"$nulls":6},0]
[{"$nulls":6},0]
[{"$nulls":6},0]
[{"$nulls":6},0]
[{"$nulls":6},0]
[{"$nulls":6},0]
[{"$nulls":6},0]
[{"$nulls":6},0]
[{"$nulls":6},0]
[{"$nulls":6},0]
[{"$nulls":6},0]
[{"$nulls":6},0]
[{"$nulls":6},0]
[{"$nulls":6},0]

{"sheet":"4.11","index":87,"n_rows":56,"n_cols":12,"rows_kept":56,"merged":[[0,0,0,11],[1,0,1,11],[2,0,2,11]],"flags":["formulas_cached_only"]}
["五金收料统计日报表"]
["日期： 2019  年 04月 11日                             填表人： 杨振华"]
["单位：江苏大力神管桩有限公司巨野分公司"]
["入库单号","品名","规格","数量","单位","单价","金额","供应商名称","联系方式","采购员","检验员","备注"]
["WIN008186","T107铜焊条","4.0#",4,"箱",1300,5200,"临沂市金桥焊材有限公司",null,"王成军","甘星允"]
["WIN008187","千斤顶","100吨",1,"台",2240,2240,"长沙博巨起重机械有限公司",null,"王成军","甘星允"]
["WIN008193","钢丝绳","15#",1,"捆",6800,6800,"徐州腾鸿物资贸易有限公司",null,"王成军","甘星允"]
["WIN008194","电磁阀","4V410-15",10,"个",65,650,"巨野县润润五金门市部",15764010540,"张传朋","甘星允"]
["WIN008195","射灯","50W",5,"个",100,500,"巨野县嘉盛五金机电",18753016988,"张传朋","甘星允"]
[null,"LED灯泡","9W",10,"个",9,90,"巨野县嘉盛五金机电",18753016988,"张传朋","甘星允"]
["WIN008196","交流接触器","CJX2-1810",5,"个",42,210,"巨野县正泰电器门市部",null,"张传朋","甘星允"]
["WIN008197","开口扳手","17-19",1,"支",5,5,"巨野县润润五金门市部",15764010540,"张传朋","甘星允"]
[null,"梅花扳手","17-19",1,"支",7,7,"巨野县润润五金门市部",15764010540,"张传朋","甘星允"]
[null,"梅花扳手","16-18",1,"支",7,7,"巨野县润润五金门市部",15764010540,"张传朋","甘星允"]
[null,"压力表","YZ00  0-2.5MPA",1,"个",8,8,"巨野县润润五金门市部",15764010540,"张传朋","甘星允"]
[null,"压接头",null,1,"个",3,3,"巨野县润润五金门市部",15764010540,"张传朋","甘星允"]
["WIN008198","502胶","16-18",3,"瓶",1.5,4.5,"巨野县泗春五金机电门市部",13561346099,"张传朋","甘星允"]
[null,"AB胶",null,3,"盒",6,18,"巨野县泗春五金机电门市部",13561346099,"张传朋","甘星允"]
[null,"轴承","22224CA",4,"套",260,1040,"巨野县泗春五金机电门市部",13561346099,"张传朋","甘星允"]
[null,"铸工胶",null,4,"盒",15,60,"巨野县泗春五金机电门市部",13561346099,"张传朋","甘星允"]
[null,"卸扣","25T",4,"个",138,552,"巨野县泗春五金机电门市部",13561346099,"张传朋","甘星允"]
["WIN008199","8.8级螺母","M36",100,"个",2.9,290,"巨野县泗春五金机电门市部",13561346099,"张传朋","甘星允"]
[null,"平键","32#",2,"根",25,50,"巨野县泗春五金机电门市部",13561346099,"张传朋","甘星允"]
[null,"8.8级高强螺丝","20*80",50,"个",2.85,142.5,"巨野县泗春五金机电门市部",13561346099,"张传朋","甘星允"]
[null,"8.8级高强螺丝","20*120",50,"套",3.58,179,"巨野县泗春五金机电门市部",13561346099,"张传朋","甘星允"]
[null,"8.8级高强螺丝","12*50",50,"套",0.7,35,"巨野县泗春五金机电门市部",13561346099,"张传朋","甘星允"]
[null,"8.8级高强螺丝","12*35",50,"套",0.6,30,"巨野县泗春五金机电门市部",13561346099,"张传朋","甘星允"]
["WIN008200","墨汁",null,48,"瓶",2.5,120,"巨野县王广瑞文具批发店",null,"张传朋","甘星允"]
["WIN008201","中黄漆","12KG",1,"桶",135,135,"巨野县嘉盛五金机电",18753016988,"张传朋","甘星允"]
[{"$nulls":6},0]
[{"$nulls":6},0]
[{"$nulls":6},0]
[{"$nulls":6},0]
[{"$nulls":6},0]
[{"$nulls":6},0]
[{"$nulls":6},0]
[{"$nulls":6},0]
[{"$nulls":6},0]
[{"$nulls":6},0]
[{"$nulls":6},0]
[{"$nulls":6},0]
[{"$nulls":6},0]
[{"$nulls":6},0]
[{"$nulls":6},0]
[{"$nulls":6},0]
[{"$nulls":6},0]
[{"$nulls":6},0]
[{"$nulls":6},0]
[{"$nulls":6},0]
[{"$nulls":6},0]
[{"$nulls":6},0]
[{"$nulls":6},0]
[{"$nulls":6},0]
[{"$nulls":6},0]
[{"$nulls":6},0]
[{"$nulls":6},0]

{"sheet":"4.15","index":88,"n_rows":56,"n_cols":12,"rows_kept":56,"merged":[[0,0,0,11],[1,0,1,11],[2,0,2,11]],"flags":["formulas_cached_only"]}
["五金收料统计日报表"]
["日期： 2019  年 04月 15日                             填表人： 杨振华"]
["单位：江苏大力神管桩有限公司巨野分公司"]
["入库单号","品名","规格","数量","单位","单价","金额","供应商名称","联系方式","采购员","检验员","备注"]
["WIN008221","黄油枪头",null,1,"把",60,60,"巨野县马英液压配件门市",null,"张传朋","甘星允"]
["WIN008222","黄油","00号15KG",3,"桶",200,600,"张中奎",null,"张传朋","甘星允"]
["WIN008223","金属垫片",50,10,"个",2.5,25,"巨野县润润五金门市部",15764010540,"张传朋","甘星允"]
[null,"金属垫片",40,10,"个",2,20,"巨野县润润五金门市部",15764010540,"张传朋","甘星允"]
["WIN008224","网线","100米",1,"盘",186,186,"巨野县润润五金门市部",15764010540,"张传朋","甘星允"]
["WIN008225","卡扣","8#",10,"个",0.8,8,"巨野县兴强轴承销售中心",null,"张传朋","甘星允"]
[null,"轴承",6208,10,"个",15,150,"巨野县兴强轴承销售中心",null,"张传朋","甘星允"]
["WIN008226","法兰","DN89",2,"片",13,26,"巨野县润润五金门市部",15764010540,"张传朋","甘星允"]
[null,"金属垫片",65,4,"个",3,12,"巨野县润润五金门市部",15764010540,"张传朋","甘星允"]
[null,"金属垫片",80,4,"个",4,16,"巨野县润润五金门市部",15764010540,"张传朋","甘星允"]
[null,"电焊玻璃镜片黑",null,30,"个",0.5,15,"巨野县润润五金门市部",15764010540,"张传朋","甘星允"]
[null,"电焊黑",null,3,"个",5,15,"巨野县润润五金门市部",15764010540,"张传朋","甘星允"]
["WIN008227","热熔活接","63#",2,"个",13,26,"巨野县德春水暖五金门市部",null,"张传朋","甘星允"]
[null,"PVC外牙直接","63#",2,"个",4,8,"巨野县德春水暖五金门市部",null,"张传朋","甘星允"]
["WIN008228","南孚电池","5#",20,"个",2.5,50,"巨野县嘉盛五金机电",18753016988,"张传朋","甘星允"]
["WIN008229","长城黄油","3号15KG ",4,"桶",200,800,"张中奎",null,"张传朋","甘星允"]
["WIN008230","轴承","22224CA",6,"套",6,36,"巨野县泗春五金机电门市部",13561346099,"张传朋","甘星允"]
[null,"8.8高强螺丝","50*80",100,"个",100,10000,"巨野县泗春五金机电门市部",13561346099,"张传朋","甘星允"]
[null,"8.8级内六角螺丝","10*50",40,"套",40,1600,"巨野县泗春五金机电门市部",13561346099,"张传朋","甘星允"]
[null,"磨片",100,50,"个",50,2500,"巨野县泗春五金机电门市部",13561346099,"张传朋","甘星允"]
[null,"焊条","#4.0",2,"箱",2,4,"巨野县泗春五金机电门市部",13561346099,"张传朋","甘星允"]
[null,"斜铁","130*80",60,"片",60,3600,"巨野县泗春五金机电门市部",13561346099,"张传朋","甘星允"]
["WIN008231","称重传感器","50KG",2,"个",174,348,"巨野县东尚轴承配件销售部",null,"张传朋","甘星允"]
["WIN008232","胶",801,6,"袋",15,90,"巨野县亚美涂料",null,"张传朋","甘星允"]
["WIN008233","氧气",null,6,"瓶",30,180,"巨野县巨泰气体二站",18765016777,"张传朋","甘星允"]
[null,"乙炔",null,6,"瓶",65,390,"巨野县巨泰气体二站",18765016777,"张传朋","甘星允"]
["WIN008234","三通","16#",50,"个",2.5,125,"巨野县兴强轴承销售中心",null,"张传朋","甘星允"]
[null,"丝杆","20#",2,"根",12,24,"巨野县兴强轴承销售中心",null,"张传朋","甘星允"]
["WIN008235","快速接头","16-04#",30,"个",5,150,"巨野县润润五金门市部",15764010540,"张传朋","甘星允"]
[null,"快速接头","12-04#",30,"个",3.5,105,"巨野县润润五金门市部",15764010540,"张传朋","甘星允"]
[null,"PU管",null,1,"盘",450,450,"巨野县润润五金门市部",15764010540,"张传朋","甘星允"]
["WIN008236","黄油管","10米%",2,"条",70,140,"巨野县马英液压配件门市",null,"张传朋","甘星允"]
["WIN008237","长城机油","16公斤",2,"桶",280,560,"张中奎",null,"张传朋","甘星允"]
["WIN008238","空滤",2843,1,"个",180,180,"巨野县华恒工程机械有限公司",null,"张传朋","甘星允"]
[null,"油滤",9009,1,"个",120,120,"巨野县华恒工程机械有限公司",null,"张传朋","甘星允"]
["WIN008239","空气滤芯","10立方通用",1,"个",190,190,"山东德普斯机械设备有限公司",null,"张传朋","甘星允"]
[null,"油滤","W950",2,"个",180,360,"山东德普斯机械设备有限公司",null,"张传朋","甘星允"]
[null,"冷却液","46#螺杆专用",3,"桶",650,1950,"山东德普斯机械设备有限公司",null,"张传朋","甘星允"]
[{"$nulls":6},0]
[{"$nulls":6},0]
[{"$nulls":6},0]
[{"$nulls":6},0]
[{"$nulls":6},0]
[{"$nulls":6},0]
[{"$nulls":6},0]
[{"$nulls":6},0]
[{"$nulls":6},0]
[{"$nulls":6},0]
[{"$nulls":6},0]
[{"$nulls":6},0]
[{"$nulls":6},0]
[{"$nulls":6},0]

{"sheet":"4.16","index":89,"n_rows":56,"n_cols":12,"rows_kept":56,"merged":[[0,0,0,11],[1,0,1,11],[2,0,2,11]],"flags":["formulas_cached_only"]}
["五金收料统计日报表"]
["日期： 2019  年 04月 16日                             填表人： 杨振华"]
["单位：江苏大力神管桩有限公司巨野分公司"]
["入库单号","品名","规格","数量","单位","单价","金额","供应商名称","联系方式","采购员","检验员","备注"]
["WIN008249","电机（空压机）","3KW",2,"个",620,1240,"邳州市陇海机电门市",null,"王成军","甘星允"]
["WIN008250","链条","12#双排",40,"个",79,3160,"徐州宏特起重设备有限公司",null,"王成军","甘星允"]
["WIN008251","洗衣粉",null,140,"袋",1.65,231,"王敏针织百货批发",null,"王成军","甘星允"]
["WIN008252","触头总成","KTJ6-100A",50,"个",48,2400,"邳州市电料总汇",null,"王成军","甘星允"]
["WIN008253","销售总成","LV4008A空压机机头",1,"台",1000,1000,"邳州市电料总汇",null,"王成军","甘星允"]
[{"$nulls":6},0]
[{"$nulls":6},0]
[{"$nulls":6},0]
[{"$nulls":6},0]
[{"$nulls":6},0]
[{"$nulls":6},0]
[{"$nulls":6},0]
[{"$nulls":6},0]
[{"$nulls":6},0]
[{"$nulls":6},0]
[{"$nulls":6},0]
[{"$nulls":6},0]
[{"$nulls":6},0]
[{"$nulls":6},0]
[{"$nulls":6},0]
[{"$nulls":6},0]
[{"$nulls":6},0]
[{"$nulls":6},0]
[{"$nulls":6},0]
[{"$nulls":6},0]
[{"$nulls":6},0]
[{"$nulls":6},0]
[{"$nulls":6},0]
[{"$nulls":6},0]
[{"$nulls":6},0]
[{"$nulls":6},0]
[{"$nulls":6},0]
[{"$nulls":6},0]
[{"$nulls":6},0]
[{"$nulls":6},0]
[{"$nulls":6},0]
[{"$nulls":6},0]
[{"$nulls":6},0]
[{"$nulls":6},0]
[{"$nulls":6},0]
[{"$nulls":6},0]
[{"$nulls":6},0]
[{"$nulls":6},0]
[{"$nulls":6},0]
[{"$nulls":6},0]
[{"$nulls":6},0]
[{"$nulls":6},0]
[{"$nulls":6},0]
[{"$nulls":6},0]
[{"$nulls":6},0]
[{"$nulls":6},0]
[{"$nulls":6},0]

{"sheet":"4.19","index":90,"n_rows":56,"n_cols":12,"rows_kept":56,"merged":[[0,0,0,11],[1,0,1,11],[2,0,2,11]],"flags":["formulas_cached_only"]}
["五金收料统计日报表"]
["日期： 2019  年 04月 19日                             填表人： 杨振华"]
["单位：江苏大力神管桩有限公司巨野分公司"]
["入库单号","品名","规格","数量","单位","单价","金额","供应商名称","联系方式","采购员","检验员","备注"]
["WIN008293","8.8级高强螺丝","12*120",75,"套",2.8,210,"巨野县兴强轴承销售中心",null,"张传朋","甘星允"]
[null,"开口销","3*50",48,"斤",4.5,216,"巨野县兴强轴承销售中心",null,"张传朋","甘星允"]
["WIN008294","导绳器","3T",2,"个",65,130,"巨野县巨起起重设备经营部",null,"张传朋","甘星允"]
["WIN008295","捷豹空压机滤芯","3000FDEV70",10,"个",4,40,"巨野县顺通滤芯门市部",null,"张传朋","甘星允"]
["WIN008296","弯头",89,6,"片",11,66,"巨野县润润五金门市部",15764010540,"张传朋","甘星允"]
["WIN008297","工业用盐","50KG",5000,"KG ",0.48,2400,"巨野县盐业公司",null,"张传朋","甘星允"]
["WIN008298","空压机滤芯","7.5KW2448",1,"个",50,50,"巨野县顺通滤芯门市部",null,"张传朋","甘星允"]
["WIN008299","8.8级螺母","M36",118,"个",2.9,342.2,"巨野县泗春五金机电门市部",13561346099,"张传朋","甘星允"]
[null,"电工胶布",null,60,"个",1.6,96,"巨野县泗春五金机电门市部",13561346099,"张传朋","甘星允"]
[null,"泡沫胶",null,5,"瓶",12,60,"巨野县泗春五金机电门市部",13561346099,"张传朋","甘星允"]
[null,"水平尺",null,1,"把",18,18,"巨野县泗春五金机电门市部",13561346099,"张传朋","甘星允"]
[null,"风炮套头","30#",36,"个",35,1260,"巨野县泗春五金机电门市部",13561346099,"张传朋","甘星允"]
["WIN008300","碎布",null,1,"捆",75,75,"巨野县润润五金门市部",15764010540,"张传朋","甘星允"]
["WIN008301","刀架","加工件",1,"套",480,480,"巨野县麒麟镇瑞麟机床加工厂",18253062776,"张传朋","甘星允"]
[null,"滑块（加工件）","72*52*120",2,"件",350,700,"巨野县麒麟镇瑞麟机床加工厂",18253062776,"张传朋","甘星允"]
["WIN008302","手动气动蝶阀","MODEL PHV-04",2,"个",55,110,"巨野县润润五金门市部",15764010540,"张传朋","甘星允"]
["WIN008303","镀锌板","1米宽",30,"米",18,540,"巨野县冯建正彩钢瓦销售处",null,"张传朋","甘星允"]
["WIN008304","氧气",null,7,"瓶",60,420,"巨野县巨泰气体二站",18765016777,"张传朋","甘星允"]
[null,"乙炔",null,5,"瓶",65,325,"巨野县巨泰气体二站",18765016777,"张传朋","甘星允"]
["WIN008305","消声器","电磁阀专用4分",10,"米",3,30,"巨野县润润五金门市部",15764010540,"张传朋","甘星允"]
["WIN008306","电池","9V",5,"个",5,25,"巨野县嘉盛五金机电",18753016988,"张传朋","甘星允"]
[null,"手电筒",null,2,"个",25,50,"巨野县嘉盛五金机电",18753016988,"张传朋","甘星允"]
["WIN008307","长城黄油","3号 15公斤",4,"桶",200,800,"张中奎",null,"张传朋","甘星允"]
[null,"长城黄油","00号 15公斤",2,"桶",200,400,"张中奎",null,"张传朋","甘星允"]
[{"$nulls":6},0]
[{"$nulls":6},0]
[{"$nulls":6},0]
[{"$nulls":6},0]
[{"$nulls":6},0]
[{"$nulls":6},0]
[{"$nulls":6},0]
[{"$nulls":6},0]
[{"$nulls":6},0]
[{"$nulls":6},0]
[{"$nulls":6},0]
[{"$nulls":6},0]
[{"$nulls":6},0]
[{"$nulls":6},0]
[{"$nulls":6},0]
[{"$nulls":6},0]
[{"$nulls":6},0]
[{"$nulls":6},0]
[{"$nulls":6},0]
[{"$nulls":6},0]
[{"$nulls":6},0]
[{"$nulls":6},0]
[{"$nulls":6},0]
[{"$nulls":6},0]
[{"$nulls":6},0]
[{"$nulls":6},0]
[{"$nulls":6},0]
[{"$nulls":6},0]

{"sheet":"4.22","index":91,"n_rows":56,"n_cols":12,"rows_kept":56,"merged":[[0,0,0,11],[1,0,1,11],[2,0,2,11]],"flags":["formulas_cached_only"]}
["五金收料统计日报表"]
["日期： 2019  年 04月 21日                             填表人： 杨振华"]
["单位：江苏大力神管桩有限公司巨野分公司"]
["入库单号","品名","规格","数量","单位","单价","金额","供应商名称","联系方式","采购员","检验员","备注"]
["WIN008331","精密过滤器","25芯40寸",1,"台",3500,3500,"济宁市德水水处理设备有限公司",null,"王成军","甘星允"]
["WIN008343","石英砂罐","直径1.5米高2.4米",1,"个",5400,5400,"青州科立洁环保设备厂",null,"王成军","甘星允"]
["WIN008344","丝杠","40*275",1,"件",150,150,"巨野县麒麟镇瑞麟机床加工厂",18253062776,"张传朋","甘星允"]
["WIN008347","滚焊机托轮轴","40*167",2,"件",50,100,"巨野县麒麟镇瑞麟机床加工厂",18253062776,"张传朋","甘星允"]
[null,"套","120*38",5,"件",40,200,"巨野县麒麟镇瑞麟机床加工厂",18253062776,"张传朋","甘星允"]
[null,"滚焊机托轮","160*80",2,"套",420,840,"巨野县麒麟镇瑞麟机床加工厂",18253062776,"张传朋","甘星允"]
[null,"丝杠","36*400",10,"件",50,500,"巨野县麒麟镇瑞麟机床加工厂",18253062776,"张传朋","甘星允"]
[{"$nulls":6},0]
[{"$nulls":6},0]
[{"$nulls":6},0]
[{"$nulls":6},0]
[{"$nulls":6},0]
[{"$nulls":6},0]
[{"$nulls":6},0]
[{"$nulls":6},0]
[{"$nulls":6},0]
[{"$nulls":6},0]
[{"$nulls":6},0]
[{"$nulls":6},0]
[{"$nulls":6},0]
[{"$nulls":6},0]
[{"$nulls":6},0]
[{"$nulls":6},0]
[{"$nulls":6},0]
[{"$nulls":6},0]
[{"$nulls":6},0]
[{"$nulls":6},0]
[{"$nulls":6},0]
[{"$nulls":6},0]
[{"$nulls":6},0]
[{"$nulls":6},0]
[{"$nulls":6},0]
[{"$nulls":6},0]
[{"$nulls":6},0]
[{"$nulls":6},0]
[{"$nulls":6},0]
[{"$nulls":6},0]
[{"$nulls":6},0]
[{"$nulls":6},0]
[{"$nulls":6},0]
[{"$nulls":6},0]
[{"$nulls":6},0]
[{"$nulls":6},0]
[{"$nulls":6},0]
[{"$nulls":6},0]
[{"$nulls":6},0]
[{"$nulls":6},0]
[{"$nulls":6},0]
[{"$nulls":6},0]
[{"$nulls":6},0]
[{"$nulls":6},0]
[{"$nulls":6},0]

{"sheet":"4.23","index":92,"n_rows":56,"n_cols":12,"rows_kept":56,"merged":[[0,0,0,11],[1,0,1,11],[2,0,2,11]],"flags":["formulas_cached_only"]}
["五金收料统计日报表"]
["日期： 2019  年 04月 23日                             填表人： 杨振华"]
["单位：江苏大力神管桩有限公司巨野分公司"]
["入库单号","品名","规格","数量","单位","单价","金额","供应商名称","联系方式","采购员","检验员","备注"]
["WIN008360","穿筋牵引盘（锰板）","650*20加工件",3,"套",2100,6300,"巨野县麒麟镇瑞麟机床加工厂",18253062776,"张传朋","甘星允"]
[null,"轴","50*276加工件",4,"件",80,320,"巨野县麒麟镇瑞麟机床加工厂",18253062776,"张传朋","甘星允"]
["WIN008361","毛刷",null,40,"个",2.5,100,"巨野县润润五金门市部",15764010540,"张传朋","甘星允"]
["WIN008362","一次性口罩",null,1,"包",10,10,"单秋杰",0,"张传朋","甘星允"]
["WIN008363","胶水","得力",12,"瓶",2,24,"巨野县晨风文具商行",null,"张传朋","甘星允"]
[null,"鼠标","得力",1,"个",45,45,"巨野县晨风文具商行",null,"张传朋","甘星允"]
[null,"键盘","得力",1,"个",60,60,"巨野县晨风文具商行",null,"张传朋","甘星允"]
["WIN008364","头灯",null,2,"个",25,50,"巨野县嘉盛五金机电",18753016988,"张传朋","甘星允"]
["WIN008365","气动扳手","风力R-1000N",1,"套",300,300,"巨野县德双赢汽保工具",13853086881,"张传朋","甘星允"]
["WIN008369","燕尾丝","25#",1,"盒",25,25,"巨野县泗春五金机电门市部",13561346099,"张传朋","甘星允"]
[null,"活口扳手","250#",2,"把",13,26,"巨野县泗春五金机电门市部",13561346099,"张传朋","甘星允"]
[null,"套筒扳手","32件套",1,"套",145,145,"巨野县泗春五金机电门市部",13561346099,"张传朋","甘星允"]
[null,"断线钳","450#",1,"把",45,45,"巨野县泗春五金机电门市部",13561346099,"张传朋","甘星允"]
[null,"断线钳","600#",2,"把",65,130,"巨野县泗春五金机电门市部",13561346099,"张传朋","甘星允"]
["WIN008367","轴承",22217,6,"个",6,36,"巨野县泗春五金机电门市部",13561346100,"张传朋","甘星允"]
[null,"轴承",30217,6,"个",6,36,"巨野县泗春五金机电门市部",13561346101,"张传朋","甘星允"]
[null,"8.8高强螺丝","10*30",100,"套",100,10000,"巨野县泗春五金机电门市部",13561346102,"张传朋","甘星允"]
[{"$nulls":6},0]
[{"$nulls":6},0]
[{"$nulls":6},0]
[{"$nulls":6},0]
[{"$nulls":6},0]
[{"$nulls":6},0]
[{"$nulls":6},0]
[{"$nulls":6},0]
[{"$nulls":6},0]
[{"$nulls":6},0]
[{"$nulls":6},0]
[{"$nulls":6},0]
[{"$nulls":6},0]
[{"$nulls":6},0]
[{"$nulls":6},0]
[{"$nulls":6},0]
[{"$nulls":6},0]
[{"$nulls":6},0]
[{"$nulls":6},0]
[{"$nulls":6},0]
[{"$nulls":6},0]
[{"$nulls":6},0]
[{"$nulls":6},0]
[{"$nulls":6},0]
[{"$nulls":6},0]
[{"$nulls":6},0]
[{"$nulls":6},0]
[{"$nulls":6},0]
[{"$nulls":6},0]
[{"$nulls":6},0]
[{"$nulls":6},0]
[{"$nulls":6},0]
[{"$nulls":6},0]
[{"$nulls":6},0]
[{"$nulls":6},0]

{"sheet":"4.24","index":93,"n_rows":56,"n_cols":12,"rows_kept":56,"merged":[[0,0,0,11],[1,0,1,11],[2,0,2,11]],"flags":["formulas_cached_only"]}
["五金收料统计日报表"]
["日期： 2019  年 04月 24日                             填表人： 杨振华"]
["单位：江苏大力神管桩有限公司巨野分公司"]
["入库单号","品名","规格","数量","单位","单价","金额","供应商名称","联系方式","采购员","检验员","备注"]
["WIN008382","防尘网","8*30",20,"捆",30,600,"菏泽汉鼎消防器材有限公司",null,"张传朋","甘星允"]
["WIN008383","防尘网","8*30",30,"捆",30,900,"菏泽汉鼎消防器材有限公司",null,"张传朋","甘星允"]
["WIN008384","氧气",null,9,"瓶",30,270,"巨野县巨泰气体二站",18765016777,"张传朋","甘星允"]
[null,"乙炔",null,5,"瓶",65,325,"巨野县巨泰气体二站",18765016777,"张传朋","甘星允"]
["WIN008385","桥架","100*50",20,"米",11,220,"巨野县豪德五金机电批发部",18816075138,"张传朋","甘星允"]
[null,"弯头","桥架用",5,"个",11,55,"巨野县豪德五金机电批发部",18816075138,"张传朋","甘星允"]
[{"$nulls":6},0]
[{"$nulls":6},0]
[{"$nulls":6},0]
[{"$nulls":6},0]
[{"$nulls":6},0]
[{"$nulls":6},0]
[{"$nulls":6},0]
[{"$nulls":6},0]
[{"$nulls":6},0]
[{"$nulls":6},0]
[{"$nulls":6},0]
[{"$nulls":6},0]
[{"$nulls":6},0]
[{"$nulls":6},0]
[{"$nulls":6},0]
[{"$nulls":6},0]
[{"$nulls":6},0]
[{"$nulls":6},0]
[{"$nulls":6},0]
[{"$nulls":6},0]
[{"$nulls":6},0]
[{"$nulls":6},0]
[{"$nulls":6},0]
[{"$nulls":6},0]
[{"$nulls":6},0]
[{"$nulls":6},0]
[{"$nulls":6},0]
[{"$nulls":6},0]
[{"$nulls":6},0]
[{"$nulls":6},0]
[{"$nulls":6},0]
[{"$nulls":6},0]
[{"$nulls":6},0]
[{"$nulls":6},0]
[{"$nulls":6},0]
[{"$nulls":6},0]
[{"$nulls":6},0]
[{"$nulls":6},0]
[{"$nulls":6},0]
[{"$nulls":6},0]
[{"$nulls":6},0]
[{"$nulls":6},0]
[{"$nulls":6},0]
[{"$nulls":6},0]
[{"$nulls":6},0]
[{"$nulls":6},0]

{"sheet":"4.29","index":94,"n_rows":56,"n_cols":12,"rows_kept":56,"merged":[[0,0,0,11],[1,0,1,11],[2,0,2,11]],"flags":["formulas_cached_only"]}
["五金收料统计日报表"]
["日期： 2019  年 04月 29日                             填表人： 杨振华"]
["单位：江苏大力神管桩有限公司巨野分公司"]
["入库单号","品名","规格","数量","单位","单价","金额","供应商名称","联系方式","采购员","检验员","备注"]
["WIN008416","空滤总成","LV4008",20,"只",28,560,"布里斯托压缩机（上海）有限公司",null,"张传朋","甘星允"]
["WIN008417","白板笔",null,20,"支",2,40,"巨野县晨风文具商行",null,"张传朋","甘星允"]
["WIN008418","白护套线","2*4",1,"盘",320,320,"巨野县德航五金电料门市部",null,"张传朋","甘星允"]
[null,"插排","五孔",7,"个",9,63,"巨野县德航五金电料门市部",null,"张传朋","甘星允"]
[null,"钢锯架",null,1,"套",10,10,"巨野县德航五金电料门市部",null,"张传朋","甘星允"]
[null,"美工刀",null,4,"把",2,8,"巨野县德航五金电料门市部",null,"张传朋","甘星允"]
[null,"美工刀片",null,4,"盒",2,8,"巨野县德航五金电料门市部",null,"张传朋","甘星允"]
["WIN008419","胶",801,6,"袋",15,90,"巨野县亚美涂料",null,"张传朋","甘星允"]
["WIN008420","塑料外壳式断路器","NM10-100A",2,"个",78,156,"巨野县巨野镇张瑞兰",null,"张传朋","甘星允"]
["WIN008421","PVC弯头",90,2,"个",25,50,"巨野县德春水暖五金门市部",null,"张传朋","甘星允"]
[null,"PVC管子",90,1,"根",98,98,"巨野县德春水暖五金门市部",null,"张传朋","甘星允"]
[null,"PVC胶",null,1,"件",2,2,"巨野县德春水暖五金门市部",null,"张传朋","甘星允"]
["WIN008422","胶皮手套","PVC ",10,"双",4,40,"康艳丽",null,"张传朋","甘星允"]
[null,"大垃圾袋",null,4,"包",15,60,"康艳丽",null,"张传朋","甘星允"]
["WIN008423","套（加工件）","60*42",4,"件",25,100,"巨野县麒麟镇瑞麟机床加工厂",18253062776,"张传朋","甘星允"]
["WIN008424","航车联轴器","220*105加工件",1,"件",380,380,"巨野县麒麟镇瑞麟机床加工厂",18253062776,"张传朋","甘星允"]
[null,"跑车托轮","70*96加工件",4,"套",70,280,"巨野县麒麟镇瑞麟机床加工厂",18253062776,"张传朋","甘星允"]
["WIN008425","铜线","50#",2,"米",28,56,"巨野县巨野镇张瑞兰",null,"张传朋","甘星允"]
["WIN008426","高强卸扣","6.5T",10,"个",20,200,"巨野县泗春五金机电门市部",13561346099,"张传朋","甘星允"]
[null,"蝴蝶扣","5.3T",10,"个",26,260,"巨野县泗春五金机电门市部",13561346099,"张传朋","甘星允"]
[null,"轴卡",100,2,"个",3,6,"巨野县泗春五金机电门市部",13561346099,"张传朋","甘星允"]
[null,"电焊帽",null,3,"个",6,18,"巨野县泗春五金机电门市部",13561346099,"张传朋","甘星允"]
[null,"506焊条","4.0#",1,"箱",140,140,"巨野县泗春五金机电门市部",13561346099,"张传朋","甘星允"]
["WIN008427","丝杆","14#",2,"根",6.5,13,"巨野县泗春五金机电门市部",13561346099,"张传朋","甘星允"]
[null,"丝杆","16#",2,"根",7,14,"巨野县泗春五金机电门市部",13561346099,"张传朋","甘星允"]
[null,"电焊钳","800A",4,"把",25,100,"巨野县泗春五金机电门市部",13561346099,"张传朋","甘星允"]
[null,"电焊帽",null,2,"个",4,8,"巨野县泗春五金机电门市部",13561346099,"张传朋","甘星允"]
["WIN008428","大便延时器",null,6,"个",25,150,"巨野县德春水暖五金门市部",null,"张传朋","甘星允"]
["WIN008429","氧气",null,9,"瓶",30,270,"巨野县巨泰气体二站",18765016777,"张传朋","甘星允"]
[null,"乙炔",null,3,"瓶",65,195,"巨野县巨泰气体二站",18765016777,"张传朋","甘星允"]
["WIN008440","BV铜线","4平方",2,"盘",185,370,"巨野县德航五金电料门市部",null,"张传朋","甘星允"]
[{"$nulls":6},0]
[{"$nulls":6},0]
[{"$nulls":6},0]
[{"$nulls":6},0]
[{"$nulls":6},0]
[{"$nulls":6},0]
[{"$nulls":6},0]
[{"$nulls":6},0]
[{"$nulls":6},0]
[{"$nulls":6},0]
[{"$nulls":6},0]
[{"$nulls":6},0]
[{"$nulls":6},0]
[{"$nulls":6},0]
[{"$nulls":6},0]
[{"$nulls":6},0]
[{"$nulls":6},0]
[{"$nulls":6},0]
[{"$nulls":6},0]
[{"$nulls":6},0]
[{"$nulls":6},0]

{"sheet":"4.30","index":95,"n_rows":56,"n_cols":12,"rows_kept":56,"merged":[[0,0,0,11],[1,0,1,11],[2,0,2,11]],"flags":["formulas_cached_only"]}
["五金收料统计日报表"]
["日期： 2019  年 04月 30日                             填表人： 杨振华"]
["单位：江苏大力神管桩有限公司巨野分公司"]
["入库单号","品名","规格","数量","单位","单价","金额","供应商名称","联系方式","采购员","检验员","备注"]
["WIN008450","O型圈","100*3.1",4,"个",1.5,6,"巨野县派龙工程机械门市部",null,"张传朋","甘星允"]
["WIN008451","墩头缸",null,1,"个",3150,3150,"南京椒菱机械有限公司",null,"王成军","甘星允"]
[null,"气液增压缸","QGF4Y",1,"个",1850,1850,"南京椒菱机械有限公司",null,"王成军","甘星允"]
[null,"铜盘","500#",1,"个",2100,2100,"南京椒菱机械有限公司",null,"王成军","甘星允"]
["WIN008452","回形针",null,4,"盒",5,20,"巨野县晨风文具商行",null,"张传朋","甘星允"]
[null,"一次性纸杯",null,3,"包",10,30,"巨野县晨风文具商行",null,"张传朋","甘星允"]
["WIN008453","直接","16#",50,"个",2.5,125,"巨野县兴强轴承销售中心",null,"张传朋","甘星允"]
["WIN008454","割枪","T-30",3,"个",60,180,"巨野县润润五金门市部",15764010540,"张传朋","甘星允"]
[null,"割嘴",30,15,"个",4,60,"巨野县润润五金门市部",15764010540,"张传朋","甘星允"]
[null,"割嘴",100,15,"个",5,75,"巨野县润润五金门市部",15764010540,"张传朋","甘星允"]
[null,"铜球阀（喷雾器）",15,20,"个",3,60,"巨野县润润五金门市部",15764010540,"张传朋","甘星允"]
[null,"铜球阀",50,4,"个",45,180,"巨野县润润五金门市部",15764010540,"张传朋","甘星允"]
["WIN008455","割枪","T-100",2,"个",120,240,"巨野县润润五金门市部",15764010540,"张传朋","甘星允"]
[null,"电磁阀线圈","220V",20,"个",180,3600,"巨野县润润五金门市部",15764010540,"张传朋","甘星允"]
["WIN008456","胶",801,6,"袋",15,90,"巨野县亚美涂料",null,"张传朋","甘星允"]
["WIN008457","花兰丝","8#",10,"个",1.7,17,"巨野县兴强轴承销售中心",null,"张传朋","甘星允"]
["WIN008458","无缝管","50#",84,"KG",5,420,"巨野县冯建正彩钢瓦销售处",null,"张传朋","甘星允"]
["WIN008459","压盖（加工件）","42*11",1,"件",30,30,"巨野县麒麟镇瑞麟机床加工厂",18253062776,"张传朋","甘星允"]
["WIN008460","电脑打印纸","241-4-3",2,"盒",40,80,"巨野县晨风文具商行",null,"张传朋","甘星允"]
[null,"中性笔",null,2,"盒",11,22,"巨野县晨风文具商行",null,"张传朋","甘星允"]
["WIN008461","风镐","G7",6,"台",440,2640,"济宁聚旺矿山设备有限公司",null,"王成军","甘星允"]
["WIN008462","交流接触器","CJX1-110A/380V",5,"个",386,1930,"邳州市电料总汇",null,"王成军","甘星允"]
["WIN008463","变压器","JMB-3000",1,"台",1,785,"邳州市电料总汇",null,"王成军","甘星允"]
[{"$nulls":6},0]
[{"$nulls":6},0]
[{"$nulls":6},0]
[{"$nulls":6},0]
[{"$nulls":6},0]
[{"$nulls":6},0]
[{"$nulls":6},0]
[{"$nulls":6},0]
[{"$nulls":6},0]
[{"$nulls":6},0]
[{"$nulls":6},0]
[{"$nulls":6},0]
[{"$nulls":6},0]
[{"$nulls":6},0]
[{"$nulls":6},0]
[{"$nulls":6},0]
[{"$nulls":6},0]
[{"$nulls":6},0]
[{"$nulls":6},0]
[{"$nulls":6},0]
[{"$nulls":6},0]
[{"$nulls":6},0]
[{"$nulls":6},0]
[{"$nulls":6},0]
[{"$nulls":6},0]
[{"$nulls":6},0]
[{"$nulls":6},0]
[{"$nulls":6},0]
[{"$nulls":6},0]

{"sheet":"5.3","index":96,"n_rows":56,"n_cols":12,"rows_kept":56,"merged":[[0,0,0,11],[1,0,1,11],[2,0,2,11]],"flags":["formulas_cached_only"]}
["五金收料统计日报表"]
["日期： 2019  年 05月 3日                             填表人： 杨振华"]
["单位：江苏大力神管桩有限公司巨野分公司"]
["入库单号","品名","规格","数量","单位","单价","金额","供应商名称","联系方式","采购员","检验员","备注"]
["WIN008481","法兰铸钢截止阀",65,2,"台",285,570,"巨野县润润五金门市部",15764010540,"张传朋","甘星允"]
["WIN008482","数字万用表","UC9801A",1,"把",136,136,"巨野县乾兴机电批发中心",null,"张传朋","甘星允"]
["WIN008483","轴承",22217,8,"个",125,1000,"巨野县兴强轴承销售中心",null,"张传朋","甘星允"]
[null,"轴承",22224,2,"套",260,520,"巨野县兴强轴承销售中心",null,"张传朋","甘星允"]
[null,"轴承",30217,8,"个",59,472,"巨野县兴强轴承销售中心",null,"张传朋","甘星允"]
["WIN008484","单向阀","六棱单向阀",4,"个",13,52,"巨野县兴强轴承销售中心",null,"张传朋","甘星允"]
["WIN008485","广和白油","200升",1,"桶",1900,1900,"张中奎",null,"张传朋","甘星允"]
[null,"黄油","00号15公斤",2,"桶",200,400,"张中奎",15764010540,"张传朋","甘星允"]
["WIN008486","8.87级高强螺丝","18*70",50,"套",2.17,108.5,"巨野县泗春五金机电门市部",13561346099,"张传朋","甘星允"]
[null,"8.87级高强螺丝","16*70",50,"套",1.6,80,"巨野县泗春五金机电门市部",13561346099,"张传朋","甘星允"]
[null,"8.87级高强螺丝","10*40",30,"套",0.53,15.9,"巨野县泗春五金机电门市部",13561346099,"张传朋","甘星允"]
[null,"8.87级内六角螺丝","8*20",50,"套",0.28,14.000000000000002,"巨野县泗春五金机电门市部",13561346099,"张传朋","甘星允"]
[null,"8.87级内六角螺丝","8*55",50,"套",0.35,17.5,"巨野县泗春五金机电门市部",13561346099,"张传朋","甘星允"]
["WIN008487","焊条",4,2,"箱",100,200,"巨野县泗春五金机电门市部",13561346099,"张传朋","甘星允"]
[null,"506焊条",4,2,"箱",140,280,"巨野县泗春五金机电门市部",13561346099,"张传朋","甘星允"]
[null,"梅花扳手","36-41",1,"个",32,32,"巨野县泗春五金机电门市部",13561346099,"张传朋","甘星允"]
[null,"内六角扳手",14,2,"个",12,24,"巨野县泗春五金机电门市部",13561346099,"张传朋","甘星允"]
[null,"8.87级高强螺丝","20*110",50,"套",3.4,170,"巨野县泗春五金机电门市部",13561346099,"张传朋","甘星允"]
["WIN008488","沉头螺丝","12*40",50,"套",0.68,34,"巨野县泗春五金机电门市部",13561346099,"张传朋","甘星允"]
[null,"磨片","125#",50,"个",1.65,82.5,"巨野县泗春五金机电门市部",13561346099,"张传朋","甘星允"]
[{"$nulls":6},0]
[{"$nulls":6},0]
[]
[{"$nulls":6},0]
[{"$nulls":6},0]
[{"$nulls":6},0]
[{"$nulls":6},0]
[{"$nulls":6},0]
[{"$nulls":6},0]
[{"$nulls":6},0]
[{"$nulls":6},0]
[{"$nulls":6},0]
[{"$nulls":6},0]
[{"$nulls":6},0]
[{"$nulls":6},0]
[{"$nulls":6},0]
[{"$nulls":6},0]
[{"$nulls":6},0]
[{"$nulls":6},0]
[{"$nulls":6},0]
[{"$nulls":6},0]
[{"$nulls":6},0]
[{"$nulls":6},0]
[{"$nulls":6},0]
[{"$nulls":6},0]
[{"$nulls":6},0]
[{"$nulls":6},0]
[{"$nulls":6},0]
[{"$nulls":6},0]
[{"$nulls":6},0]
[{"$nulls":6},0]
[{"$nulls":6},0]

{"sheet":"5.5","index":97,"n_rows":56,"n_cols":12,"rows_kept":56,"merged":[[0,0,0,11],[1,0,1,11],[2,0,2,11]],"flags":["formulas_cached_only"]}
["五金收料统计日报表"]
["日期： 2019  年 05月 5日                             填表人： 杨振华"]
["单位：江苏大力神管桩有限公司巨野分公司"]
["入库单号","品名","规格","数量","单位","单价","金额","供应商名称","联系方式","采购员","检验员","备注"]
["WIN008491","大扫把",null,10,"把",14,140,"巨野县金增百货商店",null,"张传朋","甘星允"]
[null,"小扫把",null,10,"把",7,70,"巨野县金增百货商店",null,"张传朋","甘星允"]
[null,"帮洁",null,15,"瓶",5,75,"巨野县金增百货商店",null,"张传朋","甘星允"]
["WIN008492","气缸","63*50",2,"个",55,110,"巨野县润润五金门市部",15764010540,"张传朋","甘星允"]
[null,"气缸底座","63#",9,"个",10,90,"巨野县润润五金门市部",15764010540,"张传朋","甘星允"]
[null,"金属垫片","65#",6,"个",3,18,"巨野县润润五金门市部",15764010540,"张传朋","甘星允"]
["WIN008493","焊条",3.2,2,"箱",100,200,"巨野县泗春五金机电门市部",13561346099,"张传朋","甘星允"]
["WIN008494","铁锨杆",null,12,"个",10,120,"巨野县嘉盛五金机电",18753016988,"张传朋","甘星允"]
[null,"铁锨头",null,12,"个",15,180,"巨野县嘉盛五金机电",18753016988,"张传朋","甘星允"]
["WIN008495","密封圈","FLK30*50*10",2,"个",4,8,"巨野县派龙工程机械门市部",18253019881,"张传朋","甘星允"]
[{"$nulls":6},0]
[{"$nulls":6},0]
[{"$nulls":6},0]
[{"$nulls":6},0]
[{"$nulls":6},0]
[{"$nulls":6},0]
[{"$nulls":6},0]
[{"$nulls":6},0]
[{"$nulls":6},0]
[{"$nulls":6},0]
[{"$nulls":6},0]
[{"$nulls":6},0]
[]
[{"$nulls":6},0]
[{"$nulls":6},0]
[{"$nulls":6},0]
[{"$nulls":6},0]
[{"$nulls":6},0]
[{"$nulls":6},0]
[{"$nulls":6},0]
[{"$nulls":6},0]
[{"$nulls":6},0]
[{"$nulls":6},0]
[{"$nulls":6},0]
[{"$nulls":6},0]
[{"$nulls":6},0]
[{"$nulls":6},0]
[{"$nulls":6},0]
[{"$nulls":6},0]
[{"$nulls":6},0]
[{"$nulls":6},0]
[{"$nulls":6},0]
[{"$nulls":6},0]
[{"$nulls":6},0]
[{"$nulls":6},0]
[{"$nulls":6},0]
[{"$nulls":6},0]
[{"$nulls":6},0]
[{"$nulls":6},0]
[{"$nulls":6},0]
[{"$nulls":6},0]
[{"$nulls":6},0]

{"sheet":"5.6","index":98,"n_rows":56,"n_cols":12,"rows_kept":56,"merged":[[0,0,0,11],[1,0,1,11],[2,0,2,11]],"flags":["formulas_cached_only"]}
["五金收料统计日报表"]
["日期： 2019  年 05月 6日                             填表人： 杨振华"]
["单位：江苏大力神管桩有限公司巨野分公司"]
["入库单号","品名","规格","数量","单位","单价","金额","供应商名称","联系方式","采购员","检验员","备注"]
["WIN008504","变压器","JMB-3000",1,"台",785,785,"邳州市电料总汇",null,"张传朋","甘星允"]
["WIN008505","电缆线","396+1",100,"米",16.45,1645,"邳州市电料总汇",null,"张传朋","甘星允"]
[null,"电缆线","3*4+1",1,"卷",1140,1140,"邳州市电料总汇",null,"张传朋","甘星允"]
[null,"铜芯线","6平方",100,"米",3.3,330,"邳州市电料总汇",null,"张传朋","甘星允"]
[{"$nulls":6},0]
[{"$nulls":6},0]
[{"$nulls":6},0]
[{"$nulls":6},0]
[{"$nulls":6},0]
[{"$nulls":6},0]
[{"$nulls":6},0]
[{"$nulls":6},0]
[{"$nulls":6},0]
[{"$nulls":6},0]
[{"$nulls":6},0]
[{"$nulls":6},0]
[{"$nulls":6},0]
[{"$nulls":6},0]
[{"$nulls":6},0]
[{"$nulls":6},0]
[{"$nulls":6},0]
[{"$nulls":6},0]
[{"$nulls":6},0]
[{"$nulls":6},0]
[{"$nulls":6},0]
[{"$nulls":6},0]
[{"$nulls":6},0]
[{"$nulls":6},0]
[{"$nulls":6},0]
[{"$nulls":6},0]
[{"$nulls":6},0]
[{"$nulls":6},0]
[{"$nulls":6},0]
[{"$nulls":6},0]
[{"$nulls":6},0]
[{"$nulls":6},0]
[{"$nulls":6},0]
[{"$nulls":6},0]
[{"$nulls":6},0]
[{"$nulls":6},0]
[{"$nulls":6},0]
[{"$nulls":6},0]
[{"$nulls":6},0]
[{"$nulls":6},0]
[{"$nulls":6},0]
[{"$nulls":6},0]
[{"$nulls":6},0]
[{"$nulls":6},0]
[{"$nulls":6},0]
[{"$nulls":6},0]
[{"$nulls":6},0]
[{"$nulls":6},0]